{"text_format":"3","workbook":"xlsx","n_sheets":3,"sheets":["DATOS EMPRESA","AQUI SU EMPRESA"," PRIORIZACION AQUI SU EMPRESA"],"not_rendered":{"defined_names":1},"read":"whole","date_system":"1900"}

{"sheet":"DATOS EMPRESA","index":0,"n_rows":4,"n_cols":9,"rows_kept":4,"hidden":true,"merged":[[0,0,2,11],[3,0,4,3],[3,4,4,7],[3,8,4,11]]}
["DATOS EMPRESA"]
[]
[]
["AQUÍ TU EMPRESA",{"$nulls":3},"FECHA:",{"$nulls":3},"CODIGO: "]

{"sheet":"AQUI SU EMPRESA","index":1,"n_rows":197,"n_cols":28,"rows_kept":197,"merged":[[0,0,0,4],[0,5,0,24],[0,25,0,27],[1,0,2,4],[1,5,2,11],[1,12,2,20],[1,21,2,21],[1,22,2,27],[3,0,4,0],[3,1,4,1],[3,2,4,2],[3,3,3,4],[3,5,4,5],[3,6,4,6],[3,7,4,7],[3,8,4,8],[3,9,3,11],[3,12,4,12],[3,13,4,13],[3,14,4,14],[3,15,4,15],[3,16,4,16],[3,17,4,17],[3,18,4,18],[3,19,4,19],[3,20,4,20],[3,21,4,21],[3,22,4,22],[3,23,4,23],[3,24,4,24],[3,25,4,25],[3,26,4,26],[3,27,4,27],[5,0,14,0],[5,1,14,1],[5,2,14,2],[5,3,6,3],[5,7,14,7],[7,3,9,3],[10,3,13,3],[15,0,24,0],[15,1,24,1],[15,2,24,2],[15,3,16,3],[15,7,24,7],[17,3,19,3],[20,3,23,3],[25,0,36,0],[25,1,36,1],[25,2,36,2],[25,3,26,3],[25,7,36,7],[27,3,30,3],[31,3,34,3],[35,3,36,3],[37,0,45,0],[37,1,45,1],[37,2,45,2],[37,3,38,3],[37,7,45,7],[39,3,42,3],[43,3,44,3],[46,0,56,0],[46,1,56,1],[46,2,56,2],[46,3,47,3],[46,7,56,7],[48,3,51,3],[52,3,55,3],[57,0,65,0],[57,1,65,1],[57,2,65,2],[57,3,58,3],[57,7,65,7],[59,3,62,3],[63,3,64,3],[66,0,74,0],[66,1,74,1],[66,2,74,2],[66,3,67,3],[66,7,74,7],[68,3,71,3],[72,3,73,3],[75,0,89,0],[75,1,89,1],[75,2,89,2],[75,3,76,3],[75,7,89,7],[77,3,81,3],[82,3,86,3],[88,3,89,3],[90,0,100,0],[90,1,100,1],[90,2,100,2],[90,3,91,3],[90,7,100,7],[93,3,95,3],[96,3,97,3],[98,3,100,3],[101,0,110,0],[101,1,110,1],[101,2,110,2],[101,3,102,3],[101,7,110,7],[103,3,104,3],[105,3,107,3],[108,3,109,3],[111,0,125,0],[111,1,125,1],[111,2,125,2],[111,3,113,3],[111,7,125,7],[114,3,118,3],[119,3,121,3],[122,3,123,3],[126,0,139,0],[126,1,139,1],[126,2,139,2],[126,3,128,3],[126,7,139,7],[129,3,133,3],[134,3,136,3],[137,3,138,3],[140,0,151,0],[140,1,151,1],[140,2,151,2],[140,3,141,3],[140,7,151,7],[142,3,144,3],[145,3,147,3],[148,3,150,3],[152,0,165,0],[152,1,165,1],[152,2,165,2],[152,3,154,3],[152,7,165,7],[155,3,159,3],[160,3,162,3],[163,3,164,3],[166,0,175,0],[166,1,175,1],[166,2,175,2],[166,3,167,3],[166,7,175,7],[168,3,171,3],[172,3,174,3],[176,0,187,0],[176,1,187,1],[176,2,187,2],[176,3,178,3],[176,7,187,7],[179,3,182,3],[183,3,185,3],[188,0,196,0],[188,1,196,1],[188,2,196,2],[188,3,189,3],[188,7,196,7],[190,3,193,3],[194,3,195,3]]}
["CODIGO : ANR-SST-001",{"$nulls":4},"FECHA: 26/03/2018"]
["AQUÍ SU EMPRESA",{"$nulls":4},"MATRIZ DE IDENTIFICACIÓN DE PELIGROS, EVALUACIÓN Y VALORACIÓN DE RIESGOS ",{"$nulls":6},"EVALUACIÓN DEL RIESGO",{"$nulls":8},"Valoración del riesgo","Medidas de Intervención"]
[]
["CARGOS","ACTIVIDADES","RUTINARIO\n","PELIGRO - FACTOR DE RIESGO",null,"FUENTE GENERADORA","EFECTO POSIBLE","NUMERO DE EXPUESTOS","PEOR CONSECUENCIA","CONTROLES EXISTENTES ",null,null,"Nivel de deficiencia (ND)","Nivel de exposición (NE)","Nivel de probabilidad (NDXNE)","Interpretación del Nivel de probabilidad (NP)","Significado del Nivel de Probabilidad","Nivel de Consecuencia (NC)","Nivel de riesgo (NR)","Interpretación del Nivel de Riesgo (NR).","Significado del Nivel de Riesgo (NR)","Aceptabilidad del Riesgo","ELIMINACIÓN","SUSTITUCIÓN","CONTROL DE INGENIERÍA","CONTROL ADMINISTRATIVO","EPP","SEGUIMIENTO/ RESPONSABLE"]
[{"$nulls":3},"CLASIFICACIÓN","DESCRIPCIÓN",{"$nulls":4},"FUENTE ","MEDIO","INDIVIDUO"]
["GERENCIA GENERAL/REPRESENTANTE LEGAL","Se desplaza a reuniones, visita clientes\nInspecciona que se realicen las pruebas de alcoholimetría \nAuditoria de procesos                                                                                                                                                                                                                                                                                                                                                             Toma decisiones, se desplaza a nivel nacional. \n","SI","BIOMECÁNICO","POSTURAS","Postura sedente prolongada durante el desarrollo actividades  de escritorio","Dolor dorsal y lumbar\nDolor en cuello y hombros\nAlteraciones osteomusculares\n",1,"Alteraciones osteomusculares\nAlteraciones vasculares en miembros inferiores","NO","NO","Exámenes ocupacionales periódicos ",2,3,{"$f":"M6*N6","v":6},{"$f":"+IF(AND(M6*N6>=24,M6*N6<=40),\"MA\",IF(AND(M6*N6>=10,M6*N6<=20),\"A\",IF(AND(M6*N6>=6,M6*N6<=8),\"M\",IF(AND(M6*N6>=0,M6*N6<=4),\"B\",\"\"))))","v":"M"},{"$f":"+IF(P6=\"MA\",\"Situación deficiente con exposición continua, o muy deficiente con exposición frecuente. Normalmente la materialización del riesgo ocurre con frecuencia.\",IF(P6=\"A\",\"Situación deficiente con exposición frecuente u ocasional, o bien situación muy deficiente con exposición ocasional o esporádica. La materialización de Riesgo es posible que suceda varias veces en la vida laboral\",IF(P6=\"M\",\"Situación deficiente con exposición esporádica, o bien situación mejorable con exposición continuada o frecuente. Es posible que suceda el daño alguna vez.\",IF(P6=\"B\",\"Situación mejorable con exposición ocasional o esporádica, o situación sin anomalía destacable con cualquier nivel de exposición. No es esperable que se materialice el riesgo, aunque puede ser concebible.\",\"\"))))","v":"Situación deficiente con exposición esporádica, o bien situación mejorable con exposición continuada o frecuente. Es posible que suceda el daño alguna vez."},25,{"$f":"O6*R6","v":150},{"$f":"+IF(AND(M6*N6*R6>=600,M6*N6*R6<=4000),\"I\",IF(AND(M6*N6*R6>=150,M6*N6*R6<=500),\"II\",IF(AND(M6*N6*R6>=40,M6*N6*R6<=120),\"III\",IF(AND(M6*N6*R6>=0,M6*N6*R6<=20),\"IV\",\"\"))))","v":"II"},{"$f":"+IF(T6=\"I\",\"Situación crìtica. Suspender actividades hasta que el riesgo esté bajo control. Intervención urgente.\",IF(T6=\"II\",\"Corregir y adoptar medidas de control de inmediato.\",IF(T6=\"III\",\"Mejorar si es posible. Sería conveniente justificar la intervención y su rentabilidad.\",IF(T6=\"IV\",\"Mantener las medidas de control existentes, pero se deberían considerar soluciones o mejoras y se deben hacer comprobaciones periódicas para asegurar que el riesgo aún es aceptable.\",\"\"))))","v":"Corregir y adoptar medidas de control de inmediato."},{"$f":"+IF(T6=\"I\",\"No Aceptable\",IF(T6=\"II\",\"No Aceptable o Aceptable con control específico\",IF(T6=\"III\",\"Mejorable\",IF(T6=\"IV\",\"Aceptable\",\"\"))))","v":"No Aceptable o Aceptable con control específico"},"N/A","N/A","Mantenimiento de sillas, Análisis de puestos de trabajo","Realizar exámenes ocupacionales periódicos con valoraciones osteomusculares.\n\nCapacitar en higiene postural y prevención de lesiones osteomusculares.\nRealizar análisis de puesto de trabajo para adecuarlo a las condiciones antropométricas del trabajador.","N/A","Directora de Talento Humano"]
[{"$nulls":4},"MOVIMIENTOS REPETITIVOS","Movimientos asociados al uso constante del computador para el desarrollo de las labores.","Síndrome de túnel del carpo\nFatiga muscular\nTensión lumbar y cervical\nEpicondilitis",null,"Síndrome del túnel del carpo","NO","NO","\nExámenes ocupacionales periódicos.",2,3,6,"M",{"$f":"+IF(P7=\"MA\",\"Situación deficiente con exposición continua, o muy deficiente con exposición frecuente. Normalmente la materialización del riesgo ocurre con frecuencia.\",IF(P7=\"A\",\"Situación deficiente con exposición frecuente u ocasional, o bien situación muy deficiente con exposición ocasional o esporádica. La materialización de Riesgo es posible que suceda varias veces en la vida laboral\",IF(P7=\"M\",\"Situación deficiente con exposición esporádica, o bien situación mejorable con exposición continuada o frecuente. Es posible que suceda el daño alguna vez.\",IF(P7=\"B\",\"Situación mejorable con exposición ocasional o esporádica, o situación sin anomalía destacable con cualquier nivel de exposición. No es esperable que se materialice el riesgo, aunque puede ser concebible.\",\"\"))))","v":"Situación deficiente con exposición esporádica, o bien situación mejorable con exposición continuada o frecuente. Es posible que suceda el daño alguna vez."},25,150,"II",{"$f":"+IF(T7=\"I\",\"Situación crìtica. Suspender actividades hasta que el riesgo esté bajo control. Intervención urgente.\",IF(T7=\"II\",\"Corregir y adoptar medidas de control de inmediato.\",IF(T7=\"III\",\"Mejorar si es posible. Sería conveniente justificar la intervención y su rentabilidad.\",IF(T7=\"IV\",\"Mantener las medidas de control existentes, pero se deberían considerar soluciones o mejoras y se deben hacer comprobaciones periódicas para asegurar que el riesgo aún es aceptable.\",\"\"))))","v":"Corregir y adoptar medidas de control de inmediato."},{"$f":"+IF(T7=\"I\",\"No Aceptable\",IF(T7=\"II\",\"No Aceptable o Aceptable con control específico\",IF(T7=\"III\",\"Mejorable\",IF(T7=\"IV\",\"Aceptable\",\"\"))))","v":"No Aceptable o Aceptable con control específico"},"N/A","N/A"," Análisis de puestos de trabajo con énfasis en el cargo","\nDesarrollar un programa de riesgo biomecánico que contemple la implementación de pausas activas y gimnasia laboral.  Articulado con un programa de estilos de vida y trabajo saludables.\nCapacitar en riesgo biomecánico y prevención de lesiones osteomusculares.\nRealizar exámenes ocupacionales periódicos con valoraciones osteomusculares.","N/A","Directora de Talento Humano"]
[{"$nulls":3},"FÍSICO","RADIACIONES NO IONIZANTES","Exposición a radiaciones no ionizantes por el uso frecuente del computador para el desarrollo de las actividades laborales y equipos de comunicación, luz ultravioleta por exposición a luz solar en espacios a cielo abierto.","Migraña\nFatiga visual",null,"Fatiga visual","NO","NO","Tiempos de descanso",2,2,4,"B","Situación mejorable con exposición ocasional o esporádica, o situación sin anomalía destacable con cualquier nivel de exposición. No es esperable que se materialice el riesgo, aunque puede ser concebible.",25,100,"III","Mejorar si es posible. Sería conveniente justificar la intervención y su rentabilidad.",{"$f":"+IF(T8=\"I\",\"No Aceptable\",IF(T8=\"II\",\"No Aceptable o Aceptable con control específico\",IF(T8=\"III\",\"Mejorable\",IF(T8=\"IV\",\"Aceptable\",\"\"))))","v":"Mejorable"},"N/A","N/A","N/A","Capacitación en riesgo físico.\nCapacitación en cuidado visual y estilos de vida saludables\nImplementar programa de pausas activas\nExámenes médicos ocupacionales periódicos","N/A","Directora de Talento Humano"]
[{"$nulls":4},"TEMPERATURAS","Percepción de calor  o frio de acuerdo al clima y horas del día  dentro de la oficina ","Rinitis\nDisconfort térmico\nBaja concentración y atención",null,"Disconfort térmico.","NO","NO","NO",2,2,4,"B","Situación mejorable con exposición ocasional o esporádica, o situación sin anomalía destacable con cualquier nivel de exposición. No es esperable que se materialice el riesgo, aunque puede ser concebible.",25,100,"III","Mejorar si es posible. Sería conveniente justificar la intervención y su rentabilidad.",{"$f":"+IF(T9=\"I\",\"No Aceptable\",IF(T9=\"II\",\"No Aceptable o Aceptable con control específico\",IF(T9=\"III\",\"Mejorable\",IF(T9=\"IV\",\"Aceptable\",\"\"))))","v":"Mejorable"},"N/A","N/A","N/A","Hacer mediciones Higiénicas de Confort Térmico","N/A","Directora de Talento Humano"]
[{"$nulls":4},"ILUMINACIÓN","Exceso  o falta de  iluminación artificial y luz natural  dentro de la oficina destinada para el cargo","Fatiga visual\nDeslumbramiento\nDistracción",null,"Fatiga visual","NO","NO","Descansos  y pausas en la actividad laboral.\nExámenes médicos ocupacionales periódicos.",2,3,6,"M","Situación deficiente con exposición esporádica, o bien situación mejorable con exposición continuada o frecuente. Es posible que suceda el daño alguna vez.",25,150,"II","Corregir y adoptar medidas de control de inmediato.","No Aceptable o Aceptable con control específico","N/A","N/A","Mantenimiento preventivo de las luminarias.","Hacer mediciones de Luxometria en cada puesto de trabajo\nRealizar exámenes médicos ocupacionales con valoraciones visuales.\nImplementar programa de pausas activas.\nCapacitar en cuidado visual.","N/A","Directora de Talento Humano"]
[{"$nulls":3},"CONDICIONES DE SEGURIDAD","MECÁNICO","Manejo de herramientas de oficina como grapadoras, perforadoras, ganchos legajadores y hojas.\nContacto con partes fijas o móviles de los muebles de oficina (Cajones).","Cortes, laceraciones.\nGolpes, contusiones.\nAtrapamientos leves.",null,"Cortes y laceraciones en manos y dedos.","NO","NO","NO",2,3,6,"M","Situación deficiente con exposición esporádica, o bien situación mejorable con exposición continuada o frecuente. Es posible que suceda el daño alguna vez.",25,150,"II","Corregir y adoptar medidas de control de inmediato.","No Aceptable o Aceptable con control específico","N/A","N/A","N/A","Capacitar en riesgo mecánico y sensibilizar en Autocuidado,\nCapacitación en prevención de accidentes y trabajo seguro.\nCapacitar en reporte de actos y condiciones inseguras.","N/A","Directora de Talento Humano"]
[{"$nulls":4},"ACCIDENTES DE TRÁNSITO","En traslados en vehículo fuera de su lugar de trabajo y reuniones a nivel nacional se expone al riesgo por accidente de tránsito, esto por la circulación del vehículo en corredores  y vías publicas.","Muerte.\nGolpes, contusiones, \npolitraumatismos.\nFracturas de huesos largos y cortos.\nTrauma cráneo cefálico de moderado a severo.",null,"Muerte","NO","Revisión técnico mecánica de los vehículos y motocicletas.\nLegislación nacional vigente en materia de tránsito.\nSOAT.\nRevisión de documentación pre operativa.\nInspecciones pre operacionales de los vehículos, Implementación del PESV","Capacitación en seguridad vial.\nLicencia de conducción vigente.",6,3,18,"A","Situación deficiente con exposición frecuente u ocasional, o bien situación muy deficiente con exposición ocasional o esporádica. La materialización de Riesgo es posible que suceda varias veces en la vida laboral",100,1800,"I","Situación crìtica. Suspender actividades hasta que el riesgo esté bajo control. Intervención urgente.","No Aceptable","N/A","N/A","Mantenimiento preventivo de los vehículos.\nMantenimiento preventivo de la señalización de tránsito interna.","Capacitar en seguridad vial y manejo defensivo.\nImplementar programa de seguridad vial.\nMantener monitoreo por parte de operaciones.\nRevisión de documentación pre operativa.\nDesarrollar actividades lúdicas de seguridad vial dentro de las instalaciones.\nCapacitar en primeros auxilios.\nContinuar con la inspección pre operacional de los vehículos.\nCapacitar en reporte de actos y condiciones inseguras.\nGarantizar tiempos de descanso efectivos en el trabajador.","N/A","Directora de Talento Humano"]
[{"$nulls":4},"PÚBLICO","Durante desplazamientos  a diferentes puntos de control y reuniones a nivel nacional se expone a ser victima de grupos al margen de la ley.","Heridas. Agresiones física o verbales. Golpes. Secuestro. Muerte.",null,"Muerte","NO","Monitoreo de los vehículos.\nComunicación con operaciones.\nBotón de alarma.","NO",6,3,18,"A","Situación deficiente con exposición frecuente u ocasional, o bien situación muy deficiente con exposición ocasional o esporádica. La materialización de Riesgo es posible que suceda varias veces en la vida laboral",100,1800,"I","Situación crìtica. Suspender actividades hasta que el riesgo esté bajo control. Intervención urgente.","No Aceptable","N/A","N/A","N/A","Capacitación en riesgo público\nDivulgar las acciones y recomendaciones en caso de emergencia, establecer un sitio donde el personal encuentre los números de emergencia \nReportar cualquier situación sospechosa a la autoridad competente.\nGarantizar medio de comunicación permanente con la policía Nacional .\nRespuesta al botón de alarma.\nCapacitar en servicio al cliente.\nCapacitar en manejo del estrés, resolución de conflictos y comunicación asertiva.","N/A","Directora de Talento Humano"]
[{"$nulls":4},"LOCATIVO","Presencia de cables sueltos bajo el puesto\nPresencia de superficies irregulares en el transporte entre los 3 pisos administrativos , incluyendo el uso de escaleras para acceder a al tercer piso de su oficina, pisos  resbalosos ","Caídas desde el mismo nivel. \nContusiones.  Laceraciones.  Esguinces.\nFracturas.",null,"Fracturas","NO","Se ejecutan Inspecciones de instalaciones","NO",2,3,6,"M","Situación deficiente con exposición esporádica, o bien situación mejorable con exposición continuada o frecuente. Es posible que suceda el daño alguna vez.",25,150,"II","Corregir y adoptar medidas de control de inmediato.","No Aceptable o Aceptable con control específico","N/A","N/A","Entorchado de cables.\nMantenimiento preventivo de las instalaciones.","Capacitar al trabajador en prevención de accidentes y autocuidado\nRealizar inspecciones de seguridad.\nImplementar programas de riesgo locativo (Orden y Aseo).\nCapacitar en prevención de caídas del mismo nivel.","N/A","Directora de Talento Humano"]
[{"$nulls":3},"PSICOSOCIAL","CONDICIONES DE LA TAREA","Demandas emocionales producidas por el cargo de gerencia general de la compañía COONTRASZIPA.","Ansiedad\nEstrés laboral\nDesconcentración\nTrastornos de sueño\n",null,"Estrés laboral\nSíndrome de burnout","NO","NO","No se ha realizado medición riesgo psicosocial , no se ha realizado intervención.",2,3,6,"M","Situación deficiente con exposición esporádica, o bien situación mejorable con exposición continuada o frecuente. Es posible que suceda el daño alguna vez.",25,150,"II","Corregir y adoptar medidas de control de inmediato.","No Aceptable o Aceptable con control específico","N/A","N/A","N/A","Desarrollar proceso de aplicación de la batería de riesgo psicosocial.\nDesarrollar programas de gimnasia laboral, que permitan romper la monotonía de las actividades.\nRealizar capacitaciones en manejo del estrés.\nCapacitar en liderazgo, comunicación asertiva y servicio al cliente.\nDesarrollar programa de estilos de vida y trabajo saludables, que estén vinculados con actividades de las cajas de compensación en prevención y promoción.\nRealizar capacitaciones en prevención del consumo de sustancias psicoactivas (bebidas con cafeína y consumo de tabaco).","N/A","Directora de Talento Humano"]
["JEFE DE NOMINA","Supervisa estado de: nominas, liquidaciones, ingresos, retiros, pago seguridad social.\nApoya en capacitaciones.                                                                                                                                                                                                                                                                                                                       Desplazamiento en apoyo a capacitaciones.","SI","BIOMECÁNICO","POSTURAS","Postura sedente prolongada durante el desarrollo actividades  de escritorio","Dolor dorsal y lumbar\nDolor en cuello y hombros\nAlteraciones osteomusculares\n",1,"Alteraciones osteomusculares\nAlteraciones vasculares en miembros inferiores","NO","NO","Exámenes ocupacionales periódicos ",2,3,{"$f":"M16*N16","v":6},{"$f":"+IF(AND(M16*N16>=24,M16*N16<=40),\"MA\",IF(AND(M16*N16>=10,M16*N16<=20),\"A\",IF(AND(M16*N16>=6,M16*N16<=8),\"M\",IF(AND(M16*N16>=0,M16*N16<=4),\"B\",\"\"))))","v":"M"},{"$f":"+IF(P16=\"MA\",\"Situación deficiente con exposición continua, o muy deficiente con exposición frecuente. Normalmente la materialización del riesgo ocurre con frecuencia.\",IF(P16=\"A\",\"Situación deficiente con exposición frecuente u ocasional, o bien situación muy deficiente con exposición ocasional o esporádica. La materialización de Riesgo es posible que suceda varias veces en la vida laboral\",IF(P16=\"M\",\"Situación deficiente con exposición esporádica, o bien situación mejorable con exposición continuada o frecuente. Es posible que suceda el daño alguna vez.\",IF(P16=\"B\",\"Situación mejorable con exposición ocasional o esporádica, o situación sin anomalía destacable con cualquier nivel de exposición. No es esperable que se materialice el riesgo, aunque puede ser concebible.\",\"\"))))","v":"Situación deficiente con exposición esporádica, o bien situación mejorable con exposición continuada o frecuente. Es posible que suceda el daño alguna vez."},25,150,{"$f":"+IF(AND(M16*N16*R16>=600,M16*N16*R16<=4000),\"I\",IF(AND(M16*N16*R16>=150,M16*N16*R16<=500),\"II\",IF(AND(M16*N16*R16>=40,M16*N16*R16<=120),\"III\",IF(AND(M16*N16*R16>=0,M16*N16*R16<=20),\"IV\",\"\"))))","v":"II"},{"$f":"+IF(T16=\"I\",\"Situación crìtica. Suspender actividades hasta que el riesgo esté bajo control. Intervención urgente.\",IF(T16=\"II\",\"Corregir y adoptar medidas de control de inmediato.\",IF(T16=\"III\",\"Mejorar si es posible. Sería conveniente justificar la intervención y su rentabilidad.\",IF(T16=\"IV\",\"Mantener las medidas de control existentes, pero se deberían considerar soluciones o mejoras y se deben hacer comprobaciones periódicas para asegurar que el riesgo aún es aceptable.\",\"\"))))","v":"Corregir y adoptar medidas de control de inmediato."},{"$f":"+IF(T16=\"I\",\"No Aceptable\",IF(T16=\"II\",\"No Aceptable o Aceptable con control específico\",IF(T16=\"III\",\"Mejorable\",IF(T16=\"IV\",\"Aceptable\",\"\"))))","v":"No Aceptable o Aceptable con control específico"},"N/A","N/A","Mantenimiento de sillas, Análisis de puestos de trabajo","Realizar exámenes ocupacionales periódicos con valoraciones osteomusculares.\n\nCapacitar en higiene postural y prevención de lesiones osteomusculares.\nRealizar análisis de puesto de trabajo para adecuarlo a las condiciones antropométricas del trabajador.","N/A","Directora de Talento Humano"]
[{"$nulls":4},"MOVIMIENTOS REPETITIVOS","Movimientos asociados al uso constante del computador para el desarrollo de las labores.","Síndrome de túnel del carpo\nFatiga muscular\nTensión lumbar y cervical\nEpicondilitis",null,"Síndrome del túnel del carpo","NO","NO","\nExámenes ocupacionales periódicos.",2,3,6,"M",{"$f":"+IF(P17=\"MA\",\"Situación deficiente con exposición continua, o muy deficiente con exposición frecuente. Normalmente la materialización del riesgo ocurre con frecuencia.\",IF(P17=\"A\",\"Situación deficiente con exposición frecuente u ocasional, o bien situación muy deficiente con exposición ocasional o esporádica. La materialización de Riesgo es posible que suceda varias veces en la vida laboral\",IF(P17=\"M\",\"Situación deficiente con exposición esporádica, o bien situación mejorable con exposición continuada o frecuente. Es posible que suceda el daño alguna vez.\",IF(P17=\"B\",\"Situación mejorable con exposición ocasional o esporádica, o situación sin anomalía destacable con cualquier nivel de exposición. No es esperable que se materialice el riesgo, aunque puede ser concebible.\",\"\"))))","v":"Situación deficiente con exposición esporádica, o bien situación mejorable con exposición continuada o frecuente. Es posible que suceda el daño alguna vez."},25,150,"II",{"$f":"+IF(T17=\"I\",\"Situación crìtica. Suspender actividades hasta que el riesgo esté bajo control. Intervención urgente.\",IF(T17=\"II\",\"Corregir y adoptar medidas de control de inmediato.\",IF(T17=\"III\",\"Mejorar si es posible. Sería conveniente justificar la intervención y su rentabilidad.\",IF(T17=\"IV\",\"Mantener las medidas de control existentes, pero se deberían considerar soluciones o mejoras y se deben hacer comprobaciones periódicas para asegurar que el riesgo aún es aceptable.\",\"\"))))","v":"Corregir y adoptar medidas de control de inmediato."},{"$f":"+IF(T17=\"I\",\"No Aceptable\",IF(T17=\"II\",\"No Aceptable o Aceptable con control específico\",IF(T17=\"III\",\"Mejorable\",IF(T17=\"IV\",\"Aceptable\",\"\"))))","v":"No Aceptable o Aceptable con control específico"},"N/A","N/A"," Análisis de puestos de trabajo con énfasis en el cargo","\nDesarrollar un programa de riesgo biomecánico que contemple la implementación de pausas activas y gimnasia laboral.  Articulado con un programa de estilos de vida y trabajo saludables.\nCapacitar en riesgo biomecánico y prevención de lesiones osteomusculares.\nRealizar exámenes ocupacionales periódicos con valoraciones osteomusculares.","N/A","Directora de Talento Humano"]
[{"$nulls":3},"FÍSICO","RADIACIONES NO IONIZANTES","Exposición a radiaciones no ionizantes por el uso frecuente del computador para el desarrollo de las actividades laborales y equipos de comunicación","Migraña\nFatiga visual",null,"Fatiga visual","NO","NO","Tiempos de descanso",2,2,4,"B","Situación mejorable con exposición ocasional o esporádica, o situación sin anomalía destacable con cualquier nivel de exposición. No es esperable que se materialice el riesgo, aunque puede ser concebible.",25,100,"III","Mejorar si es posible. Sería conveniente justificar la intervención y su rentabilidad.",{"$f":"+IF(T18=\"I\",\"No Aceptable\",IF(T18=\"II\",\"No Aceptable o Aceptable con control específico\",IF(T18=\"III\",\"Mejorable\",IF(T18=\"IV\",\"Aceptable\",\"\"))))","v":"Mejorable"},"N/A","N/A","N/A","Capacitación en riesgo físico.\nCapacitación en cuidado visual y estilos de vida saludables\nImplementar programa de pausas activas\nExámenes médicos ocupacionales periódicos","N/A","Directora de Talento Humano"]
[{"$nulls":4},"TEMPERATURAS","Percepción de calor  o frio de acuerdo al clima y horas del día  dentro de la oficina ","Rinitis\nDisconfort térmico\nBaja concentración y atención",null,"Disconfort térmico.","NO","NO","NO",2,2,4,"B","Situación mejorable con exposición ocasional o esporádica, o situación sin anomalía destacable con cualquier nivel de exposición. No es esperable que se materialice el riesgo, aunque puede ser concebible.",25,100,"III","Mejorar si es posible. Sería conveniente justificar la intervención y su rentabilidad.",{"$f":"+IF(T19=\"I\",\"No Aceptable\",IF(T19=\"II\",\"No Aceptable o Aceptable con control específico\",IF(T19=\"III\",\"Mejorable\",IF(T19=\"IV\",\"Aceptable\",\"\"))))","v":"Mejorable"},"N/A","N/A","N/A","Hacer mediciones Higiénicas de Confort Térmico","N/A","Directora de Talento Humano"]
[{"$nulls":4},"ILUMINACIÓN","Exceso  o falta de  iluminación artificial y luz natural  dentro de la oficina destinada para el cargo","Fatiga visual\nDeslumbramiento\nDistracción",null,"Fatiga visual","NO","NO","Descansos  y pausas en la actividad laboral.\nExámenes médicos ocupacionales periódicos.",2,3,6,"M","Situación deficiente con exposición esporádica, o bien situación mejorable con exposición continuada o frecuente. Es posible que suceda el daño alguna vez.",25,150,"II","Corregir y adoptar medidas de control de inmediato.","No Aceptable o Aceptable con control específico","N/A","N/A","Mantenimiento preventivo de las luminarias.","Hacer mediciones de Luxometria en cada puesto de trabajo\nRealizar exámenes médicos ocupacionales con valoraciones visuales.\nImplementar programa de pausas activas.\nCapacitar en cuidado visual.","N/A","Directora de Talento Humano"]
[{"$nulls":3},"CONDICIONES DE SEGURIDAD","MECÁNICO","Manejo de herramientas de oficina como grapadoras, perforadoras, ganchos legajadores y hojas.\nContacto con partes fijas o móviles de los muebles de oficina (Cajones).","Cortes, laceraciones.\nGolpes, contusiones.\nAtrapamientos leves.",null,"Cortes y laceraciones en manos y dedos.","NO","NO","NO",2,3,6,"M","Situación deficiente con exposición esporádica, o bien situación mejorable con exposición continuada o frecuente. Es posible que suceda el daño alguna vez.",25,150,"II","Corregir y adoptar medidas de control de inmediato.","No Aceptable o Aceptable con control específico","N/A","N/A","N/A","Capacitar en riesgo mecánico y sensibilizar en Autocuidado,\nCapacitación en prevención de accidentes y trabajo seguro.\nCapacitar en reporte de actos y condiciones inseguras.","N/A","Directora de Talento Humano"]
[{"$nulls":4},"ACCIDENTES DE TRÁNSITO","En traslados en vehículo para supervisión en terreno se expone al riesgo por accidente de tránsito, esto por la circulación del vehículo en corredores  y vías publicas","Muerte.\nGolpes, contusiones, \npolitraumatismos.\nFracturas de huesos largos y cortos.\nTrauma cráneo cefálico de moderado a severo.",null,"Muerte","NO","Revisión técnico mecánica de los vehículos y motocicletas.\nLegislación nacional vigente en materia de tránsito.\nSOAT.\nRevisión de documentación pre operativa.\nInspecciones pre operacionales de los vehículos, Implementación del PESV","Capacitación en seguridad vial.\nLicencia de conducción vigente.",6,3,18,"A","Situación deficiente con exposición frecuente u ocasional, o bien situación muy deficiente con exposición ocasional o esporádica. La materialización de Riesgo es posible que suceda varias veces en la vida laboral",100,1800,"I","Situación crìtica. Suspender actividades hasta que el riesgo esté bajo control. Intervención urgente.","No Aceptable","N/A","N/A","Mantenimiento preventivo de los vehículos.\nMantenimiento preventivo de la señalización de tránsito interna.","Capacitar en seguridad vial y manejo defensivo.\nImplementar programa de seguridad vial.\nMantener monitoreo por parte de operaciones.\nRevisión de documentación pre operativa.\nDesarrollar actividades lúdicas de seguridad vial dentro de las instalaciones.\nCapacitar en primeros auxilios.\nContinuar con la inspección pre operacional de los vehículos.\nCapacitar en reporte de actos y condiciones inseguras.\nGarantizar tiempos de descanso efectivos en el trabajador.","N/A","Directora de Talento Humano"]
[{"$nulls":4},"PÚBLICO","Durante desplazamientos  a diferentes puntos de control se expone a ser victima de grupos al margen de la ley.","Heridas. Agresiones física o verbales. Golpes. Secuestro. Muerte.",null,"Muerte","NO","Monitoreo de los vehículos.\nComunicación con operaciones.\nBotón de alarma.","NO",6,3,18,"A","Situación deficiente con exposición frecuente u ocasional, o bien situación muy deficiente con exposición ocasional o esporádica. La materialización de Riesgo es posible que suceda varias veces en la vida laboral",100,1800,"I","Situación crìtica. Suspender actividades hasta que el riesgo esté bajo control. Intervención urgente.","No Aceptable","N/A","N/A","N/A","Capacitación en riesgo público\nDivulgar las acciones y recomendaciones en caso de emergencia, establecer un sitio donde el personal encuentre los números de emergencia \nReportar cualquier situación sospechosa a la autoridad competente.\nGarantizar medio de comunicación permanente con la policía Nacional .\nRespuesta al botón de alarma.\nCapacitar en servicio al cliente.\nCapacitar en manejo del estrés, resolución de conflictos y comunicación asertiva.","N/A","Directora de Talento Humano"]
[{"$nulls":4},"LOCATIVO","Presencia de cables sueltos bajo el puesto\nPresencia de superficies irregulares en el transporte entre los 3 pisos administrativos.","Caídas desde el mismo nivel. \nContusiones.  Laceraciones.  Esguinces.\nFracturas.",null,"Fracturas","NO","Se ejecutan Inspecciones de instalaciones","NO",2,3,6,"M","Situación deficiente con exposición esporádica, o bien situación mejorable con exposición continuada o frecuente. Es posible que suceda el daño alguna vez.",25,150,"II","Corregir y adoptar medidas de control de inmediato.","No Aceptable o Aceptable con control específico","N/A","N/A","Entorchado de cables.\nMantenimiento preventivo de las instalaciones.","Capacitar al trabajador en prevención de accidentes y autocuidado\nRealizar inspecciones de seguridad.\nImplementar programas de riesgo locativo (Orden y Aseo).\nCapacitar en prevención de caídas del mismo nivel.","N/A","Directora de Talento Humano"]
[{"$nulls":3},"PSICOSOCIAL","CONDICIONES DE LA TAREA","Demandas emocionales producidas por el manejo de personal.","Ansiedad\nEstrés laboral\nDesconcentración\nTrastornos de sueño\n",null,"Estrés laboral\nSíndrome de burnout","NO","NO","No se ha realizado medición riesgo psicosocial , no se ha realizado intervención.",2,3,6,"M","Situación deficiente con exposición esporádica, o bien situación mejorable con exposición continuada o frecuente. Es posible que suceda el daño alguna vez.",25,150,"II","Corregir y adoptar medidas de control de inmediato.","No Aceptable o Aceptable con control específico","N/A","N/A","N/A","Desarrollar proceso de aplicación de la batería de riesgo psicosocial.\nDesarrollar programas de gimnasia laboral, que permitan romper la monotonía de las actividades.\nRealizar capacitaciones en manejo del estrés.\nCapacitar en liderazgo, comunicación asertiva y servicio al cliente.\nDesarrollar programa de estilos de vida y trabajo saludables, que estén vinculados con actividades de las cajas de compensación en prevención y promoción.\nRealizar capacitaciones en prevención del consumo de sustancias psicoactivas (bebidas con cafeína y consumo de tabaco).","N/A","Directora de Talento Humano"]
["CONTADOR","Elabora liquidación impuestos\nManejo presupuesto de la cooperativa                                                                                                                                                                                                                                                                          Se desplaza a reuniones.","SI","BIOMECÁNICO","POSTURAS","Postura sedente prolongada durante el desarrollo actividades  de escritorio","Dolor dorsal y lumbar\nDolor en cuello y hombros\nAlteraciones osteomusculares\n",1,"Alteraciones osteomusculares\nAlteraciones vasculares en miembros inferiores","NO","NO","Exámenes ocupacionales periódicos",2,3,6,"M",{"$f":"+IF(P26=\"MA\",\"Situación deficiente con exposición continua, o muy deficiente con exposición frecuente. Normalmente la materialización del riesgo ocurre con frecuencia.\",IF(P26=\"A\",\"Situación deficiente con exposición frecuente u ocasional, o bien situación muy deficiente con exposición ocasional o esporádica. La materialización de Riesgo es posible que suceda varias veces en la vida laboral\",IF(P26=\"M\",\"Situación deficiente con exposición esporádica, o bien situación mejorable con exposición continuada o frecuente. Es posible que suceda el daño alguna vez.\",IF(P26=\"B\",\"Situación mejorable con exposición ocasional o esporádica, o situación sin anomalía destacable con cualquier nivel de exposición. No es esperable que se materialice el riesgo, aunque puede ser concebible.\",\"\"))))","v":"Situación deficiente con exposición esporádica, o bien situación mejorable con exposición continuada o frecuente. Es posible que suceda el daño alguna vez."},25,150,"II",{"$f":"+IF(T26=\"I\",\"Situación crìtica. Suspender actividades hasta que el riesgo esté bajo control. Intervención urgente.\",IF(T26=\"II\",\"Corregir y adoptar medidas de control de inmediato.\",IF(T26=\"III\",\"Mejorar si es posible. Sería conveniente justificar la intervención y su rentabilidad.\",IF(T26=\"IV\",\"Mantener las medidas de control existentes, pero se deberían considerar soluciones o mejoras y se deben hacer comprobaciones periódicas para asegurar que el riesgo aún es aceptable.\",\"\"))))","v":"Corregir y adoptar medidas de control de inmediato."},{"$f":"+IF(T26=\"I\",\"No Aceptable\",IF(T26=\"II\",\"No Aceptable o Aceptable con control específico\",IF(T26=\"III\",\"Mejorable\",IF(T26=\"IV\",\"Aceptable\",\"\"))))","v":"No Aceptable o Aceptable con control específico"},"N/A","N/A","Mantenimiento de sillas, Análisis de puestos de trabajo","Realizar exámenes ocupacionales periódicos con valoraciones osteomusculares.\n\nCapacitar en higiene postural y prevención de lesiones osteomusculares.\nRealizar análisis de puesto de trabajo para adecuarlo a las condiciones antropométricas del trabajador.","N/A","Directora de Talento Humano"]
[{"$nulls":4},"MOVIMIENTOS REPETITIVOS","Movimientos asociados al uso constante del computador para el desarrollo de las labores.","Síndrome de túnel del carpo\nFatiga muscular\nTensión lumbar y cervical\nEpicondilitis",null,"Síndrome del túnel del carpo","NO","NO","\nExámenes ocupacionales periódicos.",2,3,6,"M",{"$f":"+IF(P27=\"MA\",\"Situación deficiente con exposición continua, o muy deficiente con exposición frecuente. Normalmente la materialización del riesgo ocurre con frecuencia.\",IF(P27=\"A\",\"Situación deficiente con exposición frecuente u ocasional, o bien situación muy deficiente con exposición ocasional o esporádica. La materialización de Riesgo es posible que suceda varias veces en la vida laboral\",IF(P27=\"M\",\"Situación deficiente con exposición esporádica, o bien situación mejorable con exposición continuada o frecuente. Es posible que suceda el daño alguna vez.\",IF(P27=\"B\",\"Situación mejorable con exposición ocasional o esporádica, o situación sin anomalía destacable con cualquier nivel de exposición. No es esperable que se materialice el riesgo, aunque puede ser concebible.\",\"\"))))","v":"Situación deficiente con exposición esporádica, o bien situación mejorable con exposición continuada o frecuente. Es posible que suceda el daño alguna vez."},25,{"$f":"O27*R27","v":150},"II",{"$f":"+IF(T27=\"I\",\"Situación crìtica. Suspender actividades hasta que el riesgo esté bajo control. Intervención urgente.\",IF(T27=\"II\",\"Corregir y adoptar medidas de control de inmediato.\",IF(T27=\"III\",\"Mejorar si es posible. Sería conveniente justificar la intervención y su rentabilidad.\",IF(T27=\"IV\",\"Mantener las medidas de control existentes, pero se deberían considerar soluciones o mejoras y se deben hacer comprobaciones periódicas para asegurar que el riesgo aún es aceptable.\",\"\"))))","v":"Corregir y adoptar medidas de control de inmediato."},{"$f":"+IF(T27=\"I\",\"No Aceptable\",IF(T27=\"II\",\"No Aceptable o Aceptable con control específico\",IF(T27=\"III\",\"Mejorable\",IF(T27=\"IV\",\"Aceptable\",\"\"))))","v":"No Aceptable o Aceptable con control específico"},"N/A","N/A"," Análisis de puestos de trabajo con énfasis en el cargo","\nDesarrollar un programa de riesgo biomecánico que contemple la implementación de pausas activas y gimnasia laboral.  Articulado con un programa de estilos de vida y trabajo saludables.\nCapacitar en riesgo biomecánico y prevención de lesiones osteomusculares.\nRealizar exámenes ocupacionales periódicos con valoraciones osteomusculares.","N/A","Directora de Talento Humano"]
[{"$nulls":3},"FÍSICO","RADIACIONES NO IONIZANTES","Exposición a radiaciones no ionizantes por el uso frecuente del computador para el desarrollo de las actividades laborales y equipos de comunicación","Migraña\nFatiga visual",null,"Fatiga visual","NO","NO","Tiempos de descanso",2,2,4,"B","Situación mejorable con exposición ocasional o esporádica, o situación sin anomalía destacable con cualquier nivel de exposición. No es esperable que se materialice el riesgo, aunque puede ser concebible.",25,100,"III","Mejorar si es posible. Sería conveniente justificar la intervención y su rentabilidad.",{"$f":"+IF(T28=\"I\",\"No Aceptable\",IF(T28=\"II\",\"No Aceptable o Aceptable con control específico\",IF(T28=\"III\",\"Mejorable\",IF(T28=\"IV\",\"Aceptable\",\"\"))))","v":"Mejorable"},"N/A","N/A","N/A","Capacitación en riesgo físico.\nCapacitación en cuidado visual y estilos de vida saludables\nImplementar programa de pausas activas\nExámenes médicos ocupacionales periódicos","N/A","Directora de Talento Humano"]
[{"$nulls":4},"RUIDO","Ruido leve  ocasionado por exceso de personas en una misma área , transito constante de personal , espacios de trabajo reducidos","Trauma Auditivo\nOtitis no infecciosa\nReducción temporal del  umbral auditivo",null,"Otitis no infecciosa","NO","NO","Exámenes Ocupacionales Periódicos.",2,4,8,"M","Situación deficiente con exposición esporádica, o bien situación mejorable con exposición continuada o frecuente. Es posible que suceda el daño alguna vez.",25,200,"II","Corregir y adoptar medidas de control de inmediato.",{"$f":"+IF(T29=\"I\",\"No Aceptable\",IF(T29=\"II\",\"No Aceptable o Aceptable con control específico\",IF(T29=\"III\",\"Mejorable\",IF(T29=\"IV\",\"Aceptable\",\"\"))))","v":"No Aceptable o Aceptable con control específico"},"N/A","N/A","N/A","Realizar estudios de Sonometría y Dosimetría en las instalaciones administrativas y operativas\nCapacitación en riesgo físico por ruido.\nCapacitación en cuidado auditivo.\nRealizar exámenes ocupacionales (ingreso, periódicos y de retiro)  con pruebas de audiometría.\nImplementar programa de pausas activas.","N/A","Directora de Talento Humano"]
[{"$nulls":4},"TEMPERATURAS","Percepción de calor  o frio de acuerdo al clima y horas del día  dentro de la oficina ","Rinitis\nDisconfort térmico\nBaja concentración y atención",null,"Disconfort térmico.","NO","NO","NO",2,2,4,"B","Situación mejorable con exposición ocasional o esporádica, o situación sin anomalía destacable con cualquier nivel de exposición. No es esperable que se materialice el riesgo, aunque puede ser concebible.",25,100,"III","Mejorar si es posible. Sería conveniente justificar la intervención y su rentabilidad.","Mejorable","N/A","N/A","N/A","Hacer mediciones Higiénicas de Confort Térmico","N/A","Directora de Talento Humano"]
[{"$nulls":4},"ILUMINACIÓN","Exceso  o falta de  iluminación artificial y luz natural  dentro de   la oficina destinada para el cargo","Fatiga visual\nDeslumbramiento\nDistracción",null,"Fatiga visual","NO","NO","Descansos  y pausas en la actividad laboral.\nExámenes médicos ocupacionales periódicos.",2,3,6,"M","Situación deficiente con exposición esporádica, o bien situación mejorable con exposición continuada o frecuente. Es posible que suceda el daño alguna vez.",25,150,"II","Corregir y adoptar medidas de control de inmediato.","No Aceptable o Aceptable con control específico","N/A","N/A","Mantenimiento preventivo de las luminarias.","Hacer mediciones de Luxometria en cada puesto de trabajo\nRealizar exámenes médicos ocupacionales con valoraciones visuales.\nImplementar programa de pausas activas.\nCapacitar en cuidado visual.","N/A","Directora de Talento Humano"]
[{"$nulls":3},"CONDICIONES DE SEGURIDAD","MECÁNICO","Manejo de herramientas de oficina como grapadoras, perforadoras, ganchos legajadores y hojas.\nContacto con partes fijas o móviles de los muebles de oficina (Cajones).","Cortes, laceraciones.\nGolpes, contusiones.\nAtrapamientos leves.",null,"Cortes y laceraciones en manos y dedos.","NO","NO","NO",2,3,6,"M","Situación deficiente con exposición esporádica, o bien situación mejorable con exposición continuada o frecuente. Es posible que suceda el daño alguna vez.",25,150,"II","Corregir y adoptar medidas de control de inmediato.","No Aceptable o Aceptable con control específico","N/A","N/A","N/A","Capacitar en riesgo mecánico y sensibilizar en Autocuidado,\nCapacitación en prevención de accidentes y trabajo seguro.\nCapacitar en reporte de actos y condiciones inseguras.","N/A","Directora de Talento Humano"]
[{"$nulls":4},"ACCIDENTES DE TRÁNSITO","En traslado a reuniones se expone al riesgo por accidente de tránsito, esto por la circulación del vehículo en corredores  y vías publicas","Muerte.\nGolpes, contusiones, \npolitraumatismos.\nFracturas de huesos largos y cortos.\nTrauma cráneo cefálico de moderado a severo.",null,"Muerte","NO","Revisión técnico mecánica de los vehículos y motocicletas.\nLegislación nacional vigente en materia de tránsito.\nSOAT.\nRevisión de documentación pre operativa.\nInspecciones pre operacionales de los vehículos, Implementación del PESV","Capacitación en seguridad vial.\nLicencia de conducción vigente.",6,3,{"$f":"M33*N33","v":18},{"$f":"+IF(AND(M33*N33>=24,M33*N33<=40),\"MA\",IF(AND(M33*N33>=10,M33*N33<=20),\"A\",IF(AND(M33*N33>=6,M33*N33<=8),\"M\",IF(AND(M33*N33>=0,M33*N33<=4),\"B\",\"\"))))","v":"A"},"Situación deficiente con exposición frecuente u ocasional, o bien situación muy deficiente con exposición ocasional o esporádica. La materialización de Riesgo es posible que suceda varias veces en la vida laboral",100,{"$f":"O33*R33","v":1800},{"$f":"+IF(AND(M33*N33*R33>=600,M33*N33*R33<=4000),\"I\",IF(AND(M33*N33*R33>=150,M33*N33*R33<=500),\"II\",IF(AND(M33*N33*R33>=40,M33*N33*R33<=120),\"III\",IF(AND(M33*N33*R33>=0,M33*N33*R33<=20),\"IV\",\"\"))))","v":"I"},"Situación crìtica. Suspender actividades hasta que el riesgo esté bajo control. Intervención urgente.","No Aceptable","N/A","N/A","Mantenimiento preventivo de los vehículos.\nMantenimiento preventivo de la señalización de tránsito interna.","Capacitar en seguridad vial y manejo defensivo.\nImplementar programa de seguridad vial.\nMantener monitoreo por parte de operaciones.\nRevisión de documentación pre operativa.\nDesarrollar actividades lúdicas de seguridad vial dentro de las instalaciones.\nCapacitar en primeros auxilios.\nContinuar con la inspección pre operacional de los vehículos.\nCapacitar en reporte de actos y condiciones inseguras.\nGarantizar tiempos de descanso efectivos en el trabajador.","N/A","Directora de Talento Humano"]
[{"$nulls":4},"PÚBLICO","Durante desplazamientos  a reuniones se expone a ser victima de grupos al margen de la ley.","Heridas. Agresiones física o verbales. Golpes. Secuestro. Muerte.",null,"Muerte","NO","Monitoreo de los vehículos.\nComunicación con operaciones.\nBotón de alarma.","NO",6,3,{"$f":"M34*N34","v":18},{"$f":"+IF(AND(M34*N34>=24,M34*N34<=40),\"MA\",IF(AND(M34*N34>=10,M34*N34<=20),\"A\",IF(AND(M34*N34>=6,M34*N34<=8),\"M\",IF(AND(M34*N34>=0,M34*N34<=4),\"B\",\"\"))))","v":"A"},"Situación deficiente con exposición frecuente u ocasional, o bien situación muy deficiente con exposición ocasional o esporádica. La materialización de Riesgo es posible que suceda varias veces en la vida laboral",100,{"$f":"O34*R34","v":1800},{"$f":"+IF(AND(M34*N34*R34>=600,M34*N34*R34<=4000),\"I\",IF(AND(M34*N34*R34>=150,M34*N34*R34<=500),\"II\",IF(AND(M34*N34*R34>=40,M34*N34*R34<=120),\"III\",IF(AND(M34*N34*R34>=0,M34*N34*R34<=20),\"IV\",\"\"))))","v":"I"},"Situación crìtica. Suspender actividades hasta que el riesgo esté bajo control. Intervención urgente.","No Aceptable","N/A","N/A","N/A","Capacitación en riesgo público\nDivulgar las acciones y recomendaciones en caso de emergencia, establecer un sitio donde el personal encuentre los números de emergencia \nReportar cualquier situación sospechosa a la autoridad competente.\nGarantizar medio de comunicación permanente con la policía Nacional .\nRespuesta al botón de alarma.\nCapacitar en servicio al cliente.\nCapacitar en manejo del estrés, resolución de conflictos y comunicación asertiva.","N/A","Directora de Talento Humano"]
[{"$nulls":4},"LOCATIVO","Presencia de cables sueltos bajo el puesto\nPresencia de superficies irregulares en el transporte entre los 3 pisos administrativos.","Caídas desde el mismo nivel. \nContusiones.  Laceraciones.  Esguinces.\nFracturas.",null,"Fracturas","NO","Se ejecutan Inspecciones de instalaciones","NO",2,3,6,"M","Situación deficiente con exposición esporádica, o bien situación mejorable con exposición continuada o frecuente. Es posible que suceda el daño alguna vez.",25,150,"II","Corregir y adoptar medidas de control de inmediato.","No Aceptable o Aceptable con control específico","N/A","N/A","Entorchado de cables.\nMantenimiento preventivo de las instalaciones.","Capacitar al trabajador en prevención de accidentes y autocuidado\nRealizar inspecciones de seguridad.\nImplementar programas de riesgo locativo (Orden y Aseo).\nCapacitar en prevención de caídas del mismo nivel.","N/A","Directora de Talento Humano"]
[{"$nulls":3},"PSICOSOCIAL","CONDICIONES DE LA TAREA","Demandas emocionales producidas por las labores de elaboración de estados financieros y cuentas contables de la compañía","Ansiedad\nEstrés laboral\nDesconcentración\nTrastornos de sueño\n",null,"Estrés laboral\nSíndrome de burnout","NO","NO","No se ha realizado medición riesgo psicosocial , no se ha realizado intervención.",2,3,6,"M","Situación deficiente con exposición esporádica, o bien situación mejorable con exposición continuada o frecuente. Es posible que suceda el daño alguna vez.",25,150,"II","Corregir y adoptar medidas de control de inmediato.","No Aceptable o Aceptable con control específico","N/A","N/A","N/A","Desarrollar proceso de aplicación de la batería de riesgo psicosocial.\nDesarrollar programas de gimnasia laboral, que permitan romper la monotonía de las actividades.\nRealizar capacitaciones en manejo del estrés.\nCapacitar en liderazgo, comunicación asertiva y servicio al cliente.\nDesarrollar programa de estilos de vida y trabajo saludables, que estén vinculados con actividades de las cajas de compensación en prevención y promoción.\nRealizar capacitaciones en prevención del consumo de sustancias psicoactivas (bebidas con cafeína y consumo de tabaco).","N/A","Directora de Talento Humano"]
[{"$nulls":4},"INTERFASE PERSONA TAREA","Demanda de habilidades para contabilización de nominas , codificación de cuentas de cuerdo a las normas contables","Ansiedad\nEstrés laboral\nDesconcentración\nTrastornos de sueño\n",null,"Estrés laboral\nSíndrome de burnout","NO","NO","No se ha realizado medición riesgo psicosocial , no se ha realizado intervención.",2,3,6,"M","Situación deficiente con exposición esporádica, o bien situación mejorable con exposición continuada o frecuente. Es posible que suceda el daño alguna vez.",25,150,"II","Corregir y adoptar medidas de control de inmediato.","No Aceptable o Aceptable con control específico","N/A","N/A","N/A","Desarrollar proceso de aplicación de la batería de riesgo psicosocial.\nDesarrollar programas de gimnasia laboral, que permitan romper la monotonía de las actividades.\nRealizar capacitaciones en manejo del estrés.\nCapacitar en liderazgo, comunicación asertiva y servicio al cliente.\nDesarrollar programa de estilos de vida y trabajo saludables, que estén vinculados con actividades de las cajas de compensación en prevención y promoción.\nRealizar capacitaciones en prevención del consumo de sustancias psicoactivas (bebidas con cafeína y consumo de tabaco).","N/A","Directora de Talento Humano"]
["AUXILIAR CONTABLE","Auxiliar cartera\nProcesos en siigo causaciones                                                                                                                                                                                                                                                                          pago a proveedores.","SI","BIOMECÁNICO","POSTURAS","Postura sedente prolongada durante el desarrollo actividades  de escritorio","Dolor dorsal y lumbar\nDolor en cuello y hombros\nAlteraciones osteomusculares\n",2,"Alteraciones osteomusculares\nAlteraciones vasculares en miembros inferiores","NO","NO","Exámenes ocupacionales periódicos ",2,3,{"$f":"M38*N38","v":6},{"$f":"+IF(AND(M38*N38>=24,M38*N38<=40),\"MA\",IF(AND(M38*N38>=10,M38*N38<=20),\"A\",IF(AND(M38*N38>=6,M38*N38<=8),\"M\",IF(AND(M38*N38>=0,M38*N38<=4),\"B\",\"\"))))","v":"M"},{"$f":"+IF(P38=\"MA\",\"Situación deficiente con exposición continua, o muy deficiente con exposición frecuente. Normalmente la materialización del riesgo ocurre con frecuencia.\",IF(P38=\"A\",\"Situación deficiente con exposición frecuente u ocasional, o bien situación muy deficiente con exposición ocasional o esporádica. La materialización de Riesgo es posible que suceda varias veces en la vida laboral\",IF(P38=\"M\",\"Situación deficiente con exposición esporádica, o bien situación mejorable con exposición continuada o frecuente. Es posible que suceda el daño alguna vez.\",IF(P38=\"B\",\"Situación mejorable con exposición ocasional o esporádica, o situación sin anomalía destacable con cualquier nivel de exposición. No es esperable que se materialice el riesgo, aunque puede ser concebible.\",\"\"))))","v":"Situación deficiente con exposición esporádica, o bien situación mejorable con exposición continuada o frecuente. Es posible que suceda el daño alguna vez."},25,{"$f":"O38*R38","v":150},{"$f":"+IF(AND(M38*N38*R38>=600,M38*N38*R38<=4000),\"I\",IF(AND(M38*N38*R38>=150,M38*N38*R38<=500),\"II\",IF(AND(M38*N38*R38>=40,M38*N38*R38<=120),\"III\",IF(AND(M38*N38*R38>=0,M38*N38*R38<=20),\"IV\",\"\"))))","v":"II"},{"$f":"+IF(T38=\"I\",\"Situación crìtica. Suspender actividades hasta que el riesgo esté bajo control. Intervención urgente.\",IF(T38=\"II\",\"Corregir y adoptar medidas de control de inmediato.\",IF(T38=\"III\",\"Mejorar si es posible. Sería conveniente justificar la intervención y su rentabilidad.\",IF(T38=\"IV\",\"Mantener las medidas de control existentes, pero se deberían considerar soluciones o mejoras y se deben hacer comprobaciones periódicas para asegurar que el riesgo aún es aceptable.\",\"\"))))","v":"Corregir y adoptar medidas de control de inmediato."},{"$f":"+IF(T38=\"I\",\"No Aceptable\",IF(T38=\"II\",\"No Aceptable o Aceptable con control específico\",IF(T38=\"III\",\"Mejorable\",IF(T38=\"IV\",\"Aceptable\",\"\"))))","v":"No Aceptable o Aceptable con control específico"},"N/A","N/A","Mantenimiento de sillas, Análisis de puestos de trabajo","Realizar exámenes ocupacionales periódicos con valoraciones osteomusculares.\n\nCapacitar en higiene postural y prevención de lesiones osteomusculares.\nRealizar análisis de puesto de trabajo para adecuarlo a las condiciones antropométricas del trabajador.","N/A","Directora de Talento Humano"]
[{"$nulls":4},"MOVIMIENTOS REPETITIVOS","Movimientos asociados al uso constante del computador para el desarrollo de las labores.","Síndrome de túnel del carpo\nFatiga muscular\nTensión lumbar y cervical\nEpicondilitis",null,"Síndrome del túnel del carpo","NO","NO","\nExámenes ocupacionales periódicos.",2,3,6,"M",{"$f":"+IF(P39=\"MA\",\"Situación deficiente con exposición continua, o muy deficiente con exposición frecuente. Normalmente la materialización del riesgo ocurre con frecuencia.\",IF(P39=\"A\",\"Situación deficiente con exposición frecuente u ocasional, o bien situación muy deficiente con exposición ocasional o esporádica. La materialización de Riesgo es posible que suceda varias veces en la vida laboral\",IF(P39=\"M\",\"Situación deficiente con exposición esporádica, o bien situación mejorable con exposición continuada o frecuente. Es posible que suceda el daño alguna vez.\",IF(P39=\"B\",\"Situación mejorable con exposición ocasional o esporádica, o situación sin anomalía destacable con cualquier nivel de exposición. No es esperable que se materialice el riesgo, aunque puede ser concebible.\",\"\"))))","v":"Situación deficiente con exposición esporádica, o bien situación mejorable con exposición continuada o frecuente. Es posible que suceda el daño alguna vez."},25,{"$f":"O39*R39","v":150},"II",{"$f":"+IF(T39=\"I\",\"Situación crìtica. Suspender actividades hasta que el riesgo esté bajo control. Intervención urgente.\",IF(T39=\"II\",\"Corregir y adoptar medidas de control de inmediato.\",IF(T39=\"III\",\"Mejorar si es posible. Sería conveniente justificar la intervención y su rentabilidad.\",IF(T39=\"IV\",\"Mantener las medidas de control existentes, pero se deberían considerar soluciones o mejoras y se deben hacer comprobaciones periódicas para asegurar que el riesgo aún es aceptable.\",\"\"))))","v":"Corregir y adoptar medidas de control de inmediato."},{"$f":"+IF(T39=\"I\",\"No Aceptable\",IF(T39=\"II\",\"No Aceptable o Aceptable con control específico\",IF(T39=\"III\",\"Mejorable\",IF(T39=\"IV\",\"Aceptable\",\"\"))))","v":"No Aceptable o Aceptable con control específico"},"N/A","N/A"," Análisis de puestos de trabajo con énfasis en el cargo","\nDesarrollar un programa de riesgo biomecánico que contemple la implementación de pausas activas y gimnasia laboral.  Articulado con un programa de estilos de vida y trabajo saludables.\nCapacitar en riesgo biomecánico y prevención de lesiones osteomusculares.\nRealizar exámenes ocupacionales periódicos con valoraciones osteomusculares.","N/A","Directora de Talento Humano"]
[{"$nulls":3},"FÍSICO","RADIACIONES NO IONIZANTES","Exposición a radiaciones no ionizantes por el uso frecuente del computador para el desarrollo de las actividades laborales y equipos de comunicación","Migraña\nFatiga visual",null,"Fatiga visual","NO","NO","Tiempos de descanso",2,2,4,"B","Situación mejorable con exposición ocasional o esporádica, o situación sin anomalía destacable con cualquier nivel de exposición. No es esperable que se materialice el riesgo, aunque puede ser concebible.",25,100,"III","Mejorar si es posible. Sería conveniente justificar la intervención y su rentabilidad.",{"$f":"+IF(T40=\"I\",\"No Aceptable\",IF(T40=\"II\",\"No Aceptable o Aceptable con control específico\",IF(T40=\"III\",\"Mejorable\",IF(T40=\"IV\",\"Aceptable\",\"\"))))","v":"Mejorable"},"N/A","N/A","N/A","Capacitación en riesgo físico.\nCapacitación en cuidado visual y estilos de vida saludables\nImplementar programa de pausas activas\nExámenes médicos ocupacionales periódicos","N/A","Directora de Talento Humano"]
[{"$nulls":4},"RUIDO","Ruido leve  ocasionado por exceso de personas en una misma área , transito constante de personal , espacios de trabajo reducidos","Trauma Auditivo\nOtitis no infecciosa\nReducción temporal del  umbral auditivo",null,"Otitis no infecciosa","NO","NO","Exámenes Ocupacionales Periódicos.",2,4,8,"M","Situación deficiente con exposición esporádica, o bien situación mejorable con exposición continuada o frecuente. Es posible que suceda el daño alguna vez.",25,200,"II","Corregir y adoptar medidas de control de inmediato.",{"$f":"+IF(T41=\"I\",\"No Aceptable\",IF(T41=\"II\",\"No Aceptable o Aceptable con control específico\",IF(T41=\"III\",\"Mejorable\",IF(T41=\"IV\",\"Aceptable\",\"\"))))","v":"No Aceptable o Aceptable con control específico"},"N/A","N/A","N/A","Realizar estudios de Sonometría y Dosimetría en las instalaciones administrativas y operativas\nCapacitación en riesgo físico por ruido.\nCapacitación en cuidado auditivo.\nRealizar exámenes ocupacionales (ingreso, periódicos y de retiro)  con pruebas de audiometría.\nImplementar programa de pausas activas.","N/A","Directora de Talento Humano"]
[{"$nulls":4},"TEMPERATURAS","Percepción de calor  o frio de acuerdo al clima y horas del día  dentro de la oficina ","Rinitis\nDisconfort térmico\nBaja concentración y atención",null,"Disconfort térmico.","NO","NO","NO",2,2,4,"B","Situación mejorable con exposición ocasional o esporádica, o situación sin anomalía destacable con cualquier nivel de exposición. No es esperable que se materialice el riesgo, aunque puede ser concebible.",25,100,"III","Mejorar si es posible. Sería conveniente justificar la intervención y su rentabilidad.","Mejorable","N/A","N/A","N/A","Hacer mediciones Higiénicas de Confort Térmico","N/A","Directora de Talento Humano"]
[{"$nulls":4},"ILUMINACIÓN","Exceso  o falta de  iluminación artificial y luz natural  dentro de   la oficina destinada para el cargo","Fatiga visual\nDeslumbramiento\nDistracción",null,"Fatiga visual","NO","NO","Descansos  y pausas en la actividad laboral.\nExámenes médicos ocupacionales periódicos.",2,3,6,"M","Situación deficiente con exposición esporádica, o bien situación mejorable con exposición continuada o frecuente. Es posible que suceda el daño alguna vez.",25,150,"II","Corregir y adoptar medidas de control de inmediato.","No Aceptable o Aceptable con control específico","N/A","N/A","Mantenimiento preventivo de las luminarias.","Hacer mediciones de Luxometria en cada puesto de trabajo\nRealizar exámenes médicos ocupacionales con valoraciones visuales.\nImplementar programa de pausas activas.\nCapacitar en cuidado visual.","N/A","Directora de Talento Humano"]
[{"$nulls":3},"CONDICIONES DE SEGURIDAD","MECÁNICO","Manejo de herramientas de oficina como grapadoras, perforadoras, ganchos legajadores y hojas.\nContacto con partes fijas o móviles de los muebles de oficina (Cajones).","Cortes, laceraciones.\nGolpes, contusiones.\nAtrapamientos leves.",null,"Cortes y laceraciones en manos y dedos.","NO","NO","NO",2,3,6,"M","Situación deficiente con exposición esporádica, o bien situación mejorable con exposición continuada o frecuente. Es posible que suceda el daño alguna vez.",25,150,"II","Corregir y adoptar medidas de control de inmediato.","No Aceptable o Aceptable con control específico","N/A","N/A","N/A","Capacitar en riesgo mecánico y sensibilizar en Autocuidado,\nCapacitación en prevención de accidentes y trabajo seguro.\nCapacitar en reporte de actos y condiciones inseguras.","N/A","Directora de Talento Humano"]
[{"$nulls":4},"LOCATIVO","Presencia de cables sueltos bajo el puesto\nPresencia de superficies irregulares en el transporte entre los 3 pisos administrativos.","Caídas desde el mismo nivel. \nContusiones.  Laceraciones.  Esguinces.\nFracturas.",null,"Fracturas","NO","Se ejecutan Inspecciones de instalaciones","NO",2,3,6,"M","Situación deficiente con exposición esporádica, o bien situación mejorable con exposición continuada o frecuente. Es posible que suceda el daño alguna vez.",25,{"$f":"O45*R45","v":150},"II","Corregir y adoptar medidas de control de inmediato.","No Aceptable o Aceptable con control específico","N/A","N/A","Entorchado de cables.\nMantenimiento preventivo de las instalaciones.","Capacitar al trabajador en prevención de accidentes y autocuidado\nRealizar inspecciones de seguridad.\nImplementar programas de riesgo locativo (Orden y Aseo).\nCapacitar en prevención de caídas del mismo nivel.","N/A","Directora de Talento Humano"]
[{"$nulls":3},"PSICOSOCIAL","CONDICIONES DE LA TAREA","Demandas emocionales producidas por las labores de elaboración de estados financieros, software contable y elaboración de informes.","Ansiedad\nEstrés laboral\nDesconcentración\nTrastornos de sueño\n",null,"Estrés laboral\nSíndrome de burnout","NO","NO","No se ha realizado medición riesgo psicosocial , no se ha realizado intervención.",2,3,6,"M","Situación deficiente con exposición esporádica, o bien situación mejorable con exposición continuada o frecuente. Es posible que suceda el daño alguna vez.",25,{"$f":"O46*R46","v":150},"II","Corregir y adoptar medidas de control de inmediato.","No Aceptable o Aceptable con control específico","N/A","N/A","N/A","Desarrollar proceso de aplicación de la batería de riesgo psicosocial.\nDesarrollar programas de gimnasia laboral, que permitan romper la monotonía de las actividades.\nRealizar capacitaciones en manejo del estrés.\nCapacitar en liderazgo, comunicación asertiva y servicio al cliente.\nDesarrollar programa de estilos de vida y trabajo saludables, que estén vinculados con actividades de las cajas de compensación en prevención y promoción.\nRealizar capacitaciones en prevención del consumo de sustancias psicoactivas (bebidas con cafeína y consumo de tabaco).","N/A","Directora de Talento Humano"]
["ADMINISTRADOR TRANSPORTE","Programación, y coordinación de la flota vehicular\nRealiza planes de rodamiento\nRealiza pruebas de alcoholimetría\nRealiza desplazamientos a nivel nacional","SI","BIOMECÁNICO","POSTURAS","Postura sedente prolongada durante el desarrollo actividades  de escritorio","Dolor dorsal y lumbar\nDolor en cuello y hombros\nAlteraciones osteomusculares\n",1,"Alteraciones osteomusculares\nAlteraciones vasculares en miembros inferiores","NO","Se realizo inspección de puestos de trabajo , mantenimiento y cambio de sillas de escritorio","Exámenes ocupacionales periódicos , ",2,3,{"$f":"M47*N47","v":6},{"$f":"+IF(AND(M47*N47>=24,M47*N47<=40),\"MA\",IF(AND(M47*N47>=10,M47*N47<=20),\"A\",IF(AND(M47*N47>=6,M47*N47<=8),\"M\",IF(AND(M47*N47>=0,M47*N47<=4),\"B\",\"\"))))","v":"M"},{"$f":"+IF(P47=\"MA\",\"Situación deficiente con exposición continua, o muy deficiente con exposición frecuente. Normalmente la materialización del riesgo ocurre con frecuencia.\",IF(P47=\"A\",\"Situación deficiente con exposición frecuente u ocasional, o bien situación muy deficiente con exposición ocasional o esporádica. La materialización de Riesgo es posible que suceda varias veces en la vida laboral\",IF(P47=\"M\",\"Situación deficiente con exposición esporádica, o bien situación mejorable con exposición continuada o frecuente. Es posible que suceda el daño alguna vez.\",IF(P47=\"B\",\"Situación mejorable con exposición ocasional o esporádica, o situación sin anomalía destacable con cualquier nivel de exposición. No es esperable que se materialice el riesgo, aunque puede ser concebible.\",\"\"))))","v":"Situación deficiente con exposición esporádica, o bien situación mejorable con exposición continuada o frecuente. Es posible que suceda el daño alguna vez."},25,{"$f":"O47*R47","v":150},{"$f":"+IF(AND(M47*N47*R47>=600,M47*N47*R47<=4000),\"I\",IF(AND(M47*N47*R47>=150,M47*N47*R47<=500),\"II\",IF(AND(M47*N47*R47>=40,M47*N47*R47<=120),\"III\",IF(AND(M47*N47*R47>=0,M47*N47*R47<=20),\"IV\",\"\"))))","v":"II"},{"$f":"+IF(T47=\"I\",\"Situación crìtica. Suspender actividades hasta que el riesgo esté bajo control. Intervención urgente.\",IF(T47=\"II\",\"Corregir y adoptar medidas de control de inmediato.\",IF(T47=\"III\",\"Mejorar si es posible. Sería conveniente justificar la intervención y su rentabilidad.\",IF(T47=\"IV\",\"Mantener las medidas de control existentes, pero se deberían considerar soluciones o mejoras y se deben hacer comprobaciones periódicas para asegurar que el riesgo aún es aceptable.\",\"\"))))","v":"Corregir y adoptar medidas de control de inmediato."},{"$f":"+IF(T47=\"I\",\"No Aceptable\",IF(T47=\"II\",\"No Aceptable o Aceptable con control específico\",IF(T47=\"III\",\"Mejorable\",IF(T47=\"IV\",\"Aceptable\",\"\"))))","v":"No Aceptable o Aceptable con control específico"},"N/A","N/A","Mantenimiento de sillas, Análisis de puestos de trabajo","Realizar exámenes ocupacionales periódicos con valoraciones osteomusculares.\n\nCapacitar en higiene postural y prevención de lesiones osteomusculares.\nRealizar análisis de puesto de trabajo para adecuarlo a las condiciones antropométricas del trabajador.","N/A","Directora de Talento Humano"]
[{"$nulls":4},"MOVIMIENTOS REPETITIVOS","Movimientos asociados al uso constante del computador para el desarrollo de las labores.","Síndrome de túnel del carpo\nFatiga muscular\nTensión lumbar y cervical\nEpicondilitis",null,"Síndrome del túnel del carpo","NO","NO","\nExámenes ocupacionales periódicos.",2,3,6,"M",{"$f":"+IF(P48=\"MA\",\"Situación deficiente con exposición continua, o muy deficiente con exposición frecuente. Normalmente la materialización del riesgo ocurre con frecuencia.\",IF(P48=\"A\",\"Situación deficiente con exposición frecuente u ocasional, o bien situación muy deficiente con exposición ocasional o esporádica. La materialización de Riesgo es posible que suceda varias veces en la vida laboral\",IF(P48=\"M\",\"Situación deficiente con exposición esporádica, o bien situación mejorable con exposición continuada o frecuente. Es posible que suceda el daño alguna vez.\",IF(P48=\"B\",\"Situación mejorable con exposición ocasional o esporádica, o situación sin anomalía destacable con cualquier nivel de exposición. No es esperable que se materialice el riesgo, aunque puede ser concebible.\",\"\"))))","v":"Situación deficiente con exposición esporádica, o bien situación mejorable con exposición continuada o frecuente. Es posible que suceda el daño alguna vez."},25,{"$f":"O48*R48","v":150},"II",{"$f":"+IF(T48=\"I\",\"Situación crìtica. Suspender actividades hasta que el riesgo esté bajo control. Intervención urgente.\",IF(T48=\"II\",\"Corregir y adoptar medidas de control de inmediato.\",IF(T48=\"III\",\"Mejorar si es posible. Sería conveniente justificar la intervención y su rentabilidad.\",IF(T48=\"IV\",\"Mantener las medidas de control existentes, pero se deberían considerar soluciones o mejoras y se deben hacer comprobaciones periódicas para asegurar que el riesgo aún es aceptable.\",\"\"))))","v":"Corregir y adoptar medidas de control de inmediato."},{"$f":"+IF(T48=\"I\",\"No Aceptable\",IF(T48=\"II\",\"No Aceptable o Aceptable con control específico\",IF(T48=\"III\",\"Mejorable\",IF(T48=\"IV\",\"Aceptable\",\"\"))))","v":"No Aceptable o Aceptable con control específico"},"N/A","N/A"," Análisis de puestos de trabajo con énfasis en el cargo","\nDesarrollar un programa de riesgo biomecánico que contemple la implementación de pausas activas y gimnasia laboral.  Articulado con un programa de estilos de vida y trabajo saludables.\nCapacitar en riesgo biomecánico y prevención de lesiones osteomusculares.\nRealizar exámenes ocupacionales periódicos con valoraciones osteomusculares.","N/A","Directora de Talento Humano"]
[{"$nulls":3},"FÍSICO","RADIACIONES NO IONIZANTES","Exposición a radiaciones no ionizantes por el uso frecuente del computador para el desarrollo de las actividades laborales y equipos de comunicación","Migraña\nFatiga visual",null,"Fatiga visual","NO","NO","Tiempos de descanso",2,2,4,"B","Situación mejorable con exposición ocasional o esporádica, o situación sin anomalía destacable con cualquier nivel de exposición. No es esperable que se materialice el riesgo, aunque puede ser concebible.",25,100,"III","Mejorar si es posible. Sería conveniente justificar la intervención y su rentabilidad.",{"$f":"+IF(T49=\"I\",\"No Aceptable\",IF(T49=\"II\",\"No Aceptable o Aceptable con control específico\",IF(T49=\"III\",\"Mejorable\",IF(T49=\"IV\",\"Aceptable\",\"\"))))","v":"Mejorable"},"N/A","N/A","N/A","Capacitación en riesgo físico.\nCapacitación en cuidado visual y estilos de vida saludables\nImplementar programa de pausas activas\nExámenes médicos ocupacionales periódicos","N/A","Directora de Talento Humano"]
[{"$nulls":4},"RUIDO","Ruido leve  ocasionado por exceso de personas en una misma área , transito constante de personal , espacios de trabajo reducidos, equipos neumáticos y herramientas manuales. Ruido intermitente ocasionado por el transito constante de vehículos en el patio.","Trauma Auditivo\nOtitis no infecciosa\nReducción temporal del  umbral auditivo",null,"Otitis no infecciosa","NO","NO","Exámenes Ocupacionales Periódicos.",2,4,8,"M","Situación deficiente con exposición esporádica, o bien situación mejorable con exposición continuada o frecuente. Es posible que suceda el daño alguna vez.",25,200,"II","Corregir y adoptar medidas de control de inmediato.",{"$f":"+IF(T50=\"I\",\"No Aceptable\",IF(T50=\"II\",\"No Aceptable o Aceptable con control específico\",IF(T50=\"III\",\"Mejorable\",IF(T50=\"IV\",\"Aceptable\",\"\"))))","v":"No Aceptable o Aceptable con control específico"},"N/A","N/A","N/A","Realizar estudios de Sonometría y Dosimetría en las instalaciones administrativas y operativas\nCapacitación en riesgo físico por ruido.\nCapacitación en cuidado auditivo.\nRealizar exámenes ocupacionales (ingreso, periódicos y de retiro)  con pruebas de audiometría.\nImplementar programa de pausas activas.","N/A","Directora de Talento Humano"]
[{"$nulls":4},"TEMPERATURAS","Percepción de calor  o frio de acuerdo al clima y horas del día  dentro y fuera de la oficina ","Rinitis\nDisconfort térmico\nBaja concentración y atención",null,"Disconfort térmico.","NO","NO","NO",2,2,4,"B","Situación mejorable con exposición ocasional o esporádica, o situación sin anomalía destacable con cualquier nivel de exposición. No es esperable que se materialice el riesgo, aunque puede ser concebible.",25,100,"III","Mejorar si es posible. Sería conveniente justificar la intervención y su rentabilidad.","Mejorable","N/A","N/A","N/A","Hacer mediciones Higiénicas de Confort Térmico","N/A","Directora de Talento Humano"]
[{"$nulls":4},"ILUMINACIÓN","Exceso  o falta de  iluminación artificial y luz natural  dentro de   la oficina destinada para el cargo ","Fatiga visual\nDeslumbramiento\nDistracción",null,"Fatiga visual","NO","NO","Descansos  y pausas en la actividad laboral.\nExámenes médicos ocupacionales periódicos.",2,3,6,"M","Situación deficiente con exposición esporádica, o bien situación mejorable con exposición continuada o frecuente. Es posible que suceda el daño alguna vez.",25,150,"II","Corregir y adoptar medidas de control de inmediato.","No Aceptable o Aceptable con control específico","N/A","N/A","Mantenimiento preventivo de las luminarias.","Hacer mediciones de Luxometria en cada puesto de trabajo\nRealizar exámenes médicos ocupacionales con valoraciones visuales.\nImplementar programa de pausas activas.\nCapacitar en cuidado visual.","N/A","Directora de Talento Humano"]
[{"$nulls":3},"CONDICIONES DE SEGURIDAD","MECÁNICO","Manejo de herramientas de oficina como grapadoras, perforadoras, ganchos legajadores y hojas.\nContacto con partes fijas o móviles de los muebles de oficina (Cajones).","Cortes, laceraciones.\nGolpes, contusiones.\nAtrapamientos leves.",null,"Cortes y laceraciones en manos y dedos.","NO","NO","Inspección y entrega de EPP,s",2,3,6,"M","Situación deficiente con exposición esporádica, o bien situación mejorable con exposición continuada o frecuente. Es posible que suceda el daño alguna vez.",25,150,"II","Corregir y adoptar medidas de control de inmediato.","No Aceptable o Aceptable con control específico","N/A","N/A","N/A","Capacitar en riesgo mecánico y sensibilizar en Autocuidado,\nCapacitación en prevención de accidentes y trabajo seguro.\nCapacitar en reporte de actos y condiciones inseguras.","N/A","Directora de Talento Humano"]
[{"$nulls":4},"ACCIDENTES DE TRÁNSITO","En traslados en vehículo fuera de su lugar de trabajo para realizar alcoholimetrias y verificación de la flota,  se expone al riesgo por accidente de tránsito, esto por la circulación del vehículo en corredores  y vías publicas.","Muerte.\nGolpes, contusiones, \npolitraumatismos.\nFracturas de huesos largos y cortos.\nTrauma cráneo cefálico de moderado a severo.",null,"Muerte","NO","Revisión técnico mecánica de los vehículos y motocicletas.\nLegislación nacional vigente en materia de tránsito.\nSOAT.\nRevisión de documentación pre operativa.\nInspecciones pre operacionales de los vehículos, Implementación del PESV","Capacitación en seguridad vial.\nLicencia de conducción vigente.",6,3,18,"A","Situación deficiente con exposición frecuente u ocasional, o bien situación muy deficiente con exposición ocasional o esporádica. La materialización de Riesgo es posible que suceda varias veces en la vida laboral",100,{"$f":"O54*R54","v":1800},"I","Situación crìtica. Suspender actividades hasta que el riesgo esté bajo control. Intervención urgente.","No Aceptable","N/A","N/A","Mantenimiento preventivo de los vehículos.\nMantenimiento preventivo de la señalización de tránsito interna.","Capacitar en seguridad vial y manejo defensivo.\nImplementar programa de seguridad vial.\nMantener monitoreo por parte de operaciones.\nRevisión de documentación pre operativa.\nDesarrollar actividades lúdicas de seguridad vial dentro de las instalaciones.\nCapacitar en primeros auxilios.\nContinuar con la inspección pre operacional de los vehículos.\nCapacitar en reporte de actos y condiciones inseguras.\nGarantizar tiempos de descanso efectivos en el trabajador.","N/A","Directora de Talento Humano"]
[{"$nulls":4},"PÚBLICO","Durante desplazamientos  a diferentes puntos de control y para realizar alcoholimetrias , verificación de la flota , se expone a ser victima de grupos al margen de la ley.","Heridas. Agresiones física o verbales. Golpes. Secuestro. Muerte.",null,"Muerte","NO","Monitoreo de los vehículos.\nComunicación con operaciones.\nBotón de alarma.","NO",6,3,18,"A","Situación deficiente con exposición frecuente u ocasional, o bien situación muy deficiente con exposición ocasional o esporádica. La materialización de Riesgo es posible que suceda varias veces en la vida laboral",100,{"$f":"O55*R55","v":1800},"I","Situación crìtica. Suspender actividades hasta que el riesgo esté bajo control. Intervención urgente.","No Aceptable","N/A","N/A","N/A","Capacitación en riesgo público\nDivulgar las acciones y recomendaciones en caso de emergencia, establecer un sitio donde el personal encuentre los números de emergencia \nReportar cualquier situación sospechosa a la autoridad competente.\nGarantizar medio de comunicación permanente con la policía Nacional .\nRespuesta al botón de alarma.\nCapacitar en servicio al cliente.\nCapacitar en manejo del estrés, resolución de conflictos y comunicación asertiva.","N/A","Directora de Talento Humano"]
[{"$nulls":4},"LOCATIVO","Presencia de cables sueltos bajo el puesto\nPresencia de superficies irregulares en el transporte entre los 3 pisos administrativos , pisos  resbalosos ","Caídas desde el mismo nivel. \nContusiones.  Laceraciones.  Esguinces.\nFracturas.",null,"Fracturas","NO","Se ejecutan Inspecciones de instalaciones","NO",2,3,6,"M","Situación deficiente con exposición esporádica, o bien situación mejorable con exposición continuada o frecuente. Es posible que suceda el daño alguna vez.",25,150,"II","Corregir y adoptar medidas de control de inmediato.","No Aceptable o Aceptable con control específico","N/A","N/A","Entorchado de cables.\nMantenimiento preventivo de las instalaciones.","Capacitar al trabajador en prevención de accidentes y autocuidado\nRealizar inspecciones de seguridad.\nImplementar programas de riesgo locativo (Orden y Aseo).\nCapacitar en prevención de caídas del mismo nivel.","N/A","Directora de Talento Humano"]
[{"$nulls":3},"PSICOSOCIAL","CONDICIONES DE LA TAREA","Demandas emocionales producidas por las labores de programación y coordinación  de la flota vehicular","Ansiedad\nEstrés laboral\nDesconcentración\nTrastornos de sueño\n",null,"Estrés laboral\nSíndrome de burnout","NO","NO","No se ha realizado medición riesgo psicosocial , no se ha realizado intervención.",2,3,6,"M","Situación deficiente con exposición esporádica, o bien situación mejorable con exposición continuada o frecuente. Es posible que suceda el daño alguna vez.",25,150,"II","Corregir y adoptar medidas de control de inmediato.","No Aceptable o Aceptable con control específico","N/A","N/A","N/A","Desarrollar proceso de aplicación de la batería de riesgo psicosocial y el proceso de intervención.\nDesarrollar programas de gimnasia laboral, que permitan romper la monotonía de las actividades.\nRealizar capacitaciones en manejo del estrés.\nCapacitar en liderazgo, comunicación asertiva y servicio al cliente.\nDesarrollar programa de estilos de vida y trabajo saludables, que estén vinculados con actividades de las cajas de compensación en prevención y promoción.\nRealizar capacitaciones en prevención del consumo de sustancias psicoactivas (bebidas con cafeína y consumo de tabaco).","N/A","Directora de Talento Humano"]
["JEFE DE COMPRAS","Verifica las requisiciones que llegan de las diferentes áreas \nAdministra las ordenes de compras \nRealiza análisis financiero de las requisiciones de compras \nSupervisa el buen estado de las compras realizadas \nEsta actualizado en normas legales respecto al área comercial \nAprueba ordenes de compras \nPresenta informes a la alta gerencia sobre el área comercial y compras a cargo \nSupervisa y controla en manejo de los proveedores \nAtiende reuniones internas y externas con clientes \nControla y actualiza el inventario de mercancía en general de la empresa \nToda la demás actividad que genere el cargo o que se le sea asignada \n","SI","BIOMECÁNICO","POSTURAS","Postura sedente prolongada durante el desarrollo actividades  de escritorio","Dolor dorsal y lumbar\nDolor en cuello y hombros\nAlteraciones osteomusculares\n",1,"Alteraciones osteomusculares\nAlteraciones vasculares en miembros inferiores","NO","NO","Exámenes ocupacionales periódicos , ",2,3,{"$f":"M58*N58","v":6},{"$f":"+IF(AND(M58*N58>=24,M58*N58<=40),\"MA\",IF(AND(M58*N58>=10,M58*N58<=20),\"A\",IF(AND(M58*N58>=6,M58*N58<=8),\"M\",IF(AND(M58*N58>=0,M58*N58<=4),\"B\",\"\"))))","v":"M"},{"$f":"+IF(P58=\"MA\",\"Situación deficiente con exposición continua, o muy deficiente con exposición frecuente. Normalmente la materialización del riesgo ocurre con frecuencia.\",IF(P58=\"A\",\"Situación deficiente con exposición frecuente u ocasional, o bien situación muy deficiente con exposición ocasional o esporádica. La materialización de Riesgo es posible que suceda varias veces en la vida laboral\",IF(P58=\"M\",\"Situación deficiente con exposición esporádica, o bien situación mejorable con exposición continuada o frecuente. Es posible que suceda el daño alguna vez.\",IF(P58=\"B\",\"Situación mejorable con exposición ocasional o esporádica, o situación sin anomalía destacable con cualquier nivel de exposición. No es esperable que se materialice el riesgo, aunque puede ser concebible.\",\"\"))))","v":"Situación deficiente con exposición esporádica, o bien situación mejorable con exposición continuada o frecuente. Es posible que suceda el daño alguna vez."},25,{"$f":"O58*R58","v":150},{"$f":"+IF(AND(M58*N58*R58>=600,M58*N58*R58<=4000),\"I\",IF(AND(M58*N58*R58>=150,M58*N58*R58<=500),\"II\",IF(AND(M58*N58*R58>=40,M58*N58*R58<=120),\"III\",IF(AND(M58*N58*R58>=0,M58*N58*R58<=20),\"IV\",\"\"))))","v":"II"},{"$f":"+IF(T58=\"I\",\"Situación crìtica. Suspender actividades hasta que el riesgo esté bajo control. Intervención urgente.\",IF(T58=\"II\",\"Corregir y adoptar medidas de control de inmediato.\",IF(T58=\"III\",\"Mejorar si es posible. Sería conveniente justificar la intervención y su rentabilidad.\",IF(T58=\"IV\",\"Mantener las medidas de control existentes, pero se deberían considerar soluciones o mejoras y se deben hacer comprobaciones periódicas para asegurar que el riesgo aún es aceptable.\",\"\"))))","v":"Corregir y adoptar medidas de control de inmediato."},{"$f":"+IF(T58=\"I\",\"No Aceptable\",IF(T58=\"II\",\"No Aceptable o Aceptable con control específico\",IF(T58=\"III\",\"Mejorable\",IF(T58=\"IV\",\"Aceptable\",\"\"))))","v":"No Aceptable o Aceptable con control específico"},"N/A","N/A","Mantenimiento de sillas, Análisis de puestos de trabajo","Realizar exámenes ocupacionales periódicos con valoraciones osteomusculares.\n\nCapacitar en higiene postural y prevención de lesiones osteomusculares.\nRealizar análisis de puesto de trabajo para adecuarlo a las condiciones antropométricas del trabajador.","N/A","Directora de Talento Humano"]
[{"$nulls":4},"MOVIMIENTOS REPETITIVOS","Movimientos asociados al uso constante del computador para el desarrollo de las labores.","Síndrome de túnel del carpo\nFatiga muscular\nTensión lumbar y cervical\nEpicondilitis",null,"Síndrome del túnel del carpo","NO","NO","\nExámenes ocupacionales periódicos.",2,3,6,"M",{"$f":"+IF(P59=\"MA\",\"Situación deficiente con exposición continua, o muy deficiente con exposición frecuente. Normalmente la materialización del riesgo ocurre con frecuencia.\",IF(P59=\"A\",\"Situación deficiente con exposición frecuente u ocasional, o bien situación muy deficiente con exposición ocasional o esporádica. La materialización de Riesgo es posible que suceda varias veces en la vida laboral\",IF(P59=\"M\",\"Situación deficiente con exposición esporádica, o bien situación mejorable con exposición continuada o frecuente. Es posible que suceda el daño alguna vez.\",IF(P59=\"B\",\"Situación mejorable con exposición ocasional o esporádica, o situación sin anomalía destacable con cualquier nivel de exposición. No es esperable que se materialice el riesgo, aunque puede ser concebible.\",\"\"))))","v":"Situación deficiente con exposición esporádica, o bien situación mejorable con exposición continuada o frecuente. Es posible que suceda el daño alguna vez."},25,{"$f":"O59*R59","v":150},"II",{"$f":"+IF(T59=\"I\",\"Situación crìtica. Suspender actividades hasta que el riesgo esté bajo control. Intervención urgente.\",IF(T59=\"II\",\"Corregir y adoptar medidas de control de inmediato.\",IF(T59=\"III\",\"Mejorar si es posible. Sería conveniente justificar la intervención y su rentabilidad.\",IF(T59=\"IV\",\"Mantener las medidas de control existentes, pero se deberían considerar soluciones o mejoras y se deben hacer comprobaciones periódicas para asegurar que el riesgo aún es aceptable.\",\"\"))))","v":"Corregir y adoptar medidas de control de inmediato."},{"$f":"+IF(T59=\"I\",\"No Aceptable\",IF(T59=\"II\",\"No Aceptable o Aceptable con control específico\",IF(T59=\"III\",\"Mejorable\",IF(T59=\"IV\",\"Aceptable\",\"\"))))","v":"No Aceptable o Aceptable con control específico"},"N/A","N/A"," Análisis de puestos de trabajo con énfasis en el cargo","Desarrollar un programa de riesgo biomecánico que contemple la implementación de pausas activas y gimnasia laboral.  Articulado con un programa de estilos de vida y trabajo saludables.\nCapacitar en riesgo biomecánico y prevención de lesiones osteomusculares.\nRealizar exámenes ocupacionales periódicos con valoraciones osteomusculares.","N/A","Directora de Talento Humano"]
[{"$nulls":3},"FÍSICO","RADIACIONES NO IONIZANTES","Exposición a radiaciones no ionizantes por el uso frecuente del computador para el desarrollo de las actividades laborales y equipos de comunicación","Migraña\nFatiga visual",null,"Fatiga visual","NO","NO","Tiempos de descanso",2,2,4,"B","Situación mejorable con exposición ocasional o esporádica, o situación sin anomalía destacable con cualquier nivel de exposición. No es esperable que se materialice el riesgo, aunque puede ser concebible.",25,100,"III","Mejorar si es posible. Sería conveniente justificar la intervención y su rentabilidad.",{"$f":"+IF(T60=\"I\",\"No Aceptable\",IF(T60=\"II\",\"No Aceptable o Aceptable con control específico\",IF(T60=\"III\",\"Mejorable\",IF(T60=\"IV\",\"Aceptable\",\"\"))))","v":"Mejorable"},"N/A","N/A","N/A","Capacitación en riesgo físico.\nCapacitación en cuidado visual y estilos de vida saludables\nImplementar programa de pausas activas\nExámenes médicos ocupacionales periódicos","N/A","Directora de Talento Humano"]
[{"$nulls":4},"RUIDO","Ruido leve  ocasionado por exceso de personas en una misma área , transito constante de personal , espacios de trabajo reducidos","Trauma Auditivo\nOtitis no infecciosa\nReducción temporal del  umbral auditivo",null,"Otitis no infecciosa","NO","NO","Exámenes Ocupacionales Periódicos.",2,4,8,"M","Situación deficiente con exposición esporádica, o bien situación mejorable con exposición continuada o frecuente. Es posible que suceda el daño alguna vez.",25,200,"II","Corregir y adoptar medidas de control de inmediato.",{"$f":"+IF(T61=\"I\",\"No Aceptable\",IF(T61=\"II\",\"No Aceptable o Aceptable con control específico\",IF(T61=\"III\",\"Mejorable\",IF(T61=\"IV\",\"Aceptable\",\"\"))))","v":"No Aceptable o Aceptable con control específico"},"N/A","N/A","N/A","Realizar estudios de Sonometría y Dosimetría en las instalaciones administrativas y operativas\nCapacitación en riesgo físico por ruido.\nCapacitación en cuidado auditivo.\nRealizar exámenes ocupacionales (ingreso, periódicos y de retiro)  con pruebas de audiometría.\nImplementar programa de pausas activas.","N/A","Directora de Talento Humano"]
[{"$nulls":4},"TEMPERATURAS","Percepción de calor  o frio de acuerdo al clima y horas del día  dentro de la oficina ","Rinitis\nDisconfort térmico\nBaja concentración y atención",null,"Disconfort térmico.","NO","NO","NO",2,2,4,"B","Situación mejorable con exposición ocasional o esporádica, o situación sin anomalía destacable con cualquier nivel de exposición. No es esperable que se materialice el riesgo, aunque puede ser concebible.",25,100,"III","Mejorar si es posible. Sería conveniente justificar la intervención y su rentabilidad.","Mejorable","N/A","N/A","N/A","Hacer mediciones Higiénicas de Confort Térmico","N/A","Directora de Talento Humano"]
[{"$nulls":4},"ILUMINACIÓN","Exceso  o falta de  iluminación artificial y luz natural  dentro de   la oficina destinada para el cargo","Fatiga visual\nDeslumbramiento\nDistracción",null,"Fatiga visual","NO","NO","Descansos  y pausas en la actividad laboral.\nExámenes médicos ocupacionales periódicos.",2,3,6,"M","Situación deficiente con exposición esporádica, o bien situación mejorable con exposición continuada o frecuente. Es posible que suceda el daño alguna vez.",25,150,"II","Corregir y adoptar medidas de control de inmediato.","No Aceptable o Aceptable con control específico","N/A","N/A","Mantenimiento preventivo de las luminarias.","Hacer mediciones de Luxometria en cada puesto de trabajo\nRealizar exámenes médicos ocupacionales con valoraciones visuales.\nImplementar programa de pausas activas.\nCapacitar en cuidado visual.","N/A","Directora de Talento Humano"]
[{"$nulls":3},"CONDICIONES DE SEGURIDAD","MECÁNICO","Manejo de herramientas de oficina como grapadoras, perforadoras, ganchos legajadores y hojas.\nContacto con partes fijas o móviles de los muebles de oficina (Cajones).","Cortes, laceraciones.\nGolpes, contusiones.\nAtrapamientos leves.",null,"Cortes y laceraciones en manos y dedos.","NO","NO","NO",2,3,6,"M","Situación deficiente con exposición esporádica, o bien situación mejorable con exposición continuada o frecuente. Es posible que suceda el daño alguna vez.",25,150,"II","Corregir y adoptar medidas de control de inmediato.","No Aceptable o Aceptable con control específico","N/A","N/A","N/A","Capacitar en riesgo mecánico y sensibilizar en Autocuidado,\nCapacitación en prevención de accidentes y trabajo seguro.\nCapacitar en reporte de actos y condiciones inseguras.","N/A","Directora de Talento Humano"]
[{"$nulls":4},"LOCATIVO","Presencia de cables sueltos bajo el puesto\nPresencia de superficies irregulares en el transporte entre los 3 pisos administrativos , pisos  resbalosos ","Caídas desde el mismo nivel. \nContusiones.  Laceraciones.  Esguinces.\nFracturas.",null,"Fracturas","NO","Se ejecutan Inspecciones de instalaciones","NO",2,3,6,"M","Situación deficiente con exposición esporádica, o bien situación mejorable con exposición continuada o frecuente. Es posible que suceda el daño alguna vez.",25,150,"II","Corregir y adoptar medidas de control de inmediato.","No Aceptable o Aceptable con control específico","N/A","N/A","Entorchado de cables.\nMantenimiento preventivo de las instalaciones.","Capacitar al trabajador en prevención de accidentes y autocuidado\nRealizar inspecciones de seguridad.\nImplementar programas de riesgo locativo (Orden y Aseo).\nCapacitar en prevención de caídas del mismo nivel.","N/A","Directora de Talento Humano"]
[{"$nulls":3},"PSICOSOCIAL","CONDICIONES DE LA TAREA","Demandas emocionales producidas por las labores de apoyo documental y atención a cliente externo e interno.","Ansiedad\nEstrés laboral\nDesconcentración\nTrastornos de sueño\n",null,"Estrés laboral\nSíndrome de burnout","NO","NO","No se ha realizado medición riesgo psicosocial , no se ha realizado intervención.",2,3,6,"M","Situación deficiente con exposición esporádica, o bien situación mejorable con exposición continuada o frecuente. Es posible que suceda el daño alguna vez.",25,150,"II","Corregir y adoptar medidas de control de inmediato.","No Aceptable o Aceptable con control específico","N/A","N/A","N/A","Desarrollar proceso de aplicación de la batería de riesgo psicosocial.\nDesarrollar programas de gimnasia laboral, que permitan romper la monotonía de las actividades.\nRealizar capacitaciones en manejo del estrés.\nCapacitar en liderazgo, comunicación asertiva y servicio al cliente.\nDesarrollar programa de estilos de vida y trabajo saludables, que estén vinculados con actividades de las cajas de compensación en prevención y promoción.\nRealizar capacitaciones en prevención del consumo de sustancias psicoactivas (bebidas con cafeína y consumo de tabaco).","N/A","Directora de Talento Humano"]
["SECRETARIA DE GERENCIA","Contestar y transferir llamadas telefónicas\nAtención al publico de visitantes , registro y autorización de ingreso\nManejo de equipos de oficina y documentos para apoyo de procesos administrativos, manejo agenda gerencia y carpetas de vehículos de la compañía.","SI","BIOMECÁNICO","POSTURAS","Postura sedente prolongada durante el desarrollo actividades  de escritorio","Dolor dorsal y lumbar\nDolor en cuello y hombros\nAlteraciones osteomusculares\n",1,"Alteraciones osteomusculares\nAlteraciones vasculares en miembros inferiores","NO","NO","Exámenes ocupacionales periódicos , ",2,3,6,"M",{"$f":"+IF(P67=\"MA\",\"Situación deficiente con exposición continua, o muy deficiente con exposición frecuente. Normalmente la materialización del riesgo ocurre con frecuencia.\",IF(P67=\"A\",\"Situación deficiente con exposición frecuente u ocasional, o bien situación muy deficiente con exposición ocasional o esporádica. La materialización de Riesgo es posible que suceda varias veces en la vida laboral\",IF(P67=\"M\",\"Situación deficiente con exposición esporádica, o bien situación mejorable con exposición continuada o frecuente. Es posible que suceda el daño alguna vez.\",IF(P67=\"B\",\"Situación mejorable con exposición ocasional o esporádica, o situación sin anomalía destacable con cualquier nivel de exposición. No es esperable que se materialice el riesgo, aunque puede ser concebible.\",\"\"))))","v":"Situación deficiente con exposición esporádica, o bien situación mejorable con exposición continuada o frecuente. Es posible que suceda el daño alguna vez."},25,{"$f":"O67*R67","v":150},"II",{"$f":"+IF(T67=\"I\",\"Situación crìtica. Suspender actividades hasta que el riesgo esté bajo control. Intervención urgente.\",IF(T67=\"II\",\"Corregir y adoptar medidas de control de inmediato.\",IF(T67=\"III\",\"Mejorar si es posible. Sería conveniente justificar la intervención y su rentabilidad.\",IF(T67=\"IV\",\"Mantener las medidas de control existentes, pero se deberían considerar soluciones o mejoras y se deben hacer comprobaciones periódicas para asegurar que el riesgo aún es aceptable.\",\"\"))))","v":"Corregir y adoptar medidas de control de inmediato."},{"$f":"+IF(T67=\"I\",\"No Aceptable\",IF(T67=\"II\",\"No Aceptable o Aceptable con control específico\",IF(T67=\"III\",\"Mejorable\",IF(T67=\"IV\",\"Aceptable\",\"\"))))","v":"No Aceptable o Aceptable con control específico"},"N/A","N/A","Mantenimiento de sillas, Análisis de puestos de trabajo","Realizar exámenes ocupacionales periódicos con valoraciones osteomusculares.\n\nCapacitar en higiene postural y prevención de lesiones osteomusculares.\nRealizar análisis de puesto de trabajo para adecuarlo a las condiciones antropométricas del trabajador.","N/A","Directora de Talento Humano"]
[{"$nulls":4},"MOVIMIENTOS REPETITIVOS","Movimientos asociados al uso constante del computador para el desarrollo de las labores.","Síndrome de túnel del carpo\nFatiga muscular\nTensión lumbar y cervical\nEpicondilitis",null,"Síndrome del túnel del carpo","NO","NO","\nExámenes ocupacionales periódicos.",2,3,6,"M",{"$f":"+IF(P68=\"MA\",\"Situación deficiente con exposición continua, o muy deficiente con exposición frecuente. Normalmente la materialización del riesgo ocurre con frecuencia.\",IF(P68=\"A\",\"Situación deficiente con exposición frecuente u ocasional, o bien situación muy deficiente con exposición ocasional o esporádica. La materialización de Riesgo es posible que suceda varias veces en la vida laboral\",IF(P68=\"M\",\"Situación deficiente con exposición esporádica, o bien situación mejorable con exposición continuada o frecuente. Es posible que suceda el daño alguna vez.\",IF(P68=\"B\",\"Situación mejorable con exposición ocasional o esporádica, o situación sin anomalía destacable con cualquier nivel de exposición. No es esperable que se materialice el riesgo, aunque puede ser concebible.\",\"\"))))","v":"Situación deficiente con exposición esporádica, o bien situación mejorable con exposición continuada o frecuente. Es posible que suceda el daño alguna vez."},25,{"$f":"O68*R68","v":150},"II",{"$f":"+IF(T68=\"I\",\"Situación crìtica. Suspender actividades hasta que el riesgo esté bajo control. Intervención urgente.\",IF(T68=\"II\",\"Corregir y adoptar medidas de control de inmediato.\",IF(T68=\"III\",\"Mejorar si es posible. Sería conveniente justificar la intervención y su rentabilidad.\",IF(T68=\"IV\",\"Mantener las medidas de control existentes, pero se deberían considerar soluciones o mejoras y se deben hacer comprobaciones periódicas para asegurar que el riesgo aún es aceptable.\",\"\"))))","v":"Corregir y adoptar medidas de control de inmediato."},{"$f":"+IF(T68=\"I\",\"No Aceptable\",IF(T68=\"II\",\"No Aceptable o Aceptable con control específico\",IF(T68=\"III\",\"Mejorable\",IF(T68=\"IV\",\"Aceptable\",\"\"))))","v":"No Aceptable o Aceptable con control específico"},"N/A","N/A"," Análisis de puestos de trabajo con énfasis en el cargo","Desarrollar un programa de riesgo biomecánico que contemple la implementación de pausas activas y gimnasia laboral.  Articulado con un programa de estilos de vida y trabajo saludables.\nCapacitar en riesgo biomecánico y prevención de lesiones osteomusculares.\nRealizar exámenes ocupacionales periódicos con valoraciones osteomusculares.","N/A","Directora de Talento Humano"]
[{"$nulls":3},"FÍSICO","RADIACIONES NO IONIZANTES","Exposición a radiaciones no ionizantes por el uso frecuente del computador para el desarrollo de las actividades laborales y equipos de comunicación","Migraña\nFatiga visual",null,"Fatiga visual","NO","NO","Tiempos de descanso",2,2,4,"B","Situación mejorable con exposición ocasional o esporádica, o situación sin anomalía destacable con cualquier nivel de exposición. No es esperable que se materialice el riesgo, aunque puede ser concebible.",25,100,"III","Mejorar si es posible. Sería conveniente justificar la intervención y su rentabilidad.",{"$f":"+IF(T69=\"I\",\"No Aceptable\",IF(T69=\"II\",\"No Aceptable o Aceptable con control específico\",IF(T69=\"III\",\"Mejorable\",IF(T69=\"IV\",\"Aceptable\",\"\"))))","v":"Mejorable"},"N/A","N/A","N/A","Capacitación en riesgo físico.\nCapacitación en cuidado visual y estilos de vida saludables\nImplementar programa de pausas activas\nExámenes médicos ocupacionales periódicos","N/A","Directora de Talento Humano"]
[{"$nulls":4},"RUIDO","Ruido leve  ocasionado por exceso de personas en una misma área , transito constante de personal , espacios de trabajo reducidos","Trauma Auditivo\nOtitis no infecciosa\nReducción temporal del  umbral auditivo",null,"Otitis no infecciosa","NO","NO","Exámenes Ocupacionales Periódicos.",2,4,8,"M","Situación deficiente con exposición esporádica, o bien situación mejorable con exposición continuada o frecuente. Es posible que suceda el daño alguna vez.",25,200,"II","Corregir y adoptar medidas de control de inmediato.",{"$f":"+IF(T70=\"I\",\"No Aceptable\",IF(T70=\"II\",\"No Aceptable o Aceptable con control específico\",IF(T70=\"III\",\"Mejorable\",IF(T70=\"IV\",\"Aceptable\",\"\"))))","v":"No Aceptable o Aceptable con control específico"},"N/A","N/A","N/A","Realizar estudios de Sonometría y Dosimetría en las instalaciones administrativas y operativas\nCapacitación en riesgo físico por ruido.\nCapacitación en cuidado auditivo.\nRealizar exámenes ocupacionales (ingreso, periódicos y de retiro)  con pruebas de audiometría.\nImplementar programa de pausas activas.","N/A","Directora de Talento Humano"]
[{"$nulls":4},"TEMPERATURAS","Percepción de calor  o frio de acuerdo al clima y horas del día  dentro de la oficina ","Rinitis\nDisconfort térmico\nBaja concentración y atención",null,"Disconfort térmico.","NO","NO","NO",2,2,4,"B","Situación mejorable con exposición ocasional o esporádica, o situación sin anomalía destacable con cualquier nivel de exposición. No es esperable que se materialice el riesgo, aunque puede ser concebible.",25,100,"III","Mejorar si es posible. Sería conveniente justificar la intervención y su rentabilidad.","Mejorable","N/A","N/A","N/A","Hacer mediciones Higiénicas de Confort Térmico","N/A","Directora de Talento Humano"]
[{"$nulls":4},"ILUMINACIÓN","Exceso  o falta de  iluminación artificial y luz natural  dentro de   la oficina destinada para el cargo","Fatiga visual\nDeslumbramiento\nDistracción",null,"Fatiga visual","NO","NO","Descansos  y pausas en la actividad laboral.\nExámenes médicos ocupacionales periódicos.",2,3,6,"M","Situación deficiente con exposición esporádica, o bien situación mejorable con exposición continuada o frecuente. Es posible que suceda el daño alguna vez.",25,150,"II","Corregir y adoptar medidas de control de inmediato.","No Aceptable o Aceptable con control específico","N/A","N/A","Mantenimiento preventivo de las luminarias.","Hacer mediciones de Luxometria en cada puesto de trabajo\nRealizar exámenes médicos ocupacionales con valoraciones visuales.\nImplementar programa de pausas activas.\nCapacitar en cuidado visual.","N/A","Directora de Talento Humano"]
[{"$nulls":3},"CONDICIONES DE SEGURIDAD","MECÁNICO","Manejo de herramientas de oficina como grapadoras, perforadoras, ganchos legajadores y hojas.\nContacto con partes fijas o móviles de los muebles de oficina (Cajones).","Cortes, laceraciones.\nGolpes, contusiones.\nAtrapamientos leves.",null,"Cortes y laceraciones en manos y dedos.","NO","NO","NO",2,3,6,"M","Situación deficiente con exposición esporádica, o bien situación mejorable con exposición continuada o frecuente. Es posible que suceda el daño alguna vez.",25,150,"II","Corregir y adoptar medidas de control de inmediato.","No Aceptable o Aceptable con control específico","N/A","N/A","N/A","Capacitar en riesgo mecánico y sensibilizar en Autocuidado,\nCapacitación en prevención de accidentes y trabajo seguro.\nCapacitar en reporte de actos y condiciones inseguras.","N/A","Directora de Talento Humano"]
[{"$nulls":4},"LOCATIVO","Presencia de cables sueltos bajo el puesto\nPresencia de superficies irregulares en el transporte entre los 3 pisos administrativos , pisos  resbalosos ","Caídas desde el mismo nivel. \nContusiones.  Laceraciones.  Esguinces.\nFracturas.",null,"Fracturas","NO","Se ejecutan Inspecciones de instalaciones","NO",2,3,6,"M","Situación deficiente con exposición esporádica, o bien situación mejorable con exposición continuada o frecuente. Es posible que suceda el daño alguna vez.",25,150,"II","Corregir y adoptar medidas de control de inmediato.","No Aceptable o Aceptable con control específico","N/A","N/A","Entorchado de cables.\nMantenimiento preventivo de las instalaciones.","Capacitar al trabajador en prevención de accidentes y autocuidado\nRealizar inspecciones de seguridad.\nImplementar programas de riesgo locativo (Orden y Aseo).\nCapacitar en prevención de caídas del mismo nivel.","N/A","Directora de Talento Humano"]
[{"$nulls":3},"PSICOSOCIAL","CONDICIONES DE LA TAREA","Demandas emocionales producidas por las labores de apoyo documental y atención a cliente externo e interno.","Ansiedad\nEstrés laboral\nDesconcentración\nTrastornos de sueño\n",null,"Estrés laboral\nSíndrome de burnout","NO","NO","No se ha realizado medición riesgo psicosocial , no se ha realizado intervención.",2,3,6,"M","Situación deficiente con exposición esporádica, o bien situación mejorable con exposición continuada o frecuente. Es posible que suceda el daño alguna vez.",25,150,"II","Corregir y adoptar medidas de control de inmediato.","No Aceptable o Aceptable con control específico","N/A","N/A","N/A","Desarrollar proceso de aplicación de la batería de riesgo psicosocial.\nDesarrollar programas de gimnasia laboral, que permitan romper la monotonía de las actividades.\nRealizar capacitaciones en manejo del estrés.\nCapacitar en liderazgo, comunicación asertiva y servicio al cliente.\nDesarrollar programa de estilos de vida y trabajo saludables, que estén vinculados con actividades de las cajas de compensación en prevención y promoción.\nRealizar capacitaciones en prevención del consumo de sustancias psicoactivas (bebidas con cafeína y consumo de tabaco).","N/A","Directora de Talento Humano"]
["CONDUCTORES","Cumplimiento de las normas de Seguridad Vial.\nTransporte de pasajeros, las demás labores relacionadas con el cargo contratado.\n","SI","BIOMECÁNICO","POSTURAS","Postura sedente prolongada durante la conducción del vehículo a los diferentes destinos.\n","Dolor dorsal y lumbar\nDolor en cuello y hombros\nAlteraciones osteomusculares\nTensión en discos intervertebrales\nInflamación de miembros inferiores\nAlteraciones vasculares en miembros inferiores",155,"Alteraciones osteomusculares\nAlteraciones vasculares en miembros inferiores (Venas varices)","NO","NO","Descansos y pausas en la jornada laboral.\nExámenes médicos ocupacionales periódicos.",2,3,6,"M","Situación deficiente con exposición esporádica, o bien situación mejorable con exposición continuada o frecuente. Es posible que suceda el daño alguna vez.",25,150,"II","Corregir y adoptar medidas de control de inmediato.","No Aceptable o Aceptable con control específico","N/A","N/A","N/A","Realizar exámenes ocupacionales periódicos con valoraciones osteomusculares.\nImplementar programa de vigilancia epidemiológica para lesiones osteomusculares.\nDesarrollar un programa de riesgo biomecánico que contemple la implementación de pausas activas y gimnasia laboral.\nCapacitar en estilos de vida y trabajo saludables.\nCapacitar en higiene postural y prevención de lesiones osteomusculares.\nGarantizar espacios de descanso al finalizar los recorridos.","N/A","Directora de Talento Humano"]
[{"$nulls":4},"MOVIMIENTOS REPETITIVOS","Movimientos repetitivos en miembros superiores asociadas a la conducción de los vehículos.","Síndrome de túnel del carpo\nFatiga muscular\nTensión lumbar y cervical\nEspasmo muscular\nEpicondilitis",null,"Síndrome del túnel del carpo","NO","NO","Descansos y pausas en la jornada laboral.\nExámenes ocupacionales periódicos.",2,3,6,"M","Situación deficiente con exposición esporádica, o bien situación mejorable con exposición continuada o frecuente. Es posible que suceda el daño alguna vez.",25,150,"II","Corregir y adoptar medidas de control de inmediato.","No Aceptable o Aceptable con control específico","N/A","N/A","N/A","Realizar exámenes ocupacionales periódicos con valoraciones osteomusculares.\nImplementar programa de vigilancia epidemiológica para lesiones osteomusculares.\nDesarrollar un programa de riesgo biomecánico que contemple la implementación de pausas activas y gimnasia laboral .\nCapacitar en estilos de vida y trabajo saludables.\nCapacitar en riesgo biomecánico y prevención de lesiones osteomusculares.\nGarantizar espacios de descanso al finalizar los recorridos.","N/A","Directora de Talento Humano"]
[{"$nulls":3},"FÍSICO","RADIACIONES NO IONIZANTES","Radiaciones UV recibidas durante la conducción del vehículo especialmente en zonas cálidas de mayor impacto de luz natural, exposición a radiaciones  UV en proyectos a cielo abierto.","Migraña\nFatiga visual\nFatiga física.\nDisconfort Térmico.",null,"Fatiga física o visual.\nEritemas.","NO","NO","Paradas de descanso en el trayecto\nExámenes médicos ocupacionales periódicos.",2,2,4,"B","Situación mejorable con exposición ocasional o esporádica, o situación sin anomalía destacable con cualquier nivel de exposición. No es esperable que se materialice el riesgo, aunque puede ser concebible.",25,100,"III","Mejorar si es posible. Sería conveniente justificar la intervención y su rentabilidad.","Mejorable","N/A","N/A","N/A","Capacitación en riesgo físico.\nCapacitación en cuidado visual y estilos de vida saludables\nExámenes médicos ocupacionales periódicos.\nGarantizar espacios de descanso al terminar los recorridos.\nCapacitar en autocuidado (Uso de Bloqueador).","N/A","Directora de Talento Humano"]
[{"$nulls":4},"TEMPERATURAS","Cambios de temperaturas asociados a las condiciones climatológicas de la zona donde se encuentran ejecutando labores de conduccion. ","Disconfort térmico.\nAfecciones respiratorias.\nAfecciones musculo esqueléticas.\nBaja concentración y atención.\nSomnolencia asociada al calor.",null,"Afecciones respiratorias.\nAfecciones musculo esqueléticas.","NO","NO","NO",2,2,4,"B","Situación mejorable con exposición ocasional o esporádica, o situación sin anomalía destacable con cualquier nivel de exposición. No es esperable que se materialice el riesgo, aunque puede ser concebible.",25,100,"III","Mejorar si es posible. Sería conveniente justificar la intervención y su rentabilidad.","Mejorable","N/A","N/A","Mantenimiento preventivo del sistema de aire acondicionado de los vehículos.","Capacitar en autocuidado.\nCapacitar en prevención de enfermedades respiratorias.\nCapacitar en prevención de lesiones musculo esqueléticas.\nGarantizar la estadía en hoteles con ventilación adecuada.","N/A","Directora de Talento Humano"]
[{"$nulls":4},"ILUMINACIÓN","Deslumbramientos producidos por la luz natural o la luz de otros vehículos, en especial en horas de la tarde y noche.","Fatiga visual\nSobre esfuerzo visual\nAccidentes de Tránsito",null,"Fatiga visual.\nAccidentes de tránsito.","NO","Visera","Descansos  y pausas en el trayecto\nExámenes médicos ocupacionales periódicos..",2,3,6,"M","Situación deficiente con exposición esporádica, o bien situación mejorable con exposición continuada o frecuente. Es posible que suceda el daño alguna vez.",25,150,"II","Corregir y adoptar medidas de control de inmediato.","No Aceptable o Aceptable con control específico","N/A","N/A","Mantenimiento preventivo de los vehículos.","Hacer sensibilización en autocuidado y prevención de accidentes.\nRealizar exámenes médicos ocupacionales con valoraciones visuales.\nCapacitar en cuidado visual.\nCapacitar en seguridad vial y manejo defensivo.","N/A","Directora de Talento Humano"]
[{"$nulls":4},"VIBRACIONES","La conducción de los vehículos por las diferentes vías, exponen al trabajador a la generación de vibraciones, en función del tiempo que se realiza la labor","Dolores abdominales \nProblemas digestivos\nAfectación de equilibrio\nTraumatismos de la columna vertebral.\nAlteraciones osteomusculares.",null,"Alteraciones osteomusculares.","NO","NO","Tiempos de descanso.\nExámenes médicos ocupacionales periódicos.",2,3,6,"M","Situación deficiente con exposición esporádica, o bien situación mejorable con exposición continuada o frecuente. Es posible que suceda el daño alguna vez.",25,150,"II","Corregir y adoptar medidas de control de inmediato.","No Aceptable o Aceptable con control específico","N/A","N/A","Mantenimiento preventivo de los vehículos.","Realizar exámenes ocupacionales periódicos con valoraciones osteomusculares.\nCapacitar en riego físico por vibraciones.\nGarantizar espacios de descanso al finalizar el recorrido.\nDesarrollar actividades de gimnasia laboral donde se vinculen a los conductores.","N/A","Directora de Talento Humano"]
[{"$nulls":4},"RUIDO","Condiciones de ruido intermitente, ocasionadas por el tráfico vehicular en los corredores viales , trabajos en vías publicas.","Otalgia\nTrauma Auditivo\nOtitis no infecciosa\nCefaleas magañosas\nDistracción.\nReducción temporal del  umbral auditivo",null,"Otitis no infecciosa.\nAlteraciones temporales del umbral auditivo.","NO","NO","Pausas en la actividad laboral.",2,3,6,"M","Situación deficiente con exposición esporádica, o bien situación mejorable con exposición continuada o frecuente. Es posible que suceda el daño alguna vez.",25,150,"II","Corregir y adoptar medidas de control de inmediato.","No Aceptable o Aceptable con control específico","N/A","N/A","N/A","Capacitación en riesgo físico por ruido.\nCapacitación en cuidado auditivo.\nRealizar exámenes ocupacionales (ingreso, periódicos y de retiro)  con pruebas de audiometría.","N/A","Directora de Talento Humano"]
[{"$nulls":3},"CONDICIONES DE SEGURIDAD","ACCIDENTES DE TRÁNSITO","La labor como conductor  expone al trabajador directamente al riesgo por accidente de tránsito, esto por la circulación del vehículo en corredores viales a las zonas de destino.\n","Muerte.\nGolpes, contusiones, \npolitraumatismos.\nFracturas de huesos largos y cortos.\nTrauma cráneo cefálico de moderado a severo.",null,"Muerte","NO","Revisión técnico mecánica de los vehículos.\nLegislación nacional vigente en materia de tránsito.\nSOAT.\nRevisión de documentación pre operativa.\nInspecciones pre operacionales de los vehículos, Implementación del PESV","Capacitación en seguridad vial.\nLicencia de conducción vigente.",6,3,18,"A","Situación deficiente con exposición frecuente u ocasional, o bien situación muy deficiente con exposición ocasional o esporádica. La materialización de Riesgo es posible que suceda varias veces en la vida laboral",100,{"$f":"O83*R83","v":1800},"I","Situación crìtica. Suspender actividades hasta que el riesgo esté bajo control. Intervención urgente.","No Aceptable","N/A","N/A","Mantenimiento preventivo de los vehículos.\nMantenimiento preventivo de la señalización de tránsito interna.","Capacitar en seguridad vial y manejo defensivo.\nImplementar programa de seguridad vial.\nMantener monitoreo por parte de operaciones.\nRevisión de documentación pre operativa.\nDesarrollar actividades lúdicas de seguridad vial dentro de las instalaciones.\nCapacitar en primeros auxilios.\nContinuar con la inspección pre operacional de los vehículos.\nCapacitar en reporte de actos y condiciones inseguras.\nGarantizar tiempos de descanso efectivos en el trabajador.","N/A","Directora de Talento Humano"]
[{"$nulls":4},"PÚBLICO","Durante desplazamientos  a diferentes pasajeros y trabajos sobre la vía publica se expone a ser victima de grupos al margen de la ley.","Heridas. Agresiones física o verbales. Golpes. Secuestro. Muerte.",null,"Muerte","NO","Monitoreo de los vehículos.\nComunicación con operaciones.\nBotón de alarma.","NO",6,3,18,"A","Situación deficiente con exposición frecuente u ocasional, o bien situación muy deficiente con exposición ocasional o esporádica. La materialización de Riesgo es posible que suceda varias veces en la vida laboral",100,{"$f":"O84*R84","v":1800},"I","Situación crìtica. Suspender actividades hasta que el riesgo esté bajo control. Intervención urgente.","No Aceptable","N/A","N/A","N/A","Capacitación en riesgo público\nDivulgar las acciones y recomendaciones en caso de emergencia, establecer un sitio donde el personal encuentre los números de emergencia \nReportar cualquier situación sospechosa a la autoridad competente.\nGarantizar medio de comunicación permanente con la policía Nacional .\nRespuesta al botón de alarma.\nCapacitar en servicio al cliente.\nCapacitar en manejo del estrés, resolución de conflictos y comunicación asertiva.","N/A","Directora de Talento Humano"]
[{"$nulls":4},"MECÁNICO","Contacto con partes fijas y móviles de los vehículos al realizar reparaciones menores en los vehículos o cambio de llantas ,golpes , machucones o atrapamientos en actividades de manejo de herramientas manuales.","Cortes, laceraciones.\nGolpes, contusiones.\nAtrapamientos, aplastamientos.",null,"Atrapamientos y/o aplastamiento de miembros inferiores o superiores.","NO","Mantenimiento preventivo de los vehículos.\nInspecciones pre operacionales de los vehículos.","NO",2,2,4,"B","Situación mejorable con exposición ocasional o esporádica, o situación sin anomalía destacable con cualquier nivel de exposición. No es esperable que se materialice el riesgo, aunque puede ser concebible.",60,240,"II","Corregir y adoptar medidas de control de inmediato.","No Aceptable o Aceptable con control específico","N/A","N/A","N/A","Capacitar en riesgo mecánico y sensibilizar en Autocuidado,\nCapacitación en prevención de accidentes y trabajo seguro.\nCapacitación en reporte de  actos y condiciones inseguras.\nCapacitar en uso y manejo de herramientas.","N/A","Directora de Talento Humano"]
[{"$nulls":4},"ELÉCTRICO","Al realizar reparaciones menores del sistema eléctrico en carretera (Sistema de Luces) se entra en contacto con bajas tensiones , toma  medidas eléctricas a cable multípara de cobre y coaxial con el equipo que se requiera exponiéndose a contacto directo o indirecto de bajas tensiones.","Contactos eléctricos.\nTetanización muscular.\nQuemaduras.\nEfectos secundarios como golpes, caídas, contusiones.",null,"Quemaduras.\nAccidentes secundarios por contactos eléctricos.","NO","Mantenimiento preventivo de los vehículos.\nInspecciones pre operacionales de los vehículos.","NO",2,2,4,"B","Situación mejorable con exposición ocasional o esporádica, o situación sin anomalía destacable con cualquier nivel de exposición. No es esperable que se materialice el riesgo, aunque puede ser concebible.",60,240,"II","Corregir y adoptar medidas de control de inmediato.","No Aceptable o Aceptable con control específico","N/A","N/A","Mantenimiento preventivo de los vehículos.","Capacitar en riesgo eléctrico.\nCapacitar en trabajo seguro y autocuidado.\nCapacitar en uso de elementos de protección personal.\nCapacitar en reporte de actos y condiciones inseguras.\nRealizar inspecciones pre operacionales a los vehículos.","N/A","Directora de Talento Humano"]
[{"$nulls":4},"LOCATIVO","Superficies deslizantes e irregulares por las cuales el trabajador transita,  dentro de las instalaciones de Coontranzipa donde desarrolla actividades de mantenimiento, vía publica , descender de los vehículos.","Caídas desde el mismo nivel.  Caídas desde diferente nivel. Contusiones.  Laceraciones.  Esguinces. Fracturas.",null,"Fracturas","NO","Se ejcutan Inspecciones de instalaciones","NO",2,3,6,"M","Situación deficiente con exposición esporádica, o bien situación mejorable con exposición continuada o frecuente. Es posible que suceda el daño alguna vez.",25,150,"II","Corregir y adoptar medidas de control de inmediato.","No Aceptable o Aceptable con control específico","N/A","N/A","Mantenimiento preventivo de las instalaciones de las sedes de la compañía.","Capacitar al trabajador en prevención de accidentes y autocuidado\nRealizar inspecciones de seguridad a los vehículos.\nCapacitar en prevención de caídas del mismo nivel.\nCapacitar en reporte de actos y condiciones inseguras.\nCapacitar en orden y aseo.","N/A","Directora de Talento Humano"]
[{"$nulls":3},"QUÍMICO","GASES Y VAPORES","La labor como conductor expone al trabajador al contacto con gases y vapores provenientes de los vehículos que circulan de forma conjunta, los trabajos en vía publica exponen al trabajador a inhalación constante de bajas concentraciones de Dióxido de Carbono","Afecciones del sistema respiratorio leves.\nTos, congestión nasal.\nIrritación y congestión de mucosas.\nCuadro gripal común.",null,"Afecciones respiratorias leves.","NO","NO","Exámenes Ocupacionales Periódicos.",2,1,2,"B","Situación mejorable con exposición ocasional o esporádica, o situación sin anomalía destacable con cualquier nivel de exposición. No es esperable que se materialice el riesgo, aunque puede ser concebible.",10,20,"IV","Mantener las medidas de control existentes, pero se deberían considerar soluciones o mejoras y se deben hacer comprobaciones periódicas para asegurar que el riesgo aún es aceptable.","Aceptable","N/A","N/A","N/A","Capacitar en autocuidado, prevención de enfermedades respiratorias e higiene personal.\nRealizar exámenes médicos ocupacionales.\nCapacitar en prevención de lesiones respiratorias.","N/A","Directora de Talento Humano"]
[{"$nulls":3},"PSICOSOCIAL","CONDICIONES DE LA TAREA","El desarrollo de las actividades de conducción en el día a día demandan una carga mental alta en los trabajadores ","Cefalea. Ansiedad. Estrés laboral. Desconcentración. Trastornos de sueño. Síndrome de Burnout. Alteraciones sistémicas. Fatiga mental, desgaste cognitivo. Afectación a las relaciones laborales. Accidentes de Tránsito.  Afecciones personales.",null,"Estrés laboral.\nSíndrome de burnout.\nAfecciones personales.\nAccidentes de Tránsito.","NO","Proceso de Selección.","No se ha realizado medición riesgo psicosocial , no se ha realizado intervención.",2,3,6,"M","Situación deficiente con exposición esporádica, o bien situación mejorable con exposición continuada o frecuente. Es posible que suceda el daño alguna vez.",60,360,"II","Corregir y adoptar medidas de control de inmediato.","No Aceptable o Aceptable con control específico","N/A","N/A","N/A","Desarrollar el proceso de aplicación  de la batería de riesgo psicosocial y de intervención.\nDesarrollar programas de gimnasia laboral, que permitan romper la monotonía de las actividades.\nRealizar capacitaciones en manejo del estrés.\nCapacitar en comunicación asertiva.\nDesarrollar programa de estilos de vida y trabajo saludables, que estén vinculados con actividades de las cajas de compensación en prevención y promoción.\nRealizar capacitaciones en prevención del consumo de sustancias psicoactivas (bebidas con cafeína y consumo de tabaco).\nAbrir espacio de comunicación para recepción de sugerencias.\n","N/A","Directora de Talento Humano"]
[{"$nulls":4},"INTERFASE PERSONA TAREA","Demandas de conocimientos y habilidades del trabajador para el desarrollo de actividades de conducción.","Cefalea. Ansiedad. Estrés laboral. Desconcentración. Trastornos de sueño. Síndrome de Burnout. Alteraciones sistémicas. Fatiga mental, desgaste cognitivo. Afectación a las relaciones laborales. Accidentes de Tránsito.  Afecciones personales.",null,"Estrés laboral.\nSíndrome de burnout.\nAfecciones personales.\nAccidentes de Tránsito.","NO","Proceso de Selección.","No se ha realizado medición riesgo psicosocial , no se ha realizado intervención.",2,3,6,"M","Situación deficiente con exposición esporádica, o bien situación mejorable con exposición continuada o frecuente. Es posible que suceda el daño alguna vez.",60,360,"II","Corregir y adoptar medidas de control de inmediato.","No Aceptable o Aceptable con control específico","N/A","N/A","N/A","Desarrollar el proceso de aplicación  de la batería de riesgo psicosocial y de intervención.\nDesarrollar programas de gimnasia laboral, que permitan romper la monotonía de las actividades.\nRealizar capacitaciones en manejo del estrés.\nCapacitar en comunicación asertiva.\nDesarrollar programa de estilos de vida y trabajo saludables, que estén vinculados con actividades de las cajas de compensación en prevención y promoción.\nRealizar capacitaciones en prevención del consumo de sustancias psicoactivas (bebidas con cafeína y consumo de tabaco).\nAbrir espacio de comunicación para recepción de sugerencias.\n","N/A","Directora de Talento Humano"]
["SERVICIOS GENERALES","Aseo general cocina , aseo de dos oficinas y baños empleados\nAseo general baño oficinas cocina y sala de juntas segundo piso \nManipula sustancias como clorox y limpiavidrios , lustra muebles                                                                                                                                                                                                                                                                              Prepara tinto , agua aromática  y manipula  microondas","SI","BIOMECÁNICO","POSTURAS","Posturas forzadas o mantenidas de segmentos del cuerpo para realizar labores de servicios generales.","Dolor dorsal y lumbar\nDolor en cuello y hombros\nAlteraciones osteomusculares\n",1,"Alteraciones osteomusculares\nAlteraciones vasculares en miembros inferiores","NO","NO","Exámenes ocupacionales periódicos ",2,3,{"$f":"M91*N91","v":6},{"$f":"+IF(AND(M91*N91>=24,M91*N91<=40),\"MA\",IF(AND(M91*N91>=10,M91*N91<=20),\"A\",IF(AND(M91*N91>=6,M91*N91<=8),\"M\",IF(AND(M91*N91>=0,M91*N91<=4),\"B\",\"\"))))","v":"M"},{"$f":"+IF(P91=\"MA\",\"Situación deficiente con exposición continua, o muy deficiente con exposición frecuente. Normalmente la materialización del riesgo ocurre con frecuencia.\",IF(P91=\"A\",\"Situación deficiente con exposición frecuente u ocasional, o bien situación muy deficiente con exposición ocasional o esporádica. La materialización de Riesgo es posible que suceda varias veces en la vida laboral\",IF(P91=\"M\",\"Situación deficiente con exposición esporádica, o bien situación mejorable con exposición continuada o frecuente. Es posible que suceda el daño alguna vez.\",IF(P91=\"B\",\"Situación mejorable con exposición ocasional o esporádica, o situación sin anomalía destacable con cualquier nivel de exposición. No es esperable que se materialice el riesgo, aunque puede ser concebible.\",\"\"))))","v":"Situación deficiente con exposición esporádica, o bien situación mejorable con exposición continuada o frecuente. Es posible que suceda el daño alguna vez."},25,{"$f":"O91*R91","v":150},{"$f":"+IF(AND(M91*N91*R91>=600,M91*N91*R91<=4000),\"I\",IF(AND(M91*N91*R91>=150,M91*N91*R91<=500),\"II\",IF(AND(M91*N91*R91>=40,M91*N91*R91<=120),\"III\",IF(AND(M91*N91*R91>=0,M91*N91*R91<=20),\"IV\",\"\"))))","v":"II"},{"$f":"+IF(T91=\"I\",\"Situación crìtica. Suspender actividades hasta que el riesgo esté bajo control. Intervención urgente.\",IF(T91=\"II\",\"Corregir y adoptar medidas de control de inmediato.\",IF(T91=\"III\",\"Mejorar si es posible. Sería conveniente justificar la intervención y su rentabilidad.\",IF(T91=\"IV\",\"Mantener las medidas de control existentes, pero se deberían considerar soluciones o mejoras y se deben hacer comprobaciones periódicas para asegurar que el riesgo aún es aceptable.\",\"\"))))","v":"Corregir y adoptar medidas de control de inmediato."},{"$f":"+IF(T91=\"I\",\"No Aceptable\",IF(T91=\"II\",\"No Aceptable o Aceptable con control específico\",IF(T91=\"III\",\"Mejorable\",IF(T91=\"IV\",\"Aceptable\",\"\"))))","v":"No Aceptable o Aceptable con control específico"},"N/A","N/A","Mantenimiento de sillas, Análisis de puestos de trabajo","Realizar exámenes ocupacionales periódicos con valoraciones osteomusculares.\n\nCapacitar en higiene postural y prevención de lesiones osteomusculares.\nRealizar análisis de puesto de trabajo para adecuarlo a las condiciones antropométricas del trabajador.","N/A","Directora de Talento Humano"]
[{"$nulls":4},"MOVIMIENTOS REPETITIVOS","Movimientos repetitivos en actividades de limpieza ,  exprimiendo traperos , escurriendo y lavando trapos.","Síndrome de túnel del carpo\nFatiga muscular\nTensión lumbar y cervical\nEpicondilitis",null,"Síndrome del túnel del carpo","NO","NO","Exámenes ocupacionales periódicos.",2,3,6,"M",{"$f":"+IF(P92=\"MA\",\"Situación deficiente con exposición continua, o muy deficiente con exposición frecuente. Normalmente la materialización del riesgo ocurre con frecuencia.\",IF(P92=\"A\",\"Situación deficiente con exposición frecuente u ocasional, o bien situación muy deficiente con exposición ocasional o esporádica. La materialización de Riesgo es posible que suceda varias veces en la vida laboral\",IF(P92=\"M\",\"Situación deficiente con exposición esporádica, o bien situación mejorable con exposición continuada o frecuente. Es posible que suceda el daño alguna vez.\",IF(P92=\"B\",\"Situación mejorable con exposición ocasional o esporádica, o situación sin anomalía destacable con cualquier nivel de exposición. No es esperable que se materialice el riesgo, aunque puede ser concebible.\",\"\"))))","v":"Situación deficiente con exposición esporádica, o bien situación mejorable con exposición continuada o frecuente. Es posible que suceda el daño alguna vez."},25,150,"II",{"$f":"+IF(T92=\"I\",\"Situación crìtica. Suspender actividades hasta que el riesgo esté bajo control. Intervención urgente.\",IF(T92=\"II\",\"Corregir y adoptar medidas de control de inmediato.\",IF(T92=\"III\",\"Mejorar si es posible. Sería conveniente justificar la intervención y su rentabilidad.\",IF(T92=\"IV\",\"Mantener las medidas de control existentes, pero se deberían considerar soluciones o mejoras y se deben hacer comprobaciones periódicas para asegurar que el riesgo aún es aceptable.\",\"\"))))","v":"Corregir y adoptar medidas de control de inmediato."},{"$f":"+IF(T92=\"I\",\"No Aceptable\",IF(T92=\"II\",\"No Aceptable o Aceptable con control específico\",IF(T92=\"III\",\"Mejorable\",IF(T92=\"IV\",\"Aceptable\",\"\"))))","v":"No Aceptable o Aceptable con control específico"},"N/A","N/A"," Análisis de puestos de trabajo con énfasis en el cargo","\nDesarrollar un programa de riesgo biomecánico que contemple la implementación de pausas activas y gimnasia laboral.  Articulado con un programa de estilos de vida y trabajo saludables.\nCapacitar en riesgo biomecánico y prevención de lesiones osteomusculares.\nRealizar exámenes ocupacionales periódicos con valoraciones osteomusculares.","N/A","Directora de Talento Humano"]
[{"$nulls":3},"PSICOSOCIAL","CONDICIONES DE LA TAREA","Las labores de servicios generales y cafetería  demandan una carga mental en el trabajador.","Cefalea\nAnsiedad\nEstrés laboral\nDesconcentración\nTrastornos de sueño\n",null,"Estrés laboral\nSíndrome de burnout","NO","NO","No se ha realizado medición riesgo psicosocial , no se ha realizado intervención.",2,3,6,"M","Situación deficiente con exposición esporádica, o bien situación mejorable con exposición continuada o frecuente. Es posible que suceda el daño alguna vez.",25,150,"II","Corregir y adoptar medidas de control de inmediato.","No Aceptable o Aceptable con control específico","N/A","N/A","N/A","Desarrollar el plan de intervención de la batería de riesgo psicosocial.\nDesarrollar programas de gimnasia laboral, que permitan romper la monotonía de las actividades.\nRealizar capacitaciones en manejo del estrés.\nCapacitar en liderazgo, comunicación asertiva y servicio al cliente.\nDesarrollar programa de estilos de vida y trabajo saludables, que estén vinculados con actividades de las cajas de compensación en prevención y promoción.\nRealizar capacitaciones en prevención del consumo de sustancias psicoactivas (bebidas con cafeína y consumo de tabaco).","N/A","Directora de Talento Humano"]
[{"$nulls":3},"FISICO","TEMPERATURAS","Cambios de temperatura en la cocción de alimentos , cambios de temperatura en el paso de la cocina a otras áreas.","Rinitis\nDisconfort térmico\nBaja concentración y atención",null,"Disconfort térmico.","NO","NO","NO",2,2,4,"B","Situación mejorable con exposición ocasional o esporádica, o situación sin anomalía destacable con cualquier nivel de exposición. No es esperable que se materialice el riesgo, aunque puede ser concebible.",25,100,"III","Mejorar si es posible. Sería conveniente justificar la intervención y su rentabilidad.","Mejorable","N/A","N/A","Instalación de Sistema de Aire acondicionado y Control de Temperatura","Hacer mediciones Higiénicas de Confort Térmico","N/A","Directora de Talento Humano"]
[{"$nulls":4},"ILUMINACIÓN","Deficiencia de luz natural en la cocina, uso constante de luz artificial ,exceso o falta de  iluminación de acuerdo al área donde se encuentre realizando la labor .","Fatiga visual\nDeslumbramiento\nDistracción",null,"Fatiga visual","NO","NO","Descansos  y pausas en la actividad laboral.\nExámenes médicos ocupacionales periódicos.",2,3,6,"M","Situación deficiente con exposición esporádica, o bien situación mejorable con exposición continuada o frecuente. Es posible que suceda el daño alguna vez.",60,360,"II","Corregir y adoptar medidas de control de inmediato.","No Aceptable o Aceptable con control específico","N/A","N/A","Mantenimiento preventivo de las luminarias.","Hacer mediciones de Luxómetro en cada puesto de trabajo\nRealizar exámenes médicos ocupacionales con valoraciones visuales.\nImplementar programa de pausas activas.\nCapacitar en cuidado visual.","N/A","Directora de Talento Humano"]
[{"$nulls":4},"RADIACIONES NO IONIZANTES","Uso de microondas para calentar alimentos requeridos por el personal interno o visitas.","Cefalea\nMigraña\nDisconfort térmico.\nBaja productividad.",null,"Disconfort térmico.","NO","NO","NO",2,2,4,"B","Situación mejorable con exposición ocasional o esporádica, o situación sin anomalía destacable con cualquier nivel de exposición. No es esperable que se materialice el riesgo, aunque puede ser concebible.",25,100,"III","Mejorar si es posible. Sería conveniente justificar la intervención y su rentabilidad.","Mejorable","N/A","N/A","N/A","Capacitación en riesgo físico.\nCapacitación en  estilos de vida saludables\nCapacitación en Autocuidado.\nImplementar programa de pausas activas\nExámenes médicos ocupacionales periódicos","N/A","Directora de Talento Humano"]
[{"$nulls":3},"CONDICIONES DE SEGURIDAD","MECÁNICO","Contacto con equipos de cocina (estufa, nevera, entre otras), implementos utilizados para la elaboración de alimentos (cuchillos y otros utensilios).\nGolpes en el Levantamiento de objetos o  movilización de objetos para realizar actividades de limpieza.\nContacto con partes fijas o móviles de los muebles de oficina (Cajones).","Cortes, laceraciones.\nGolpes, contusiones.\nAtrapamientos leves.",null,"Cortes y laceraciones en manos y dedos.","NO","NO","NO",2,3,6,"M","Situación deficiente con exposición esporádica, o bien situación mejorable con exposición continuada o frecuente. Es posible que suceda el daño alguna vez.",25,150,"II","Corregir y adoptar medidas de control de inmediato.","No Aceptable o Aceptable con control específico","N/A","N/A","N/A","Capacitar en riesgo mecánico y sensibilizar en Autocuidado,\nCapacitación en prevención de accidentes y trabajo seguro.\nCapacitar en reporte de actos y condiciones inseguras.","N/A","Directora de Talento Humano"]
[{"$nulls":4},"LOCATIVO","Presencia de cables sueltos bajo el puesto\nPresencia de superficies irregulares en el transporte entre los pisos administrativos ,área de cocina y áreas de bodega interna.","Caídas desde el mismo nivel. \nContusiones.  Laceraciones.  Esguinces.\nFracturas.",null,"Fracturas","NO","NO","NO",2,3,6,"M","Situación deficiente con exposición esporádica, o bien situación mejorable con exposición continuada o frecuente. Es posible que suceda el daño alguna vez.",25,150,"II","Corregir y adoptar medidas de control de inmediato.","No Aceptable o Aceptable con control específico","N/A","N/A","Entorchado de cables.\nMantenimiento preventivo de las instalaciones.","Capacitar al trabajador en prevención de accidentes y autocuidado\nRealizar inspecciones de seguridad.\nImplementar programas de riesgo locativo (Orden y Aseo).\nCapacitar en prevención de caídas del mismo nivel.","N/A","Directora de Talento Humano"]
[{"$nulls":3},"QUÍMICO","LÍQUIDOS","Uso de sustancias para la desinfección y la limpieza de pisos, superficies y muebles","Irritación de mucosas.\nEnrojecimiento de mucosas.\nArdor en nariz y ojos.\nCefaleas, mareos, nauseas.\nIrritación de la piel.",null,"Irritación de piel y mucosas.","NO","NO","Guantes\nDelantal",2,3,6,"M","Situación deficiente con exposición esporádica, o bien situación mejorable con exposición continuada o frecuente. Es posible que suceda el daño alguna vez.",25,150,"II","Corregir y adoptar medidas de control de inmediato.","No Aceptable o Aceptable con control específico","N/A","N/A","N/A","Capacitar en autocuidado.\nCapacitar en riesgo químico y hojas de seguridad.\nCapacitar en primeros auxilios.\nCapacitar en lavado y desinfección de manos.\nCapacitar en normas de higiene y seguridad.\nRealizar exámenes médicos ocupacionales.\nCapacitar en uso de EPPs.","Guantes de látex calibre 35\nProtector naso bucal.\nDelantal.\n","Directora de Talento Humano"]
[{"$nulls":4},"GASES Y VAPORES","Vapores derivados de las sustancias químicas que se emplean para las labores de servicios generales, así como los vapores producidos durante la preparación de alimentos.","Afecciones del sistema respiratorio leves.\nTos, congestión nasal.\nIrritación y congestión de mucosas.\nCuadro gripal común.",null,"Afecciones respiratorias leves.","NO","NO","NO",2,1,2,"B","Situación mejorable con exposición ocasional o esporádica, o situación sin anomalía destacable con cualquier nivel de exposición. No es esperable que se materialice el riesgo, aunque puede ser concebible.",10,20,"IV","Mantener las medidas de control existentes, pero se deberían considerar soluciones o mejoras y se deben hacer comprobaciones periódicas para asegurar que el riesgo aún es aceptable.","Aceptable","N/A","N/A","N/A","Capacitar en autocuidado, prevención de enfermedades respiratorias e higiene personal.\nRealizar exámenes médicos ocupacionales.\nCapacitar en prevención de lesiones respiratorias.","N/A","Directora de Talento Humano"]
[{"$nulls":4},"POLVOS","Polvo presente en la superficies a las que se les realiza aseo y desinfección.","Afecciones del sistema respiratorio leves.\nTos, congestión nasal.\nIrritación y congestión de mucosas.\nCuadro gripal común.",null,"Afecciones respiratorias.","NO","NO","NO",2,1,2,"B","Situación mejorable con exposición ocasional o esporádica, o situación sin anomalía destacable con cualquier nivel de exposición. No es esperable que se materialice el riesgo, aunque puede ser concebible.",10,20,"IV","Mantener las medidas de control existentes, pero se deberían considerar soluciones o mejoras y se deben hacer comprobaciones periódicas para asegurar que el riesgo aún es aceptable.","Aceptable","N/A","N/A","N/A","Capacitar en autocuidado, prevención de enfermedades respiratorias e higiene personal.\nRealizar exámenes médicos ocupacionales.\nCapacitar en uso de elementos de protección personal.\nCapacitar en prevención de lesiones respiratorias.","N/A","Directora de Talento Humano"]
["BRIGADISTA","Dirigir de manera ordenada y adecuada la evacuación en caso de emergencia\nEjecutar de manera segura y técnica el rescate de las personas que requieran ser evacuadas, quienes se encuentren heridas o atrapadas\nVerificar después de cada evacuación que el personal este completo y que dentro de las instalaciones de la organización no quede ninguna persona, para lo cual deberá Analizar las consecuencias de una emergencia y clasificar al personal de acuerdo a la gravedad de sus lesiones\nProceder en manera segura, correcta, técnica y ordenada a realizar la sofocación o extinción de un incendio o conato de incendio                                                                                                                                                                                                                                                                                                                                Atender inmediatamente en un lugar asegurado al trabajador afectado y lesionado","SI","BIOMECÁNICO","POSTURAS","Movimientos  o fuerzas inadecuadas en el momento de la atención de una emergencia","Dolor dorsal y lumbar\nDolor en cuello y hombros\nAlteraciones osteomusculares\n",1,"Alteraciones osteomusculares\nAlteraciones vasculares en miembros inferiores","NO","NO","Exámenes ocupacionales periódicos ",2,3,6,"M",{"$f":"+IF(P102=\"MA\",\"Situación deficiente con exposición continua, o muy deficiente con exposición frecuente. Normalmente la materialización del riesgo ocurre con frecuencia.\",IF(P102=\"A\",\"Situación deficiente con exposición frecuente u ocasional, o bien situación muy deficiente con exposición ocasional o esporádica. La materialización de Riesgo es posible que suceda varias veces en la vida laboral\",IF(P102=\"M\",\"Situación deficiente con exposición esporádica, o bien situación mejorable con exposición continuada o frecuente. Es posible que suceda el daño alguna vez.\",IF(P102=\"B\",\"Situación mejorable con exposición ocasional o esporádica, o situación sin anomalía destacable con cualquier nivel de exposición. No es esperable que se materialice el riesgo, aunque puede ser concebible.\",\"\"))))","v":"Situación deficiente con exposición esporádica, o bien situación mejorable con exposición continuada o frecuente. Es posible que suceda el daño alguna vez."},25,{"$f":"O102*R102","v":150},"II",{"$f":"+IF(T102=\"I\",\"Situación crìtica. Suspender actividades hasta que el riesgo esté bajo control. Intervención urgente.\",IF(T102=\"II\",\"Corregir y adoptar medidas de control de inmediato.\",IF(T102=\"III\",\"Mejorar si es posible. Sería conveniente justificar la intervención y su rentabilidad.\",IF(T102=\"IV\",\"Mantener las medidas de control existentes, pero se deberían considerar soluciones o mejoras y se deben hacer comprobaciones periódicas para asegurar que el riesgo aún es aceptable.\",\"\"))))","v":"Corregir y adoptar medidas de control de inmediato."},{"$f":"+IF(T102=\"I\",\"No Aceptable\",IF(T102=\"II\",\"No Aceptable o Aceptable con control específico\",IF(T102=\"III\",\"Mejorable\",IF(T102=\"IV\",\"Aceptable\",\"\"))))","v":"No Aceptable o Aceptable con control específico"},"N/A","N/A","Mantenimiento de sillas, Análisis de puestos de trabajo","Realizar exámenes ocupacionales periódicos con valoraciones osteomusculares.\nCapacitar en higiene postural y prevención de lesiones osteomusculares.\nRealizar análisis de puesto de trabajo para adecuarlo a las condiciones antropométricas del trabajador.","N/A","Directora de Talento Humano"]
[{"$nulls":4},"LEVANTAMIENTO DE CARGAS","Levantamiento de cargas para rescate y transporte de heridos \n\n","Dolor dorsal y lumbar\nDolor en cuello y hombros\nAlteraciones osteomusculares\nTensión en discos intervertebrales\nInflamación de miembros inferiores\nAlteraciones vasculares en miembros inferiores",null,"Alteraciones osteomusculares\nAlteraciones vasculares en miembros inferiores (Venas varices)","NO","NO","Descansos y pausas en la jornada laboral.\nExámenes médicos ocupacionales periódicos.",2,3,6,"M",{"$f":"+IF(P103=\"MA\",\"Situación deficiente con exposición continua, o muy deficiente con exposición frecuente. Normalmente la materialización del riesgo ocurre con frecuencia.\",IF(P103=\"A\",\"Situación deficiente con exposición frecuente u ocasional, o bien situación muy deficiente con exposición ocasional o esporádica. La materialización de Riesgo es posible que suceda varias veces en la vida laboral\",IF(P103=\"M\",\"Situación deficiente con exposición esporádica, o bien situación mejorable con exposición continuada o frecuente. Es posible que suceda el daño alguna vez.\",IF(P103=\"B\",\"Situación mejorable con exposición ocasional o esporádica, o situación sin anomalía destacable con cualquier nivel de exposición. No es esperable que se materialice el riesgo, aunque puede ser concebible.\",\"\"))))","v":"Situación deficiente con exposición esporádica, o bien situación mejorable con exposición continuada o frecuente. Es posible que suceda el daño alguna vez."},25,{"$f":"O103*R103","v":150},"II",{"$f":"+IF(T103=\"I\",\"Situación crìtica. Suspender actividades hasta que el riesgo esté bajo control. Intervención urgente.\",IF(T103=\"II\",\"Corregir y adoptar medidas de control de inmediato.\",IF(T103=\"III\",\"Mejorar si es posible. Sería conveniente justificar la intervención y su rentabilidad.\",IF(T103=\"IV\",\"Mantener las medidas de control existentes, pero se deberían considerar soluciones o mejoras y se deben hacer comprobaciones periódicas para asegurar que el riesgo aún es aceptable.\",\"\"))))","v":"Corregir y adoptar medidas de control de inmediato."},{"$f":"+IF(T103=\"I\",\"No Aceptable\",IF(T103=\"II\",\"No Aceptable o Aceptable con control específico\",IF(T103=\"III\",\"Mejorable\",IF(T103=\"IV\",\"Aceptable\",\"\"))))","v":"No Aceptable o Aceptable con control específico"},"N/A","N/A","N/A","Realizar exámenes ocupacionales periódicos con valoraciones osteomusculares.\nImplementar programa de vigilancia epidemiológica para lesiones osteomusculares.\nDesarrollar un programa de riesgo biomecánico que contemple la implementación de pausas activas y gimnasia laboral.\nCapacitar en estilos de vida y trabajo saludables.\nCapacitar en higiene postural y prevención de lesiones osteomusculares.\nGarantizar espacios de descanso al finalizar los recorridos.","Guantes de protección y Botas de Seguridad","Directora de Talento Humano"]
[{"$nulls":3},"FÍSICO","RUIDO","Exposición  a lesiones auditivas por explosiones o conatos de fuego","Trauma Auditivo\nOtitis no infecciosa\nReducción temporal del  umbral auditivo",null,"hipoacusia neurosensorial","NO","NO","Exámenes Ocupacionales Periódicos.",2,4,8,"M","Situación deficiente con exposición esporádica, o bien situación mejorable con exposición continuada o frecuente. Es posible que suceda el daño alguna vez.",25,200,"II","Corregir y adoptar medidas de control de inmediato.","No Aceptable o Aceptable con control específico","N/A","N/A","N/A","Capacitación en riesgo físico por ruido.\nCapacitación en cuidado auditivo.\nRealizar exámenes ocupacionales (ingreso, periódicos y de retiro)  con pruebas de audiometría.\nImplementar programa de pausas activas.","N/A","Directora de Talento Humano"]
[{"$nulls":4},"TEMPERATURAS","Exposición a conatos de fuego y explosiones , contacto con superficies calientes","Quemaduras de 1, 2 y 3 grado , muerte por incineración",null,"Muerte por incineración","NO","NO","NO",2,1,2,"B","Situación mejorable con exposición ocasional o esporádica, o situación sin anomalía destacable con cualquier nivel de exposición. No es esperable que se materialice el riesgo, aunque puede ser concebible.",100,200,"II","Corregir y adoptar medidas de control de inmediato.","No Aceptable o Aceptable con control específico","N/A","N/A","Equipos de protección térmica para brigadistas, trajes ignífugos","Capacitar en control de incendios y tareas de alto riesgo","N/A","Directora de Talento Humano"]
[{"$nulls":3},"CONDICIONES DE SEGURIDAD","MECÁNICO","Atrapamientos de miembros inferiores y superiores en la tención de emergencias , rescate y evacuación ","Cortes, laceraciones.\nGolpes, contusiones.\nAtrapamientos leves.",null,"Cortes y laceraciones en manos y dedos.","NO","NO","NO",2,3,6,"M","Situación deficiente con exposición esporádica, o bien situación mejorable con exposición continuada o frecuente. Es posible que suceda el daño alguna vez.",25,150,"II","Corregir y adoptar medidas de control de inmediato.","No Aceptable o Aceptable con control específico","N/A","N/A","N/A","Capacitar en riesgo mecánico y sensibilizar en Autocuidado,\nCapacitación en prevención de accidentes y trabajo seguro.\nCapacitar en reporte de actos y condiciones inseguras.","Casco y equipo para brigadistas","Directora de Talento Humano"]
[{"$nulls":4},"ACCIDENTES DE TRÁNSITO","Accidentes de transito en  desplazamiento  a centros médicos para el transporte de heridos","Muerte.\nGolpes, contusiones, \npolitraumatismos.\nFracturas de huesos largos y cortos.\nTrauma cráneo cefálico de moderado a severo.",null,"Muerte","NO","NO","Capacitación en seguridad vial.\nLicencia de conducción vigente.",6,3,18,"A","Situación deficiente con exposición frecuente u ocasional, o bien situación muy deficiente con exposición ocasional o esporádica. La materialización de Riesgo es posible que suceda varias veces en la vida laboral",100,1800,"I","Situación crìtica. Suspender actividades hasta que el riesgo esté bajo control. Intervención urgente.","No Aceptable","N/A","N/A","Mantenimiento preventivo del vehículo","Capacitar en seguridad vial y manejo defensivo.\nImplementar programa de seguridad vial.\nDesarrollar actividades lúdicas de seguridad vial dentro de las instalaciones.\nCapacitar en primeros auxilios.","N/A","Directora de Talento Humano"]
[{"$nulls":4},"LOCATIVO","Caída de objetos , escaleras resbalosas , espacios desordenados en actividades de atención de emergencias evacuación y rescate.","Caídas desde el mismo nivel. \nContusiones.  Laceraciones.  Esguinces.\nFracturas.",null,"Fracturas","NO","Se ejecutan Inspecciones de instalaciones","NO",2,3,6,"M","Situación deficiente con exposición esporádica, o bien situación mejorable con exposición continuada o frecuente. Es posible que suceda el daño alguna vez.",25,150,"II","Corregir y adoptar medidas de control de inmediato.","No Aceptable o Aceptable con control específico","N/A","N/A","Entorchado de cables.\nMantenimiento preventivo de las instalaciones.","Capacitar al brigadista en sistemas de evacuación y rescate\nRealizar inspecciones de seguridad.\nImplementar programas de riesgo locativo (Orden y Aseo).\nCapacitar en prevención de caídas del mismo nivel.","N/A","Directora de Talento Humano"]
[{"$nulls":3},"QUÍMICO","GASES Y VAPORES","inhalación de vapores , humos y gases","Afecciones del sistema respiratorio graves.\nTos, congestión nasal.\nIrritación y congestión de mucosas.\n",null,"asfixia por inhalación de humos , lesiones pulmonares graves","NO","NO","Exámenes Ocupacionales Periódicos.",2,1,2,"B","Situación mejorable con exposición ocasional o esporádica, o situación sin anomalía destacable con cualquier nivel de exposición. No es esperable que se materialice el riesgo, aunque puede ser concebible.",10,20,"IV","Mantener las medidas de control existentes, pero se deberían considerar soluciones o mejoras y se deben hacer comprobaciones periódicas para asegurar que el riesgo aún es aceptable.","Aceptable","N/A","N/A","N/A","Capacitar en autocuidado, prevención de enfermedades respiratorias e higiene personal.\nRealizar exámenes médicos ocupacionales.\nCapacitar en prevención de lesiones respiratorias.","Protección Resporatoria","Directora de Talento Humano"]
[{"$nulls":4},"POLVOS","Polvo y material particulado presente en el área donde se realiza mantenimiento y parqueo de vehículos en la sede de Fontibón , igualmente en carreteras que no se han pavimentado.","Afecciones del sistema respiratorio leves.\nTos, congestión nasal.\nIrritación y congestión de mucosas.\nCuadro gripal común.",null,"Afecciones respiratorias.","NO","NO","NO",2,1,2,"B","Situación mejorable con exposición ocasional o esporádica, o situación sin anomalía destacable con cualquier nivel de exposición. No es esperable que se materialice el riesgo, aunque puede ser concebible.",10,20,"IV","Mantener las medidas de control existentes, pero se deberían considerar soluciones o mejoras y se deben hacer comprobaciones periódicas para asegurar que el riesgo aún es aceptable.","Aceptable","N/A","N/A","N/A","Capacitar en autocuidado, prevención de enfermedades respiratorias e higiene personal.\nRealizar exámenes médicos ocupacionales.\nCapacitar en prevención de lesiones respiratorias.","Protección Resporatoria","Directora de Talento Humano"]
[{"$nulls":3},"BIOLÓGICO","VIRUS Y BACTERIAS","Exposición a fluidos corporales debido a la atención de primeros auxilios suministrados a los trabajadores heridos.","Infecciones retrovirales\nAfecciones respiratorias\nGastroenteritis",null,"Infecciones retrovirales","NO","NO","Guantes\nProtección respiratoria\nEsquema de vacunación antitetánica y de Hepatitis B.",2,2,4,"B","Situación mejorable con exposición ocasional o esporádica, o situación sin anomalía destacable con cualquier nivel de exposición. No es esperable que se materialice el riesgo, aunque puede ser concebible.",10,40,"III","Mejorar si es posible. Sería conveniente justificar la intervención y su rentabilidad.","Mejorable","N/A","N/A","N/A","Capacitar al personal en riesgo biológico.\nCapacitar en lavado y desinfección de manos\nAprovisionar al personal involucrado con el riesgo de gel antibacterial\nSensibilizar al personal sobre el cuidado de manos y estilos de vida saludables\nCapacitar en autocuidado.","Guantes\nProtección respiratoria\nGafas de seguridad","Directora de Talento Humano"]
["ALINEADOR","Alineación y balanceo de vehículos\nOperación de maquinas manuales \nCalibración llantas  \nReportar cualquier novedad que vea en la suspensión del vehículo que pueda afectar la vida útil de la llanta.\n","SI","BIOMECÁNICO","POSTURAS","Postura en bipedestación mantenida durante la jornada laboral, al igual que posturas forzadas de miembros superiores, cuello y espalda para realizar labores bajo el vehículo.\nPosturas anti gravitacionales forzadas del cuello y los miembros superiores para alcanzar el equipo de computo que esta en la plataforma","Dolor dorsal y lumbar\nDolor en cuello y hombros\nAlteraciones osteomusculares\nTensión en discos intervertebrales\nInflamación de miembros inferiores\nAlteraciones vasculares en miembros inferiores",1,"Alteraciones osteomusculares\nAlteraciones vasculares en miembros inferiores (Venas varices)","NO","NO","Descansos y pausas en la jornada laboral.\nExámenes médicos ocupacionales periódicos.",2,3,6,"M","Situación deficiente con exposición esporádica, o bien situación mejorable con exposición continuada o frecuente. Es posible que suceda el daño alguna vez.",25,150,"II","Corregir y adoptar medidas de control de inmediato.","No Aceptable o Aceptable con control específico","N/A","N/A","N/A","Realizar exámenes ocupacionales periódicos con valoraciones osteomusculares.\nImplementar programa de vigilancia epidemiológica para lesiones osteomusculares.\nDesarrollar un programa de riesgo biomecánico que contemple la implementación de pausas activas y gimnasia laboral.\nCapacitar en estilos de vida y trabajo saludables.\nCapacitar en higiene postural y prevención de lesiones osteomusculares.\nGarantizar espacios de descanso al finalizar los recorridos.","N/A","Directora de Talento Humano"]
[{"$nulls":4},"LEVANTAMIENTO DE CARGAS","Levantamiento de piezas y herramientas para hacer las labores de alineación de los vehículos.","Dolor dorsal y lumbar\nDolor en cuello y hombros\nAlteraciones osteomusculares\nTensión en discos intervertebrales\nInflamación de miembros inferiores\nAlteraciones vasculares en miembros inferiores",null,"Alteraciones osteomusculares\nAlteraciones vasculares en miembros inferiores (Venas varices)","NO","NO","Descansos y pausas en la jornada laboral.\nExámenes médicos ocupacionales periódicos.",2,3,6,"M","Situación deficiente con exposición esporádica, o bien situación mejorable con exposición continuada o frecuente. Es posible que suceda el daño alguna vez.",25,150,"II","Corregir y adoptar medidas de control de inmediato.","No Aceptable o Aceptable con control específico","N/A","N/A","N/A","Realizar exámenes ocupacionales periódicos con valoraciones osteomusculares.\nImplementar programa de vigilancia epidemiológica para lesiones osteomusculares.\nDesarrollar un programa de riesgo biomecánico que contemple la implementación de pausas activas y gimnasia laboral.\nCapacitar en estilos de vida y trabajo saludables.\nCapacitar en higiene postural y prevención de lesiones osteomusculares.\nGarantizar espacios de descanso al finalizar los recorridos.","Guantes de protección","Directora de Talento Humano"]
[{"$nulls":4},"MOVIMIENTOS REPETITIVOS","Movimientos repetitivos en miembros superiores ocasionados por el uso de herramientas manuales para realizar las actividades de alineación bajo los vehículos.  Además de los movimientos repetitivos asociados al uso del computador del equipo de alineación.","Síndrome de túnel del carpo\nFatiga muscular\nTensión lumbar y cervical\nEspasmo muscular\nEpicondilitis",null,"Síndrome del túnel del carpo","NO","NO","Descansos y pausas en la jornada laboral.\nExámenes ocupacionales periódicos.",2,3,6,"M","Situación deficiente con exposición esporádica, o bien situación mejorable con exposición continuada o frecuente. Es posible que suceda el daño alguna vez.",25,150,"II","Corregir y adoptar medidas de control de inmediato.","No Aceptable o Aceptable con control específico","N/A","N/A","N/A","Realizar exámenes ocupacionales periódicos con valoraciones osteomusculares.\nImplementar programa de vigilancia epidemiológica para lesiones osteomusculares.\nDesarrollar un programa de riesgo biomecánico que contemple la implementación de pausas activas y gimnasia laboral .\nCapacitar en estilos de vida y trabajo saludables.\nCapacitar en riesgo biomecánico y prevención de lesiones osteomusculares.\nGarantizar espacios de descanso al finalizar los recorridos.","N/A","Directora de Talento Humano"]
[{"$nulls":3},"FÍSICO","RADIACIONES NO IONIZANTES","Radiaciones no ionizantes por el sol, con mayor intensidad en el medio día.\nRadiaciones derivadas del uso del ordenador del equipo de alineación.","Migraña\nFatiga visual\nFatiga física.\nDisconfort Térmico.",null,"Fatiga física o visual.\nEritemas.","NO","NO","Paradas de descanso en el trayecto\nExámenes médicos ocupacionales periódicos.",2,2,4,"B","Situación mejorable con exposición ocasional o esporádica, o situación sin anomalía destacable con cualquier nivel de exposición. No es esperable que se materialice el riesgo, aunque puede ser concebible.",25,100,"III","Mejorar si es posible. Sería conveniente justificar la intervención y su rentabilidad.","Mejorable","N/A","N/A","N/A","Capacitación en riesgo físico.\nCapacitación en cuidado visual y estilos de vida saludables\nExámenes médicos ocupacionales periódicos.\nGarantizar espacios de descanso al terminar los recorridos.\nCapacitar en autocuidado (Uso de Bloqueador).","N/A","Directora de Talento Humano"]
[{"$nulls":4},"VIBRACION","Vibraciones en manos y brazos producidas por las herramientas eléctricas empleadas para retirar y ajustar los pernos  y tuercas de las llantas.","Cefaleas\nDolores abdominales \nProblemas digestivos\nAfectación de equilibrio\nTraumatismos de la columna vertebral.\nAlteraciones osteomusculares",null,"Alteraciones osteomusculares.","NO","Mantenimiento de maquinas y herramientas.","Descansos  y pausas en el trayecto\nExámenes médicos ocupacionales periódicos..",2,3,{"$f":"M116*N116","v":6},{"$f":"+IF(AND(M116*N116>=24,M116*N116<=40),\"MA\",IF(AND(M116*N116>=10,M116*N116<=20),\"A\",IF(AND(M116*N116>=6,M116*N116<=8),\"M\",IF(AND(M116*N116>=0,M116*N116<=4),\"B\",\"\"))))","v":"M"},{"$f":"+IF(P116=\"MA\",\"Situación deficiente con exposición continua, o muy deficiente con exposición frecuente. Normalmente la materialización del riesgo ocurre con frecuencia.\",IF(P116=\"A\",\"Situación deficiente con exposición frecuente u ocasional, o bien situación muy deficiente con exposición ocasional o esporádica. La materialización de Riesgo es posible que suceda varias veces en la vida laboral\",IF(P116=\"M\",\"Situación deficiente con exposición esporádica, o bien situación mejorable con exposición continuada o frecuente. Es posible que suceda el daño alguna vez.\",IF(P116=\"B\",\"Situación mejorable con exposición ocasional o esporádica, o situación sin anomalía destacable con cualquier nivel de exposición. No es esperable que se materialice el riesgo, aunque puede ser concebible.\",\"\"))))","v":"Situación deficiente con exposición esporádica, o bien situación mejorable con exposición continuada o frecuente. Es posible que suceda el daño alguna vez."},25,{"$f":"O116*R116","v":150},{"$f":"+IF(AND(M116*N116*R116>=600,M116*N116*R116<=4000),\"I\",IF(AND(M116*N116*R116>=150,M116*N116*R116<=500),\"II\",IF(AND(M116*N116*R116>=40,M116*N116*R116<=120),\"III\",IF(AND(M116*N116*R116>=0,M116*N116*R116<=20),\"IV\",\"\"))))","v":"II"},{"$f":"+IF(T116=\"I\",\"Situación crìtica. Suspender actividades hasta que el riesgo esté bajo control. Intervención urgente.\",IF(T116=\"II\",\"Corregir y adoptar medidas de control de inmediato.\",IF(T116=\"III\",\"Mejorar si es posible. Sería conveniente justificar la intervención y su rentabilidad.\",IF(T116=\"IV\",\"Mantener las medidas de control existentes, pero se deberían considerar soluciones o mejoras y se deben hacer comprobaciones periódicas para asegurar que el riesgo aún es aceptable.\",\"\"))))","v":"Corregir y adoptar medidas de control de inmediato."},{"$f":"+IF(T116=\"I\",\"No Aceptable\",IF(T116=\"II\",\"No Aceptable o Aceptable con control específico\",IF(T116=\"III\",\"Mejorable\",IF(T116=\"IV\",\"Aceptable\",\"\"))))","v":"No Aceptable o Aceptable con control específico"},"N/A","N/A","Mantenimiento preventivo de los vehículos.","Hacer sensibilización en autocuidado y prevención de accidentes.\nRealizar exámenes médicos ocupacionales con valoraciones visuales.\nCapacitar en cuidado visual.\nCapacitar en seguridad vial y manejo defensivo.","N/A","Directora de Talento Humano"]
[{"$nulls":4},"TEMPERATURAS","Percepción de frio debido a que las labores se desarrollan en un espacio abierto.","Disconfort térmico.\nAfecciones respiratorias.\nAfecciones musculo esqueléticas.\nBaja concentración y atención.\nSomnolencia asociada al calor.",null,"Afecciones respiratorias.\nAfecciones musculo esqueléticas.","NO","NO","NO",2,2,4,"B","Situación mejorable con exposición ocasional o esporádica, o situación sin anomalía destacable con cualquier nivel de exposición. No es esperable que se materialice el riesgo, aunque puede ser concebible.",25,100,"III","Mejorar si es posible. Sería conveniente justificar la intervención y su rentabilidad.","Mejorable","N/A","N/A","Mantenimiento preventivo del sistema de aire acondicionado de los vehículos.","Capacitar en autocuidado.\nCapacitar en prevención de enfermedades respiratorias.\nCapacitar en prevención de lesiones musculo esqueléticas.\nGarantizar la estadía en hoteles con ventilación adecuada.","N/A","Directora de Talento Humano"]
[{"$nulls":4},"ILUMINACIÓN","Exceso de luz natural por la ubicación de las instalaciones en espacio abierto.","Fatiga visual\nSobre esfuerzo visual\nAccidentes de Tránsito",null,"Fatiga visual.\nAccidentes de tránsito.","NO","NO","Descansos  y pausas en el trayecto\nExámenes médicos ocupacionales periódicos..",2,3,6,"M","Situación deficiente con exposición esporádica, o bien situación mejorable con exposición continuada o frecuente. Es posible que suceda el daño alguna vez.",25,150,"II","Corregir y adoptar medidas de control de inmediato.","No Aceptable o Aceptable con control específico","N/A","N/A","Mantenimiento preventivo de los vehículos.","Hacer sensibilización en autocuidado y prevención de accidentes.\nRealizar exámenes médicos ocupacionales con valoraciones visuales.\nCapacitar en cuidado visual.\nCapacitar en seguridad vial y manejo defensivo.","N/A","Directora de Talento Humano"]
[{"$nulls":4},"RUIDO","Ruido producido por los vehículos que transitan dentro de las instalaciones.  Además las herramientas utilizadas en el proceso contiguo a donde el trabajador realiza sus actividades.","Otalgia\nTrauma Auditivo\nOtitis no infecciosa\nCefaleas magañosas\nDistracción.\nReducción temporal del  umbral auditivo",null,"Otitis no infecciosa.\nAlteraciones temporales del umbral auditivo.","NO","NO","Pausas en la actividad laboral.",2,3,6,"M","Situación deficiente con exposición esporádica, o bien situación mejorable con exposición continuada o frecuente. Es posible que suceda el daño alguna vez.",25,150,"II","Corregir y adoptar medidas de control de inmediato.","No Aceptable o Aceptable con control específico","N/A","N/A","N/A","Capacitación en riesgo físico por ruido.\nCapacitación en cuidado auditivo.\nRealizar exámenes ocupacionales (ingreso, periódicos y de retiro)  con pruebas de audiometría.","Protectores Auditivos","Directora de Talento Humano"]
[{"$nulls":3},"CONDICIONES DE SEGURIDAD","ACCIDENTES DE TRÁNSITO","Los vehículos que requieren servicio parquean en la zona de trabajo.\nDesplazamientos dentro de las instalaciones.","Muerte.\nGolpes, contusiones, \npolitraumatismos.\nFracturas de huesos largos y cortos.\nTrauma cráneo cefálico de moderado a severo.",null,"Muerte","NO","NO","Capacitación en seguridad vial.\nLicencia de conducción vigente.",6,3,{"$f":"M120*N120","v":18},{"$f":"+IF(AND(M120*N120>=24,M120*N120<=40),\"MA\",IF(AND(M120*N120>=10,M120*N120<=20),\"A\",IF(AND(M120*N120>=6,M120*N120<=8),\"M\",IF(AND(M120*N120>=0,M120*N120<=4),\"B\",\"\"))))","v":"A"},{"$f":"+IF(P120=\"MA\",\"Situación deficiente con exposición continua, o muy deficiente con exposición frecuente. Normalmente la materialización del riesgo ocurre con frecuencia.\",IF(P120=\"A\",\"Situación deficiente con exposición frecuente u ocasional, o bien situación muy deficiente con exposición ocasional o esporádica. La materialización de Riesgo es posible que suceda varias veces en la vida laboral\",IF(P120=\"M\",\"Situación deficiente con exposición esporádica, o bien situación mejorable con exposición continuada o frecuente. Es posible que suceda el daño alguna vez.\",IF(P120=\"B\",\"Situación mejorable con exposición ocasional o esporádica, o situación sin anomalía destacable con cualquier nivel de exposición. No es esperable que se materialice el riesgo, aunque puede ser concebible.\",\"\"))))","v":"Situación deficiente con exposición frecuente u ocasional, o bien situación muy deficiente con exposición ocasional o esporádica. La materialización de Riesgo es posible que suceda varias veces en la vida laboral"},100,{"$f":"O120*R120","v":1800},{"$f":"+IF(AND(M120*N120*R120>=600,M120*N120*R120<=4000),\"I\",IF(AND(M120*N120*R120>=150,M120*N120*R120<=500),\"II\",IF(AND(M120*N120*R120>=40,M120*N120*R120<=120),\"III\",IF(AND(M120*N120*R120>=0,M120*N120*R120<=20),\"IV\",\"\"))))","v":"I"},{"$f":"+IF(T120=\"I\",\"Situación crìtica. Suspender actividades hasta que el riesgo esté bajo control. Intervención urgente.\",IF(T120=\"II\",\"Corregir y adoptar medidas de control de inmediato.\",IF(T120=\"III\",\"Mejorar si es posible. Sería conveniente justificar la intervención y su rentabilidad.\",IF(T120=\"IV\",\"Mantener las medidas de control existentes, pero se deberían considerar soluciones o mejoras y se deben hacer comprobaciones periódicas para asegurar que el riesgo aún es aceptable.\",\"\"))))","v":"Situación crìtica. Suspender actividades hasta que el riesgo esté bajo control. Intervención urgente."},{"$f":"+IF(T120=\"I\",\"No Aceptable\",IF(T120=\"II\",\"No Aceptable o Aceptable con control específico\",IF(T120=\"III\",\"Mejorable\",IF(T120=\"IV\",\"Aceptable\",\"\"))))","v":"No Aceptable"},"N/A","N/A","Mantenimiento preventivo del vehículo","Capacitar en seguridad vial y manejo defensivo.\nImplementar programa de seguridad vial.\nDesarrollar actividades lúdicas de seguridad vial dentro de las instalaciones.\nCapacitar en primeros auxilios.","N/A","Directora de Talento Humano"]
[{"$nulls":4},"MECÁNICO","Uso de herramientas manuales para realizar la alineación de los vehículos.  Contacto con partes fijas y móviles del vehículo.  Uso de gatos hidráulicos para elevar el vehículo.","Cortes, laceraciones.\nGolpes, contusiones.\nAtrapamientos, aplastamientos.",null,"Atrapamientos y/o aplastamiento de miembros inferiores o superiores.","NO","NO","Inspección y entrega de EPP,s",2,2,4,"B","Situación mejorable con exposición ocasional o esporádica, o situación sin anomalía destacable con cualquier nivel de exposición. No es esperable que se materialice el riesgo, aunque puede ser concebible.",60,{"$f":"O121*R121","v":240},"II","Corregir y adoptar medidas de control de inmediato.","No Aceptable o Aceptable con control específico","N/A","N/A","N/A","Capacitar en riesgo mecánico y sensibilizar en Autocuidado,\nCapacitación en prevención de accidentes y trabajo seguro.\nCapacitación en reporte de  actos y condiciones inseguras.\nCapacitar en uso y manejo de herramientas.","Guantes de protección","Directora de Talento Humano"]
[{"$nulls":4},"LOCATIVO","Presencia de cables y mangueras en el piso de forma constante.\nUso de escalera para acceder a la zona inferior donde se hace inspección de la parte inferior del vehículo.\nUso de rampa acondicionada de forma temporal para acceder desde el nivel inferior al teclado del equipo de computo de alineación.","Caídas desde el mismo nivel.  Caídas desde diferente nivel. Contusiones.  Laceraciones.  Esguinces. Fracturas.",null,"Fracturas","NO","NO","NO",2,3,6,"M",{"$f":"+IF(P122=\"MA\",\"Situación deficiente con exposición continua, o muy deficiente con exposición frecuente. Normalmente la materialización del riesgo ocurre con frecuencia.\",IF(P122=\"A\",\"Situación deficiente con exposición frecuente u ocasional, o bien situación muy deficiente con exposición ocasional o esporádica. La materialización de Riesgo es posible que suceda varias veces en la vida laboral\",IF(P122=\"M\",\"Situación deficiente con exposición esporádica, o bien situación mejorable con exposición continuada o frecuente. Es posible que suceda el daño alguna vez.\",IF(P122=\"B\",\"Situación mejorable con exposición ocasional o esporádica, o situación sin anomalía destacable con cualquier nivel de exposición. No es esperable que se materialice el riesgo, aunque puede ser concebible.\",\"\"))))","v":"Situación deficiente con exposición esporádica, o bien situación mejorable con exposición continuada o frecuente. Es posible que suceda el daño alguna vez."},25,{"$f":"O122*R122","v":150},"II",{"$f":"+IF(T122=\"I\",\"Situación crìtica. Suspender actividades hasta que el riesgo esté bajo control. Intervención urgente.\",IF(T122=\"II\",\"Corregir y adoptar medidas de control de inmediato.\",IF(T122=\"III\",\"Mejorar si es posible. Sería conveniente justificar la intervención y su rentabilidad.\",IF(T122=\"IV\",\"Mantener las medidas de control existentes, pero se deberían considerar soluciones o mejoras y se deben hacer comprobaciones periódicas para asegurar que el riesgo aún es aceptable.\",\"\"))))","v":"Corregir y adoptar medidas de control de inmediato."},{"$f":"+IF(T122=\"I\",\"No Aceptable\",IF(T122=\"II\",\"No Aceptable o Aceptable con control específico\",IF(T122=\"III\",\"Mejorable\",IF(T122=\"IV\",\"Aceptable\",\"\"))))","v":"No Aceptable o Aceptable con control específico"},"N/A","N/A","Mantenimiento preventivo de las instalaciones de las sedes de la compañía.","Capacitar al trabajador en prevención de accidentes y autocuidado\nRealizar inspecciones de seguridad a los vehículos.\nCapacitar en prevención de caídas del mismo nivel.\nCapacitar en reporte de actos y condiciones inseguras.\nCapacitar en orden y aseo.","N/A","Directora de Talento Humano"]
[{"$nulls":3},"QUIMICO","GASES Y VAPORES","Provenientes de los vehículos que transitan en el patio o los vehículos que se acercan a la zona de trabajo, siendo estos últimos lo que parquean cerca de los trabajadores.","Afecciones del sistema respiratorio leves.\nTos, congestión nasal.\nIrritación y congestión de mucosas.\nCuadro gripal común.",null,"Afecciones respiratorias leves.","NO","NO","NO",2,1,{"$f":"M123*N123","v":2},{"$f":"+IF(AND(M123*N123>=24,M123*N123<=40),\"MA\",IF(AND(M123*N123>=10,M123*N123<=20),\"A\",IF(AND(M123*N123>=6,M123*N123<=8),\"M\",IF(AND(M123*N123>=0,M123*N123<=4),\"B\",\"\"))))","v":"B"},"Situación mejorable con exposición ocasional o esporádica, o situación sin anomalía destacable con cualquier nivel de exposición. No es esperable que se materialice el riesgo, aunque puede ser concebible.",10,20,{"$f":"+IF(AND(M123*N123*R123>=600,M123*N123*R123<=4000),\"I\",IF(AND(M123*N123*R123>=150,M123*N123*R123<=500),\"II\",IF(AND(M123*N123*R123>=40,M123*N123*R123<=120),\"III\",IF(AND(M123*N123*R123>=0,M123*N123*R123<=20),\"IV\",\"\"))))","v":"IV"},"Mantener las medidas de control existentes, pero se deberían considerar soluciones o mejoras y se deben hacer comprobaciones periódicas para asegurar que el riesgo aún es aceptable.","Aceptable","N/A","N/A","N/A","Capacitar en autocuidado, prevención de enfermedades respiratorias e higiene personal.\nRealizar exámenes médicos ocupacionales.\nCapacitar en prevención de lesiones respiratorias.","N/A","Directora de Talento Humano"]
[{"$nulls":4},"POLVOS","Presente en las llantas y la carrocería del vehículo a la cual el trabajador se acerca para desarrollar sus funciones.","Afecciones del sistema respiratorio leves.\nTos, congestión nasal.\nIrritación y congestión de mucosas.\nCuadro gripal común.",null,"Afecciones respiratorias.","NO","NO","Protección respiratoria.",2,1,{"$f":"M124*N124","v":2},{"$f":"+IF(AND(M124*N124>=24,M124*N124<=40),\"MA\",IF(AND(M124*N124>=10,M124*N124<=20),\"A\",IF(AND(M124*N124>=6,M124*N124<=8),\"M\",IF(AND(M124*N124>=0,M124*N124<=4),\"B\",\"\"))))","v":"B"},"Situación mejorable con exposición ocasional o esporádica, o situación sin anomalía destacable con cualquier nivel de exposición. No es esperable que se materialice el riesgo, aunque puede ser concebible.",10,20,{"$f":"+IF(AND(M124*N124*R124>=600,M124*N124*R124<=4000),\"I\",IF(AND(M124*N124*R124>=150,M124*N124*R124<=500),\"II\",IF(AND(M124*N124*R124>=40,M124*N124*R124<=120),\"III\",IF(AND(M124*N124*R124>=0,M124*N124*R124<=20),\"IV\",\"\"))))","v":"IV"},"Mantener las medidas de control existentes, pero se deberían considerar soluciones o mejoras y se deben hacer comprobaciones periódicas para asegurar que el riesgo aún es aceptable.","Aceptable","N/A","N/A","N/A","Capacitar en autocuidado, prevención de enfermedades respiratorias e higiene personal.\nRealizar exámenes médicos ocupacionales.\nCapacitar en uso de elementos de protección personal.\nCapacitar en prevención de lesiones respiratorias.","Protección Resporatoria","Directora de Talento Humano"]
[{"$nulls":3},"FENOMENOS NATURALES","PRECIPITACIONES","Debido a que se realizan labores en una zona abierta las actividades se ven afectadas por los episodios de lluvias, los cuales exponen al trabajador a la ocurrencia de accidentes.","Inundaciones del área de trabajo.\nCaídas del mismo nivel.\nTropiezos.\nDaños en equipos y herramientas.",null,"Lesiones incapacitantes por caídas.\nDaños en equipos y herramientas.","NO","NO","NO",2,3,6,"M",{"$f":"+IF(P125=\"MA\",\"Situación deficiente con exposición continua, o muy deficiente con exposición frecuente. Normalmente la materialización del riesgo ocurre con frecuencia.\",IF(P125=\"A\",\"Situación deficiente con exposición frecuente u ocasional, o bien situación muy deficiente con exposición ocasional o esporádica. La materialización de Riesgo es posible que suceda varias veces en la vida laboral\",IF(P125=\"M\",\"Situación deficiente con exposición esporádica, o bien situación mejorable con exposición continuada o frecuente. Es posible que suceda el daño alguna vez.\",IF(P125=\"B\",\"Situación mejorable con exposición ocasional o esporádica, o situación sin anomalía destacable con cualquier nivel de exposición. No es esperable que se materialice el riesgo, aunque puede ser concebible.\",\"\"))))","v":"Situación deficiente con exposición esporádica, o bien situación mejorable con exposición continuada o frecuente. Es posible que suceda el daño alguna vez."},25,150,"II","Corregir y adoptar medidas de control de inmediato.","No Aceptable o Aceptable con control específico","N/A","N/A","Mantenimiento preventivo de los vehículos.","Capacitar en riesgos por fenómenos naturales.\nDesarrollar dentro del plan de emergencias un protocolo para accidentes de tránsito.\nCapacitar en primeros auxilios.\nCapacitar en seguridad vial y manejo defensivo.\nCapacitar en prevención de accidentes.\nDisponer de botiquín en los vehículos.\nRealizar inspecciones pre operacionales a los vehículos.","Protección Resporatoria","Directora de Talento Humano"]
[{"$nulls":3},"PSICOSOCIAL","CONDICIONES DE LA TAREA","Monotonía en el desarrollo de las actividades.  Carga mental producida por el ejercicio de las actividades.","Cefalea. Ansiedad. Estrés laboral. Desconcentración. Trastornos de sueño. Síndrome de Burnout. Alteraciones sistémicas. Fatiga mental, desgaste cognitivo. Afectación a las relaciones laborales. Accidentes de Tránsito.  Afecciones personales.",null,"Estrés laboral.\nSíndrome de burnout.\nAfecciones personales.\nAccidentes de Tránsito.","NO","NO","No se ha realizado medición riesgo psicosocial , no se ha realizado intervención.",2,3,6,"M","Situación deficiente con exposición esporádica, o bien situación mejorable con exposición continuada o frecuente. Es posible que suceda el daño alguna vez.",60,360,"II","Corregir y adoptar medidas de control de inmediato.","No Aceptable o Aceptable con control específico","N/A","N/A","N/A","Desarrollar el proceso de aplicación  de la batería de riesgo psicosocial y de intervención.\nDesarrollar programas de gimnasia laboral, que permitan romper la monotonía de las actividades.\nRealizar capacitaciones en manejo del estrés.\nCapacitar en comunicación asertiva.\nDesarrollar programa de estilos de vida y trabajo saludables, que estén vinculados con actividades de las cajas de compensación en prevención y promoción.\nRealizar capacitaciones en prevención del consumo de sustancias psicoactivas (bebidas con cafeína y consumo de tabaco).\nAbrir espacio de comunicación para recepción de sugerencias.\n","N/A","Directora de Talento Humano"]
["AUXILIAR DE FRENOS Y SUSPENSION","Desmonte y monte de llantas\nCambio pastillas de freno \nCambio bandas de freno.","SI","BIOMECÁNICO","POSTURAS","Postura en bipedestación mantenida durante la jornada laboral, al igual que posturas forzadas de miembros superiores, cuello y espalda para realizar labores bajo el vehículo.\nPosturas anti gravitacionales forzadas del cuello y los miembros superiores para alcanzar el equipo de computo que esta en la plataforma","Dolor dorsal y lumbar\nDolor en cuello y hombros\nAlteraciones osteomusculares\nTensión en discos intervertebrales\nInflamación de miembros inferiores\nAlteraciones vasculares en miembros inferiores",1,"Alteraciones osteomusculares\nAlteraciones vasculares en miembros inferiores (Venas varices)","NO","NO","Descansos y pausas en la jornada laboral.\nExámenes médicos ocupacionales periódicos.",2,3,{"$f":"M127*N127","v":6},{"$f":"+IF(AND(M127*N127>=24,M127*N127<=40),\"MA\",IF(AND(M127*N127>=10,M127*N127<=20),\"A\",IF(AND(M127*N127>=6,M127*N127<=8),\"M\",IF(AND(M127*N127>=0,M127*N127<=4),\"B\",\"\"))))","v":"M"},"Situación deficiente con exposición esporádica, o bien situación mejorable con exposición continuada o frecuente. Es posible que suceda el daño alguna vez.",25,150,{"$f":"+IF(AND(M127*N127*R127>=600,M127*N127*R127<=4000),\"I\",IF(AND(M127*N127*R127>=150,M127*N127*R127<=500),\"II\",IF(AND(M127*N127*R127>=40,M127*N127*R127<=120),\"III\",IF(AND(M127*N127*R127>=0,M127*N127*R127<=20),\"IV\",\"\"))))","v":"II"},"Corregir y adoptar medidas de control de inmediato.","No Aceptable o Aceptable con control específico","N/A","N/A","N/A","Realizar exámenes ocupacionales periódicos con valoraciones osteomusculares.\nImplementar programa de vigilancia epidemiológica para lesiones osteomusculares.\nDesarrollar un programa de riesgo biomecánico que contemple la implementación de pausas activas y gimnasia laboral.\nCapacitar en estilos de vida y trabajo saludables.\nCapacitar en higiene postural y prevención de lesiones osteomusculares.\nGarantizar espacios de descanso al finalizar los recorridos.","N/A","Directora de Talento Humano"]
[{"$nulls":4},"LEVANTAMIENTO DE CARGAS","Levantamiento de piezas y herramientas para ejecutar labores pertenecientes al sistema de frenos del vehículo.","Dolor dorsal y lumbar\nDolor en cuello y hombros\nAlteraciones osteomusculares\nTensión en discos intervertebrales\nInflamación de miembros inferiores\nAlteraciones vasculares en miembros inferiores",null,"Alteraciones osteomusculares\nAlteraciones vasculares en miembros inferiores (Venas varices)","NO","NO","Descansos y pausas en la jornada laboral.\nExámenes médicos ocupacionales periódicos.",2,3,6,"M","Situación deficiente con exposición esporádica, o bien situación mejorable con exposición continuada o frecuente. Es posible que suceda el daño alguna vez.",25,150,"II","Corregir y adoptar medidas de control de inmediato.","No Aceptable o Aceptable con control específico","N/A","N/A","N/A","Realizar exámenes ocupacionales periódicos con valoraciones osteomusculares.\nImplementar programa de vigilancia epidemiológica para lesiones osteomusculares.\nDesarrollar un programa de riesgo biomecánico que contemple la implementación de pausas activas y gimnasia laboral.\nCapacitar en estilos de vida y trabajo saludables.\nCapacitar en higiene postural y prevención de lesiones osteomusculares.\nGarantizar espacios de descanso al finalizar los recorridos.","Guantes de protección y Botas de Seguridad","Directora de Talento Humano"]
[{"$nulls":4},"MOVIMIENTOS REPETITIVOS","Movimientos repetitivos en miembros superiores ocasionados por el uso de herramientas manuales para realizar las actividades en el sistema de frenos del vehículo. ","Síndrome de túnel del carpo\nFatiga muscular\nTensión lumbar y cervical\nEspasmo muscular\nEpicondilitis",null,"Síndrome del túnel del carpo","NO","NO","Descansos y pausas en la jornada laboral.\nExámenes ocupacionales periódicos.",2,3,6,"M","Situación deficiente con exposición esporádica, o bien situación mejorable con exposición continuada o frecuente. Es posible que suceda el daño alguna vez.",25,150,"II","Corregir y adoptar medidas de control de inmediato.","No Aceptable o Aceptable con control específico","N/A","N/A","N/A","Realizar exámenes ocupacionales periódicos con valoraciones osteomusculares.\nImplementar programa de vigilancia epidemiológica para lesiones osteomusculares.\nDesarrollar un programa de riesgo biomecánico que contemple la implementación de pausas activas y gimnasia laboral .\nCapacitar en estilos de vida y trabajo saludables.\nCapacitar en riesgo biomecánico y prevención de lesiones osteomusculares.\nGarantizar espacios de descanso al finalizar los recorridos.","N/A","Directora de Talento Humano"]
[{"$nulls":3},"FÍSICO","RADIACIONES NO IONIZANTES","Radiaciones no ionizantes por el sol, con mayor intensidad en el medio día.","Migraña\nFatiga visual\nFatiga física.\nDisconfort Térmico.",null,"Fatiga física o visual.\nEritemas.","NO","NO","Paradas de descanso en el trayecto\nExámenes médicos ocupacionales periódicos.",2,2,4,"B","Situación mejorable con exposición ocasional o esporádica, o situación sin anomalía destacable con cualquier nivel de exposición. No es esperable que se materialice el riesgo, aunque puede ser concebible.",25,100,"III","Mejorar si es posible. Sería conveniente justificar la intervención y su rentabilidad.","Mejorable","N/A","N/A","N/A","Capacitación en riesgo físico.\nCapacitación en cuidado visual y estilos de vida saludables\nExámenes médicos ocupacionales periódicos.\nGarantizar espacios de descanso al terminar los recorridos.\nCapacitar en autocuidado (Uso de Bloqueador).","N/A","Directora de Talento Humano"]
[{"$nulls":4},"VIBRACION","Vibraciones en manos y brazos producidas por las herramientas eléctricas empleadas para retirar y ajustar los pernos  y tuercas de las llantas.","Cefaleas\nDolores abdominales \nProblemas digestivos\nAfectación de equilibrio\nTraumatismos de la columna vertebral.\nAlteraciones osteomusculares",null,"Alteraciones osteomusculares.","NO","Mantenimiento de maquinas y herramientas.","Descansos  y pausas en el trayecto\nExámenes médicos ocupacionales periódicos..",2,3,6,"M","Situación deficiente con exposición esporádica, o bien situación mejorable con exposición continuada o frecuente. Es posible que suceda el daño alguna vez.",25,150,"II","Corregir y adoptar medidas de control de inmediato.","No Aceptable o Aceptable con control específico","N/A","N/A","Mantenimiento preventivo de los vehículos.","Hacer sensibilización en autocuidado y prevención de accidentes.\nRealizar exámenes médicos ocupacionales con valoraciones visuales.\nCapacitar en cuidado visual.\nCapacitar en seguridad vial y manejo defensivo.","N/A","Directora de Talento Humano"]
[{"$nulls":4},"TEMPERATURAS","Percepción de frio debido a que las labores se desarrollan en un espacio abierto.","Disconfort térmico.\nAfecciones respiratorias.\nAfecciones musculo esqueléticas.\nBaja concentración y atención.\nSomnolencia asociada al calor.",null,"Afecciones respiratorias.\nAfecciones musculo esqueléticas.","NO","NO","NO",2,2,4,"B","Situación mejorable con exposición ocasional o esporádica, o situación sin anomalía destacable con cualquier nivel de exposición. No es esperable que se materialice el riesgo, aunque puede ser concebible.",25,100,"III","Mejorar si es posible. Sería conveniente justificar la intervención y su rentabilidad.","Mejorable","N/A","N/A","Mantenimiento preventivo del sistema de aire acondicionado de los vehículos.","Capacitar en autocuidado.\nCapacitar en prevención de enfermedades respiratorias.\nCapacitar en prevención de lesiones musculo esqueléticas.\nGarantizar la estadía en hoteles con ventilación adecuada.","N/A","Directora de Talento Humano"]
[{"$nulls":4},"ILUMINACIÓN","Exceso de luz natural por la ubicación de las instalaciones en espacio abierto.","Fatiga visual\nSobre esfuerzo visual\nAccidentes de Tránsito",null,"Fatiga visual.\nAccidentes de tránsito.","NO","NO","NO",2,3,6,"M","Situación deficiente con exposición esporádica, o bien situación mejorable con exposición continuada o frecuente. Es posible que suceda el daño alguna vez.",25,150,"II","Corregir y adoptar medidas de control de inmediato.","No Aceptable o Aceptable con control específico","N/A","N/A","Mantenimiento preventivo de los vehículos.","Hacer sensibilización en autocuidado y prevención de accidentes.\nRealizar exámenes médicos ocupacionales con valoraciones visuales.\nCapacitar en cuidado visual.\nCapacitar en seguridad vial y manejo defensivo.","N/A","Directora de Talento Humano"]
[{"$nulls":4},"RUIDO","Ruido producido por los vehículos que transitan dentro de las instalaciones.  Además las herramientas utilizadas en el proceso continuo a donde el trabajador realiza sus actividades.","Otalgia\nTrauma Auditivo\nOtitis no infecciosa\nCefaleas magañosas\nDistracción.\nReducción temporal del  umbral auditivo",null,"Otitis no infecciosa.\nAlteraciones temporales del umbral auditivo.","NO","NO","Pausas en la actividad laboral.",2,3,6,"M","Situación deficiente con exposición esporádica, o bien situación mejorable con exposición continuada o frecuente. Es posible que suceda el daño alguna vez.",25,150,"II","Corregir y adoptar medidas de control de inmediato.","No Aceptable o Aceptable con control específico","N/A","N/A","N/A","Capacitación en riesgo físico por ruido.\nCapacitación en cuidado auditivo.\nRealizar exámenes ocupacionales (ingreso, periódicos y de retiro)  con pruebas de audiometría.","Protección auditiva","Directora de Talento Humano"]
[{"$nulls":3},"CONDICIONES DE SEGURIDAD","ACCIDENTES DE TRÁNSITO","Los vehículos que requieren servicio parquean en la zona de trabajo.\nDesplazamientos dentro de las instalaciones.","Muerte.\nGolpes, contusiones, \npolitraumatismos.\nFracturas de huesos largos y cortos.\nTrauma cráneo cefálico de moderado a severo.",null,"Muerte","NO","NO","Capacitación en seguridad vial.\nLicencia de conducción vigente.",6,3,18,"A","Situación deficiente con exposición frecuente u ocasional, o bien situación muy deficiente con exposición ocasional o esporádica. La materialización de Riesgo es posible que suceda varias veces en la vida laboral",100,1800,"I","Situación crìtica. Suspender actividades hasta que el riesgo esté bajo control. Intervención urgente.","No Aceptable","N/A","N/A","Mantenimiento preventivo del vehículo","Capacitar en seguridad vial y manejo defensivo.\nImplementar programa de seguridad vial.\nDesarrollar actividades lúdicas de seguridad vial dentro de las instalaciones.\nCapacitar en primeros auxilios.","N/A","Directora de Talento Humano"]
[{"$nulls":4},"MECÁNICO","Uso de herramientas manuales para realizar cambio de pastillas y bandas de los vehículos.  Contacto con partes fijas y móviles del vehículo.  Uso de gatos hidráulicos para elevar el vehículo.","Cortes, laceraciones.\nGolpes, contusiones.\nAtrapamientos, aplastamientos.",null,"Atrapamientos y/o aplastamiento de miembros inferiores o superiores.","NO","NO","Inspección y entrega de EPP,s",2,2,4,"B","Situación mejorable con exposición ocasional o esporádica, o situación sin anomalía destacable con cualquier nivel de exposición. No es esperable que se materialice el riesgo, aunque puede ser concebible.",60,{"$f":"O136*R136","v":240},"II","Corregir y adoptar medidas de control de inmediato.","No Aceptable o Aceptable con control específico","N/A","N/A","N/A","Capacitar en riesgo mecánico y sensibilizar en Autocuidado,\nCapacitación en prevención de accidentes y trabajo seguro.\nCapacitación en reporte de  actos y condiciones inseguras.\nCapacitar en uso y manejo de herramientas.","Guantes de protección","Directora de Talento Humano"]
[{"$nulls":4},"LOCATIVO","Presencia de cables y mangueras en el piso de forma constante.\nUso de escalera para acceder a la zona inferior donde se hace inspección de la parte inferior del vehículo.","Caídas desde el mismo nivel.  Caídas desde diferente nivel. Contusiones.  Laceraciones.  Esguinces. Fracturas.",null,"Fracturas","NO","NO","NO",2,3,6,"M",{"$f":"+IF(P137=\"MA\",\"Situación deficiente con exposición continua, o muy deficiente con exposición frecuente. Normalmente la materialización del riesgo ocurre con frecuencia.\",IF(P137=\"A\",\"Situación deficiente con exposición frecuente u ocasional, o bien situación muy deficiente con exposición ocasional o esporádica. La materialización de Riesgo es posible que suceda varias veces en la vida laboral\",IF(P137=\"M\",\"Situación deficiente con exposición esporádica, o bien situación mejorable con exposición continuada o frecuente. Es posible que suceda el daño alguna vez.\",IF(P137=\"B\",\"Situación mejorable con exposición ocasional o esporádica, o situación sin anomalía destacable con cualquier nivel de exposición. No es esperable que se materialice el riesgo, aunque puede ser concebible.\",\"\"))))","v":"Situación deficiente con exposición esporádica, o bien situación mejorable con exposición continuada o frecuente. Es posible que suceda el daño alguna vez."},25,{"$f":"O137*R137","v":150},"II",{"$f":"+IF(T137=\"I\",\"Situación crìtica. Suspender actividades hasta que el riesgo esté bajo control. Intervención urgente.\",IF(T137=\"II\",\"Corregir y adoptar medidas de control de inmediato.\",IF(T137=\"III\",\"Mejorar si es posible. Sería conveniente justificar la intervención y su rentabilidad.\",IF(T137=\"IV\",\"Mantener las medidas de control existentes, pero se deberían considerar soluciones o mejoras y se deben hacer comprobaciones periódicas para asegurar que el riesgo aún es aceptable.\",\"\"))))","v":"Corregir y adoptar medidas de control de inmediato."},{"$f":"+IF(T137=\"I\",\"No Aceptable\",IF(T137=\"II\",\"No Aceptable o Aceptable con control específico\",IF(T137=\"III\",\"Mejorable\",IF(T137=\"IV\",\"Aceptable\",\"\"))))","v":"No Aceptable o Aceptable con control específico"},"N/A","N/A","Mantenimiento preventivo de las instalaciones de las sedes de la compañía.","Capacitar al trabajador en prevención de accidentes y autocuidado\nRealizar inspecciones de seguridad a los vehículos.\nCapacitar en prevención de caídas del mismo nivel.\nCapacitar en reporte de actos y condiciones inseguras.\nCapacitar en orden y aseo.","N/A","Directora de Talento Humano"]
[{"$nulls":3},"QUIMICO","GASES Y VAPORES","Provenientes de los vehículos que transitan en el patio o los vehículos que se acercan a la zona de trabajo, siendo estos últimos lo que parquean cerca de los trabajadores.","Afecciones del sistema respiratorio leves.\nTos, congestión nasal.\nIrritación y congestión de mucosas.\nCuadro gripal común.",null,"Afecciones respiratorias leves.","NO","NO","NO",2,1,2,"B","Situación mejorable con exposición ocasional o esporádica, o situación sin anomalía destacable con cualquier nivel de exposición. No es esperable que se materialice el riesgo, aunque puede ser concebible.",10,20,"IV","Mantener las medidas de control existentes, pero se deberían considerar soluciones o mejoras y se deben hacer comprobaciones periódicas para asegurar que el riesgo aún es aceptable.","Aceptable","N/A","N/A","N/A","Capacitar en autocuidado, prevención de enfermedades respiratorias e higiene personal.\nRealizar exámenes médicos ocupacionales.\nCapacitar en prevención de lesiones respiratorias.","Protección Resporatoria","Directora de Talento Humano"]
[{"$nulls":4},"POLVOS","Presente en las llantas y la carrocería del vehículo a la cual el trabajador se acerca para desarrollar sus funciones.","Afecciones del sistema respiratorio leves.\nTos, congestión nasal.\nIrritación y congestión de mucosas.\nCuadro gripal común.",null,"Afecciones respiratorias.","NO","NO","Protección respiratoria.",2,1,2,"B","Situación mejorable con exposición ocasional o esporádica, o situación sin anomalía destacable con cualquier nivel de exposición. No es esperable que se materialice el riesgo, aunque puede ser concebible.",10,20,"IV","Mantener las medidas de control existentes, pero se deberían considerar soluciones o mejoras y se deben hacer comprobaciones periódicas para asegurar que el riesgo aún es aceptable.","Aceptable","N/A","N/A","N/A","Capacitar en autocuidado, prevención de enfermedades respiratorias e higiene personal.\nRealizar exámenes médicos ocupacionales.\nCapacitar en uso de elementos de protección personal.\nCapacitar en prevención de lesiones respiratorias.","Protección Resporatoria","Directora de Talento Humano"]
[{"$nulls":3},"PSICOSOCIAL","CONDICIONES DE LA TAREA","Monotonía en el desarrollo de las actividades.  Carga mental producida por el ejercicio de las actividades.","Cefalea. Ansiedad. Estrés laboral. Desconcentración. Trastornos de sueño. Síndrome de Burnout. Alteraciones sistémicas. Fatiga mental, desgaste cognitivo. Afectación a las relaciones laborales. Accidentes de Tránsito.  Afecciones personales.",null,"Estrés laboral.\nSíndrome de burnout.\nAfecciones personales.\nAccidentes de Tránsito.","NO","NO","No se ha realizado medición riesgo psicosocial , no se ha realizado intervención.",2,3,6,"M","Situación deficiente con exposición esporádica, o bien situación mejorable con exposición continuada o frecuente. Es posible que suceda el daño alguna vez.",60,360,"II","Corregir y adoptar medidas de control de inmediato.","No Aceptable o Aceptable con control específico","N/A","N/A","N/A","Desarrollar el proceso de aplicación  de la batería de riesgo psicosocial y de intervención.\nDesarrollar programas de gimnasia laboral, que permitan romper la monotonía de las actividades.\nRealizar capacitaciones en manejo del estrés.\nCapacitar en comunicación asertiva.\nDesarrollar programa de estilos de vida y trabajo saludables, que estén vinculados con actividades de las cajas de compensación en prevención y promoción.\nRealizar capacitaciones en prevención del consumo de sustancias psicoactivas (bebidas con cafeína y consumo de tabaco).\nAbrir espacio de comunicación para recepción de sugerencias.\n","N/A","Directora de Talento Humano"]
["LUBRICADOR","Recibir los vehículos para la inspección del estado de filtros y aceite.\nRealizar cambios de filtros según se requiera en el vehículo.\nRealizar cambios de aceite en los vehículos haciendo uso de los sistemas de inyección.\nAlmacenar aceite quemado. \nRealizar reporte de las novedades encontradas en los vehículos.\nRealizar aseo general de las áreas de trabajo.","SI","BIOMECÁNICO","POSTURAS","Postura en bipedestación por las actividades que se desarrollan en la parte inferior de los vehículos.\nPosturas forzadas de cuello, espalda y miembros superiores para realizar labores en la parte inferior de los vehículos.","Dolor dorsal y lumbar\nDolor en cuello y hombros\nAlteraciones osteomusculares\nTensión en discos intervertebrales\nInflamación de miembros inferiores\nAlteraciones vasculares en miembros inferiores",1,"Alteraciones osteomusculares\nAlteraciones vasculares en miembros inferiores (Venas varices)","NO","NO","Descansos y pausas en la jornada laboral.\nExámenes médicos ocupacionales periódicos.",2,3,6,"M","Situación deficiente con exposición esporádica, o bien situación mejorable con exposición continuada o frecuente. Es posible que suceda el daño alguna vez.",25,150,"II","Corregir y adoptar medidas de control de inmediato.","No Aceptable o Aceptable con control específico","N/A","N/A","N/A","Realizar exámenes ocupacionales periódicos con valoraciones osteomusculares.\nImplementar programa de vigilancia epidemiológica para lesiones osteomusculares.\nDesarrollar un programa de riesgo biomecánico que contemple la implementación de pausas activas y gimnasia laboral.\nCapacitar en estilos de vida y trabajo saludables.\nCapacitar en higiene postural y prevención de lesiones osteomusculares.\nGarantizar espacios de descanso al finalizar los recorridos.","N/A","Directora de Talento Humano"]
[{"$nulls":4},"MOVIMIENTOS REPETITIVOS","Movimientos repetitivos en miembros superiores que están asociados al uso de herramientas manuales para los procesos de cambio de aceites y lubricación de los vehículos.","Síndrome de túnel del carpo\nFatiga muscular\nTensión lumbar y cervical\nEspasmo muscular\nEpicondilitis",null,"Síndrome del túnel del carpo","NO","NO","Descansos y pausas en la jornada laboral.\nExámenes ocupacionales periódicos.",2,3,6,"M","Situación deficiente con exposición esporádica, o bien situación mejorable con exposición continuada o frecuente. Es posible que suceda el daño alguna vez.",25,150,"II","Corregir y adoptar medidas de control de inmediato.","No Aceptable o Aceptable con control específico","N/A","N/A","N/A","Realizar exámenes ocupacionales periódicos con valoraciones osteomusculares.\nImplementar programa de vigilancia epidemiológica para lesiones osteomusculares.\nDesarrollar un programa de riesgo biomecánico que contemple la implementación de pausas activas y gimnasia laboral .\nCapacitar en estilos de vida y trabajo saludables.\nCapacitar en riesgo biomecánico y prevención de lesiones osteomusculares.\nGarantizar espacios de descanso al finalizar los recorridos.","N/A","Directora de Talento Humano"]
[{"$nulls":3},"FISICO","TEMPERATURAS","Percepción de frio debido a que las labores se desarrollan en un espacio abierto.","Disconfort térmico.\nAfecciones respiratorias.\nAfecciones musculo esqueléticas.\nBaja concentración y atención.\nSomnolencia asociada al calor.",null,"Afecciones respiratorias.\nAfecciones musculo esqueléticas.","NO","NO","NO",2,2,4,"B","Situación mejorable con exposición ocasional o esporádica, o situación sin anomalía destacable con cualquier nivel de exposición. No es esperable que se materialice el riesgo, aunque puede ser concebible.",25,100,"III","Mejorar si es posible. Sería conveniente justificar la intervención y su rentabilidad.","Mejorable","N/A","N/A","Mantenimiento preventivo del sistema de aire acondicionado de los vehículos.","Capacitar en autocuidado.\nCapacitar en prevención de enfermedades respiratorias.\nCapacitar en prevención de lesiones musculo esqueléticas.\nGarantizar la estadía en hoteles con ventilación adecuada.","N/A","Directora de Talento Humano"]
[{"$nulls":4},"ILUMINACIÓN","Deficiencia en la percepción de iluminación debido a que el trabajo se desarrolla debajo de los vehículos, esto se ve incrementado en la noche que la iluminación artificial es insuficiente.","Fatiga visual\nSobre esfuerzo visual\nAccidentes de Tránsito",null,"Fatiga visual.\nAccidentes de tránsito.","NO","NO","Descansos  y pausas en el trayecto\nExámenes médicos ocupacionales periódicos..",2,3,6,"M","Situación deficiente con exposición esporádica, o bien situación mejorable con exposición continuada o frecuente. Es posible que suceda el daño alguna vez.",25,150,"II","Corregir y adoptar medidas de control de inmediato.","No Aceptable o Aceptable con control específico","N/A","N/A","Mantenimiento preventivo de los vehículos.","Hacer sensibilización en autocuidado y prevención de accidentes.\nRealizar exámenes médicos ocupacionales con valoraciones visuales.\nCapacitar en cuidado visual.\nCapacitar en seguridad vial y manejo defensivo.","N/A","Directora de Talento Humano"]
[{"$nulls":4},"RUIDO","Ruido intermitente producido por los vehículos que se encuentran en la zona de lubricación, así como por los equipos utilizados en la misma zona.","Otalgia\nTrauma Auditivo\nOtitis no infecciosa\nCefaleas magañosas\nDistracción.\nReducción temporal del  umbral auditivo",null,"Otitis no infecciosa.\nAlteraciones temporales del umbral auditivo.","NO","NO","Pausas en la actividad laboral.",2,3,6,"M","Situación deficiente con exposición esporádica, o bien situación mejorable con exposición continuada o frecuente. Es posible que suceda el daño alguna vez.",25,150,"II","Corregir y adoptar medidas de control de inmediato.","No Aceptable o Aceptable con control específico","N/A","N/A","N/A","Capacitación en riesgo físico por ruido.\nCapacitación en cuidado auditivo.\nRealizar exámenes ocupacionales (ingreso, periódicos y de retiro)  con pruebas de audiometría.","Protección auditiva","Directora de Talento Humano"]
[{"$nulls":3},"CONDICIONES DE SEGURIDAD","ACCIDENTES DE TRÁNSITO","Los vehículos que requieren servicio parquean en la zona de trabajo.\nDesplazamientos dentro de las instalaciones.","Muerte.\nGolpes, contusiones, \npolitraumatismos.\nFracturas de huesos largos y cortos.\nTrauma cráneo cefálico de moderado a severo.",null,"Muerte","NO","NO","Capacitación en seguridad vial.\nLicencia de conducción vigente.",6,3,18,"A","Situación deficiente con exposición frecuente u ocasional, o bien situación muy deficiente con exposición ocasional o esporádica. La materialización de Riesgo es posible que suceda varias veces en la vida laboral",100,1800,"I","Situación crìtica. Suspender actividades hasta que el riesgo esté bajo control. Intervención urgente.","No Aceptable","N/A","N/A","Mantenimiento preventivo del vehículo","Capacitar en seguridad vial y manejo defensivo.\nImplementar programa de seguridad vial.\nDesarrollar actividades lúdicas de seguridad vial dentro de las instalaciones.\nCapacitar en primeros auxilios.","N/A","Directora de Talento Humano"]
[{"$nulls":4},"MECÁNICO","Uso de herramientas manuales para efectuar los cambios de aceite de los vehículos.  De igual forma para estas labores el trabajadores entra en contacto con partes fijas y móviles del vehículo en la parte inferior, los cuales pueden estar calientes ya que el vehículo viene de estar en operación.\nProyecciones de partículas líquidas en el rostro durante el cambio de aceite.","Cortes, laceraciones.\nGolpes, contusiones.\nAtrapamientos, aplastamientos.",null,"Atrapamientos y/o aplastamiento de miembros inferiores o superiores.","NO","NO","NO",2,2,4,"B","Situación mejorable con exposición ocasional o esporádica, o situación sin anomalía destacable con cualquier nivel de exposición. No es esperable que se materialice el riesgo, aunque puede ser concebible.",60,{"$f":"O147*R147","v":240},"II","Corregir y adoptar medidas de control de inmediato.","No Aceptable o Aceptable con control específico","N/A","N/A","N/A","Capacitar en riesgo mecánico y sensibilizar en Autocuidado,\nCapacitación en prevención de accidentes y trabajo seguro.\nCapacitación en reporte de  actos y condiciones inseguras.\nCapacitar en uso y manejo de herramientas.","Guantes de protección","Directora de Talento Humano"]
[{"$nulls":4},"LOCATIVO","Presencia de cables y mangueras en el piso de forma constante.\nUso de escalera para acceder a la zona inferior donde se hace inspección de la parte inferior del vehículo.","Caídas desde el mismo nivel.  Caídas desde diferente nivel. Contusiones.  Laceraciones.  Esguinces. Fracturas.",null,"Fracturas","NO","NO","NO",2,3,6,"M","Situación deficiente con exposición esporádica, o bien situación mejorable con exposición continuada o frecuente. Es posible que suceda el daño alguna vez.",25,{"$f":"O148*R148","v":150},"II","Corregir y adoptar medidas de control de inmediato.","No Aceptable o Aceptable con control específico","N/A","N/A","Mantenimiento preventivo de las instalaciones de las sedes de la compañía.","Capacitar al trabajador en prevención de accidentes y autocuidado\nRealizar inspecciones de seguridad a los vehículos.\nCapacitar en prevención de caídas del mismo nivel.\nCapacitar en reporte de actos y condiciones inseguras.\nCapacitar en orden y aseo.","N/A","Directora de Talento Humano"]
[{"$nulls":3},"QUIMICO","GASES Y VAPORES","Gases producidos por los vehículos que llegan a la zona de lubricación, los cuales emiten gases el tiempo que están encendidos.","Afecciones del sistema respiratorio leves.\nTos, congestión nasal.\nIrritación y congestión de mucosas.\nCuadro gripal común.",null,"Afecciones respiratorias leves.","NO","NO","NO",2,1,2,"B","Situación mejorable con exposición ocasional o esporádica, o situación sin anomalía destacable con cualquier nivel de exposición. No es esperable que se materialice el riesgo, aunque puede ser concebible.",10,20,"IV","Mantener las medidas de control existentes, pero se deberían considerar soluciones o mejoras y se deben hacer comprobaciones periódicas para asegurar que el riesgo aún es aceptable.","Aceptable","N/A","N/A","N/A","Capacitar en autocuidado, prevención de enfermedades respiratorias e higiene personal.\nRealizar exámenes médicos ocupacionales.\nCapacitar en prevención de lesiones respiratorias.","Guantes de látex calibre 35\nProtector naso bucal.\nDelantal.\n","Directora de Talento Humano"]
[{"$nulls":4},"LÍQUIDOS","Trabajo con aceites y lubricantes para vehículos, los cuales son empleados en los procesos de lubricación.","Irritación de mucosas.\nEnrojecimiento de mucosas.\nArdor en nariz y ojos.\nCefaleas, mareos, nauseas.\nIrritación de la piel.",null,"Irritación de piel y mucosas.","NO","NO","Guantes\nDelantal",2,3,6,"M","Situación deficiente con exposición esporádica, o bien situación mejorable con exposición continuada o frecuente. Es posible que suceda el daño alguna vez.",25,150,"II","Corregir y adoptar medidas de control de inmediato.","No Aceptable o Aceptable con control específico","N/A","N/A","N/A","Capacitar en autocuidado.\nCapacitar en riesgo químico y hojas de seguridad.\nCapacitar en primeros auxilios.\nCapacitar en lavado y desinfección de manos.\nCapacitar en normas de higiene y seguridad.\nRealizar exámenes médicos ocupacionales.\nCapacitar en uso de EPPs.","Guantes de látex calibre 35\nProtector naso bucal.\nDelantal.\n","Directora de Talento Humano"]
[{"$nulls":4},"POLVOS","El trabajo en la parte inferior del vehículo expone al trabajador a entrar en contacto con partículas de polvo que se acumula en esta zona de los vehículos.","Afecciones del sistema respiratorio leves.\nTos, congestión nasal.\nIrritación y congestión de mucosas.\nCuadro gripal común.",null,"Afecciones respiratorias.","NO","NO","Protección respiratoria.",2,1,2,"B","Situación mejorable con exposición ocasional o esporádica, o situación sin anomalía destacable con cualquier nivel de exposición. No es esperable que se materialice el riesgo, aunque puede ser concebible.",10,20,"IV","Mantener las medidas de control existentes, pero se deberían considerar soluciones o mejoras y se deben hacer comprobaciones periódicas para asegurar que el riesgo aún es aceptable.","Aceptable","N/A","N/A","N/A","Capacitar en autocuidado, prevención de enfermedades respiratorias e higiene personal.\nRealizar exámenes médicos ocupacionales.\nCapacitar en uso de elementos de protección personal.\nCapacitar en prevención de lesiones respiratorias.","Guantes de látex calibre 35\nProtector naso bucal.\nDelantal.\n","Directora de Talento Humano"]
[{"$nulls":3},"PSICOSOCIAL","CONDICIONES DE LA TAREA","Monotonía en el desarrollo de las actividades.\nCarga mental de la labor y la alta concentración que se requiere para dejar en perfecto estado los vehículos para ponerlos en circulación.","Cefalea. Ansiedad. Estrés laboral. Desconcentración. Trastornos de sueño. Síndrome de Burnout. Alteraciones sistémicas. Fatiga mental, desgaste cognitivo. Afectación a las relaciones laborales. Accidentes de Tránsito.  Afecciones personales.",null,"Estrés laboral.\nSíndrome de burnout.\nAfecciones personales.\nAccidentes de Tránsito.","NO","NO","No se ha realizado medición riesgo psicosocial , no se ha realizado intervención.",2,3,6,"M",{"$f":"+IF(P152=\"MA\",\"Situación deficiente con exposición continua, o muy deficiente con exposición frecuente. Normalmente la materialización del riesgo ocurre con frecuencia.\",IF(P152=\"A\",\"Situación deficiente con exposición frecuente u ocasional, o bien situación muy deficiente con exposición ocasional o esporádica. La materialización de Riesgo es posible que suceda varias veces en la vida laboral\",IF(P152=\"M\",\"Situación deficiente con exposición esporádica, o bien situación mejorable con exposición continuada o frecuente. Es posible que suceda el daño alguna vez.\",IF(P152=\"B\",\"Situación mejorable con exposición ocasional o esporádica, o situación sin anomalía destacable con cualquier nivel de exposición. No es esperable que se materialice el riesgo, aunque puede ser concebible.\",\"\"))))","v":"Situación deficiente con exposición esporádica, o bien situación mejorable con exposición continuada o frecuente. Es posible que suceda el daño alguna vez."},60,360,"II","Corregir y adoptar medidas de control de inmediato.","No Aceptable o Aceptable con control específico","N/A","N/A","N/A","Desarrollar el proceso de aplicación  de la batería de riesgo psicosocial y de intervención.\nDesarrollar programas de gimnasia laboral, que permitan romper la monotonía de las actividades.\nRealizar capacitaciones en manejo del estrés.\nCapacitar en comunicación asertiva.\nDesarrollar programa de estilos de vida y trabajo saludables, que estén vinculados con actividades de las cajas de compensación en prevención y promoción.\nRealizar capacitaciones en prevención del consumo de sustancias psicoactivas (bebidas con cafeína y consumo de tabaco).\nAbrir espacio de comunicación para recepción de sugerencias.\n","N/A","Directora de Talento Humano"]
["LAVADOR","Lavado Vehículos                                                                                                                                                                                                                                                                                                             Polichado Vehículos                                                                                                                                                                                                                                                                                                                         Manejo maquina de vapor y aspiradora","SI","BIOMECÁNICO","POSTURAS","Postura en bipedestación mantenida durante la jornada laboral, al igual que posturas forzadas de miembros superiores, cuello y espalda para realizar labores lavado y polichado del vehículo.","Dolor dorsal y lumbar\nDolor en cuello y hombros\nAlteraciones osteomusculares\nTensión en discos intervertebrales\nInflamación de miembros inferiores\nAlteraciones vasculares en miembros inferiores",1,"Alteraciones osteomusculares\nAlteraciones vasculares en miembros inferiores (Venas varices)","NO","NO","Descansos y pausas en la jornada laboral.\nExámenes médicos ocupacionales periódicos.",2,3,6,"M","Situación deficiente con exposición esporádica, o bien situación mejorable con exposición continuada o frecuente. Es posible que suceda el daño alguna vez.",25,150,"II","Corregir y adoptar medidas de control de inmediato.","No Aceptable o Aceptable con control específico","N/A","N/A","N/A","Realizar exámenes ocupacionales periódicos con valoraciones osteomusculares.\nImplementar programa de vigilancia epidemiológica para lesiones osteomusculares.\nDesarrollar un programa de riesgo biomecánico que contemple la implementación de pausas activas y gimnasia laboral.\nCapacitar en estilos de vida y trabajo saludables.\nCapacitar en higiene postural y prevención de lesiones osteomusculares.\nGarantizar espacios de descanso al finalizar los recorridos.","N/A","Directora de Talento Humano"]
[{"$nulls":4},"LEVANTAMIENTO DE CARGAS","Levantamiento de piezas y herramientas para hacer las labores de policado de los vehículos.","Dolor dorsal y lumbar\nDolor en cuello y hombros\nAlteraciones osteomusculares\nTensión en discos intervertebrales\nInflamación de miembros inferiores\nAlteraciones vasculares en miembros inferiores",null,"Alteraciones osteomusculares\nAlteraciones vasculares en miembros inferiores (Venas varices)","NO","NO","Descansos y pausas en la jornada laboral.\nExámenes médicos ocupacionales periódicos.",2,3,6,"M","Situación deficiente con exposición esporádica, o bien situación mejorable con exposición continuada o frecuente. Es posible que suceda el daño alguna vez.",25,150,"II","Corregir y adoptar medidas de control de inmediato.","No Aceptable o Aceptable con control específico","N/A","N/A","N/A","Realizar exámenes ocupacionales periódicos con valoraciones osteomusculares.\nImplementar programa de vigilancia epidemiológica para lesiones osteomusculares.\nDesarrollar un programa de riesgo biomecánico que contemple la implementación de pausas activas y gimnasia laboral.\nCapacitar en estilos de vida y trabajo saludables.\nCapacitar en higiene postural y prevención de lesiones osteomusculares.\nGarantizar espacios de descanso al finalizar los recorridos.","Guantes de protección y Botas de Seguridad","Directora de Talento Humano"]
[{"$nulls":4},"MOVIMIENTOS REPETITIVOS","Movimientos repetitivos en miembros superiores ocasionados por el uso de herramientas manuales para realizar las actividades de polichado y lavado de vehículos.","Síndrome de túnel del carpo\nFatiga muscular\nTensión lumbar y cervical\nEspasmo muscular\nEpicondilitis",null,"Síndrome del túnel del carpo","NO","NO","Descansos y pausas en la jornada laboral.\nExámenes ocupacionales periódicos.",2,3,6,"M","Situación deficiente con exposición esporádica, o bien situación mejorable con exposición continuada o frecuente. Es posible que suceda el daño alguna vez.",25,150,"II","Corregir y adoptar medidas de control de inmediato.","No Aceptable o Aceptable con control específico","N/A","N/A","N/A","Realizar exámenes ocupacionales periódicos con valoraciones osteomusculares.\nImplementar programa de vigilancia epidemiológica para lesiones osteomusculares.\nDesarrollar un programa de riesgo biomecánico que contemple la implementación de pausas activas y gimnasia laboral .\nCapacitar en estilos de vida y trabajo saludables.\nCapacitar en riesgo biomecánico y prevención de lesiones osteomusculares.\nGarantizar espacios de descanso al finalizar los recorridos.","N/A","Directora de Talento Humano"]
[{"$nulls":3},"FÍSICO","RADIACIONES NO IONIZANTES","Radiaciones no ionizantes por el sol, con mayor intensidad en el medio día.","Migraña\nFatiga visual\nFatiga física.\nDisconfort Térmico.",null,"Fatiga física o visual.\nEritemas.","NO","NO","Paradas de descanso en el trayecto\nExámenes médicos ocupacionales periódicos.",2,2,4,"B","Situación mejorable con exposición ocasional o esporádica, o situación sin anomalía destacable con cualquier nivel de exposición. No es esperable que se materialice el riesgo, aunque puede ser concebible.",25,100,"III","Mejorar si es posible. Sería conveniente justificar la intervención y su rentabilidad.","Mejorable","N/A","N/A","N/A","Capacitación en riesgo físico.\nCapacitación en cuidado visual y estilos de vida saludables\nExámenes médicos ocupacionales periódicos.\nGarantizar espacios de descanso al terminar los recorridos.\nCapacitar en autocuidado (Uso de Bloqueador).","N/A","Directora de Talento Humano"]
[{"$nulls":4},"VIBRACION","Vibraciones en manos y brazos producidas por las herramientas eléctricas empleadas para polichar el vehículo.                                                                                                                  Vibración en manos y brazos debido al impacto de salida de agua de la manguera para la acción de lavado del vehículo.","Cefaleas\nDolores abdominales \nProblemas digestivos\nAfectación de equilibrio\nTraumatismos de la columna vertebral.\nAlteraciones osteomusculares",null,"Alteraciones osteomusculares.","NO","Mantenimiento de maquinas y herramientas.","Descansos  y pausas en el trayecto\nExámenes médicos ocupacionales periódicos..",2,3,6,"M","Situación deficiente con exposición esporádica, o bien situación mejorable con exposición continuada o frecuente. Es posible que suceda el daño alguna vez.",25,150,"II","Corregir y adoptar medidas de control de inmediato.","No Aceptable o Aceptable con control específico","N/A","N/A","Mantenimiento preventivo de los vehículos.","Hacer sensibilización en autocuidado y prevención de accidentes.\nRealizar exámenes médicos ocupacionales con valoraciones visuales.\nCapacitar en cuidado visual.\nCapacitar en seguridad vial y manejo defensivo.","N/A","Directora de Talento Humano"]
[{"$nulls":4},"TEMPERATURAS","Percepción de frio debido a que las labores se desarrollan en un espacio abierto , ropa mojada en actividades de lavado de vehículos","Disconfort térmico.\nAfecciones respiratorias.\nAfecciones musculo esqueléticas.\nBaja concentración y atención.\nSomnolencia asociada al calor.",null,"Afecciones respiratorias.\nAfecciones musculo esqueléticas.","NO","NO","NO",2,2,4,"B","Situación mejorable con exposición ocasional o esporádica, o situación sin anomalía destacable con cualquier nivel de exposición. No es esperable que se materialice el riesgo, aunque puede ser concebible.",25,100,"III","Mejorar si es posible. Sería conveniente justificar la intervención y su rentabilidad.","Mejorable","N/A","N/A","Mantenimiento preventivo del sistema de aire acondicionado de los vehículos.","Capacitar en autocuidado.\nCapacitar en prevención de enfermedades respiratorias.\nCapacitar en prevención de lesiones musculo esqueléticas.\nGarantizar la estadía en hoteles con ventilación adecuada.","Peto y Traje impermeable","Directora de Talento Humano"]
[{"$nulls":4},"ILUMINACIÓN","Exceso de luz natural por la ubicación de las instalaciones en espacio abierto.","Fatiga visual\nSobre esfuerzo visual\nAccidentes de Tránsito",null,"Fatiga visual.\nAccidentes de tránsito.","NO","NO","Descansos  y pausas en el trayecto\nExámenes médicos ocupacionales periódicos..",2,3,6,"M","Situación deficiente con exposición esporádica, o bien situación mejorable con exposición continuada o frecuente. Es posible que suceda el daño alguna vez.",25,150,"II","Corregir y adoptar medidas de control de inmediato.","No Aceptable o Aceptable con control específico","N/A","N/A","Mantenimiento preventivo de los vehículos.","Hacer sensibilización en autocuidado y prevención de accidentes.\nRealizar exámenes médicos ocupacionales con valoraciones visuales.\nCapacitar en cuidado visual.\nCapacitar en seguridad vial y manejo defensivo.","N/A","Directora de Talento Humano"]
[{"$nulls":4},"RUIDO","Ruido producido por los vehículos que transitan dentro de las instalaciones.  Además las herramientas utilizadas en el proceso continuo a donde el trabajador realiza sus actividades.","Otalgia\nTrauma Auditivo\nOtitis no infecciosa\nCefaleas magañosas\nDistracción.\nReducción temporal del  umbral auditivo",null,"Otitis no infecciosa.\nAlteraciones temporales del umbral auditivo.","NO","NO","Pausas en la actividad laboral.",2,3,6,"M","Situación deficiente con exposición esporádica, o bien situación mejorable con exposición continuada o frecuente. Es posible que suceda el daño alguna vez.",25,150,"II","Corregir y adoptar medidas de control de inmediato.","No Aceptable o Aceptable con control específico","N/A","N/A","N/A","Capacitación en riesgo físico por ruido.\nCapacitación en cuidado auditivo.\nRealizar exámenes ocupacionales (ingreso, periódicos y de retiro)  con pruebas de audiometría.","Protección Auditiva","Directora de Talento Humano"]
[{"$nulls":3},"CONDICIONES DE SEGURIDAD","ACCIDENTES DE TRÁNSITO","Los vehículos que requieren servicio parquean en la zona de trabajo.\nDesplazamientos dentro de las instalaciones.","Muerte.\nGolpes, contusiones, \npolitraumatismos.\nFracturas de huesos largos y cortos.\nTrauma cráneo cefálico de moderado a severo.",null,"Muerte","NO","NO","Capacitación en seguridad vial.\nLicencia de conducción vigente.",6,3,18,"A","Situación deficiente con exposición frecuente u ocasional, o bien situación muy deficiente con exposición ocasional o esporádica. La materialización de Riesgo es posible que suceda varias veces en la vida laboral",100,1800,"I","Situación crìtica. Suspender actividades hasta que el riesgo esté bajo control. Intervención urgente.","No Aceptable","N/A","N/A","Mantenimiento preventivo del vehículo","Capacitar en seguridad vial y manejo defensivo.\nImplementar programa de seguridad vial.\nDesarrollar actividades lúdicas de seguridad vial dentro de las instalaciones.\nCapacitar en primeros auxilios.","N/A","Directora de Talento Humano"]
[{"$nulls":4},"MECÁNICO","Uso de herramientas manuales para realizar el polichado de los vehículos.  Contacto con partes fijas y móviles del vehículo.","Cortes, laceraciones.\nGolpes, contusiones.\nAtrapamientos, aplastamientos.",null,"Atrapamientos y/o aplastamiento de miembros inferiores o superiores.","NO","NO","Inspección y entrega de EPP,s",2,2,4,"B","Situación mejorable con exposición ocasional o esporádica, o situación sin anomalía destacable con cualquier nivel de exposición. No es esperable que se materialice el riesgo, aunque puede ser concebible.",60,{"$f":"O162*R162","v":240},"II","Corregir y adoptar medidas de control de inmediato.","No Aceptable o Aceptable con control específico","N/A","N/A","N/A","Capacitar en riesgo mecánico y sensibilizar en Autocuidado,\nCapacitación en prevención de accidentes y trabajo seguro.\nCapacitación en reporte de  actos y condiciones inseguras.\nCapacitar en uso y manejo de herramientas.","Guantes PVC o Vaqueta","Directora de Talento Humano"]
[{"$nulls":4},"LOCATIVO","Presencia de cables y mangueras en el piso de forma constante.","Caídas desde el mismo nivel.  Caídas desde diferente nivel. Contusiones.  Laceraciones.  Esguinces. Fracturas.",null,"Fracturas","NO","NO","NO",2,3,6,"M","Situación deficiente con exposición esporádica, o bien situación mejorable con exposición continuada o frecuente. Es posible que suceda el daño alguna vez.",25,150,"II","Corregir y adoptar medidas de control de inmediato.","No Aceptable o Aceptable con control específico","N/A","N/A","Mantenimiento preventivo de las instalaciones de las sedes de la compañía.","Capacitar al trabajador en prevención de accidentes y autocuidado\nRealizar inspecciones de seguridad a los vehículos.\nCapacitar en prevención de caídas del mismo nivel.\nCapacitar en reporte de actos y condiciones inseguras.\nCapacitar en orden y aseo.","N/A","Directora de Talento Humano"]
[{"$nulls":3},"QUIMICO","GASES Y VAPORES","Provenientes de los vehículos que transitan en el patio o los vehículos que se acercan a la zona de trabajo, siendo estos últimos lo que parquean cerca de los trabajadores.","Afecciones del sistema respiratorio leves.\nTos, congestión nasal.\nIrritación y congestión de mucosas.\nCuadro gripal común.",null,"Afecciones respiratorias leves.","NO","NO","NO",2,1,2,"B","Situación mejorable con exposición ocasional o esporádica, o situación sin anomalía destacable con cualquier nivel de exposición. No es esperable que se materialice el riesgo, aunque puede ser concebible.",10,20,"IV","Mantener las medidas de control existentes, pero se deberían considerar soluciones o mejoras y se deben hacer comprobaciones periódicas para asegurar que el riesgo aún es aceptable.","Aceptable","N/A","N/A","N/A","Capacitar en autocuidado, prevención de enfermedades respiratorias e higiene personal.\nRealizar exámenes médicos ocupacionales.\nCapacitar en prevención de lesiones respiratorias.","Proteccón respiratoria","Directora de Talento Humano"]
[{"$nulls":4},"POLVOS","Presente en las llantas y la carrocería del vehículo a la cual el trabajador se acerca para desarrollar sus funciones.","Afecciones del sistema respiratorio leves.\nTos, congestión nasal.\nIrritación y congestión de mucosas.\nCuadro gripal común.",null,"Afecciones respiratorias.","NO","NO","NO",2,1,2,"B","Situación mejorable con exposición ocasional o esporádica, o situación sin anomalía destacable con cualquier nivel de exposición. No es esperable que se materialice el riesgo, aunque puede ser concebible.",10,20,"IV","Mantener las medidas de control existentes, pero se deberían considerar soluciones o mejoras y se deben hacer comprobaciones periódicas para asegurar que el riesgo aún es aceptable.","Aceptable","N/A","N/A","N/A","Capacitar en autocuidado, prevención de enfermedades respiratorias e higiene personal.\nRealizar exámenes médicos ocupacionales.\nCapacitar en uso de elementos de protección personal.\nCapacitar en prevención de lesiones respiratorias.","Proteccón respiratoria","Directora de Talento Humano"]
[{"$nulls":3},"PSICOSOCIAL","CONDICIONES DE LA TAREA","Monotonía en el desarrollo de las actividades.  Carga mental producida por el ejercicio de las actividades.","Cefalea. Ansiedad. Estrés laboral. Desconcentración. Trastornos de sueño. Síndrome de Burnout. Alteraciones sistémicas. Fatiga mental, desgaste cognitivo. Afectación a las relaciones laborales. Accidentes de Tránsito.  Afecciones personales.",null,"Estrés laboral.\nSíndrome de burnout.\nAfecciones personales.\nAccidentes de Tránsito.","NO","NO","No se ha realizado medición riesgo psicosocial , no se ha realizado intervención.",2,3,6,"M",{"$f":"+IF(P166=\"MA\",\"Situación deficiente con exposición continua, o muy deficiente con exposición frecuente. Normalmente la materialización del riesgo ocurre con frecuencia.\",IF(P166=\"A\",\"Situación deficiente con exposición frecuente u ocasional, o bien situación muy deficiente con exposición ocasional o esporádica. La materialización de Riesgo es posible que suceda varias veces en la vida laboral\",IF(P166=\"M\",\"Situación deficiente con exposición esporádica, o bien situación mejorable con exposición continuada o frecuente. Es posible que suceda el daño alguna vez.\",IF(P166=\"B\",\"Situación mejorable con exposición ocasional o esporádica, o situación sin anomalía destacable con cualquier nivel de exposición. No es esperable que se materialice el riesgo, aunque puede ser concebible.\",\"\"))))","v":"Situación deficiente con exposición esporádica, o bien situación mejorable con exposición continuada o frecuente. Es posible que suceda el daño alguna vez."},60,360,"II","Corregir y adoptar medidas de control de inmediato.","No Aceptable o Aceptable con control específico","N/A","N/A","N/A","Desarrollar el proceso de aplicación  de la batería de riesgo psicosocial y de intervención.\nDesarrollar programas de gimnasia laboral, que permitan romper la monotonía de las actividades.\nRealizar capacitaciones en manejo del estrés.\nCapacitar en comunicación asertiva.\nDesarrollar programa de estilos de vida y trabajo saludables, que estén vinculados con actividades de las cajas de compensación en prevención y promoción.\nRealizar capacitaciones en prevención del consumo de sustancias psicoactivas (bebidas con cafeína y consumo de tabaco).\nAbrir espacio de comunicación para recepción de sugerencias.\n","N/A","Directora de Talento Humano"]
["JEFE MANTENIMIENTO","Supervisa y hace inspecciones a la flota vehicular\nRealiza inspección a las actividades llevadas a cargo por el personal de la serviteca.","SI","BIOMECÁNICO","POSTURAS","Postura sedente prolongada durante el desarrollo de las actividades.","Dolor dorsal y lumbar\nDolor en cuello y hombros\nAlteraciones osteomusculares\n",1,"Alteraciones osteomusculares\nAlteraciones vasculares en miembros inferiores","NO","NO","Exámenes ocupacionales periódicos ",2,3,6,"M",{"$f":"+IF(P167=\"MA\",\"Situación deficiente con exposición continua, o muy deficiente con exposición frecuente. Normalmente la materialización del riesgo ocurre con frecuencia.\",IF(P167=\"A\",\"Situación deficiente con exposición frecuente u ocasional, o bien situación muy deficiente con exposición ocasional o esporádica. La materialización de Riesgo es posible que suceda varias veces en la vida laboral\",IF(P167=\"M\",\"Situación deficiente con exposición esporádica, o bien situación mejorable con exposición continuada o frecuente. Es posible que suceda el daño alguna vez.\",IF(P167=\"B\",\"Situación mejorable con exposición ocasional o esporádica, o situación sin anomalía destacable con cualquier nivel de exposición. No es esperable que se materialice el riesgo, aunque puede ser concebible.\",\"\"))))","v":"Situación deficiente con exposición esporádica, o bien situación mejorable con exposición continuada o frecuente. Es posible que suceda el daño alguna vez."},25,150,"II",{"$f":"+IF(T167=\"I\",\"Situación crìtica. Suspender actividades hasta que el riesgo esté bajo control. Intervención urgente.\",IF(T167=\"II\",\"Corregir y adoptar medidas de control de inmediato.\",IF(T167=\"III\",\"Mejorar si es posible. Sería conveniente justificar la intervención y su rentabilidad.\",IF(T167=\"IV\",\"Mantener las medidas de control existentes, pero se deberían considerar soluciones o mejoras y se deben hacer comprobaciones periódicas para asegurar que el riesgo aún es aceptable.\",\"\"))))","v":"Corregir y adoptar medidas de control de inmediato."},{"$f":"+IF(T167=\"I\",\"No Aceptable\",IF(T167=\"II\",\"No Aceptable o Aceptable con control específico\",IF(T167=\"III\",\"Mejorable\",IF(T167=\"IV\",\"Aceptable\",\"\"))))","v":"No Aceptable o Aceptable con control específico"},"N/A","N/A","Mantenimiento de sillas, Análisis de puestos de trabajo","Realizar exámenes ocupacionales periódicos con valoraciones osteomusculares.\n\nCapacitar en higiene postural y prevención de lesiones osteomusculares.\nRealizar análisis de puesto de trabajo para adecuarlo a las condiciones antropométricas del trabajador.","N/A","Directora de Talento Humano"]
[{"$nulls":4},"MOVIMIENTOS REPETITIVOS","Movimientos asociados al uso constante del computador para el desarrollo de las labores.","Síndrome de túnel del carpo\nFatiga muscular\nTensión lumbar y cervical\nEpicondilitis",null,"Síndrome del túnel del carpo","NO","NO","\nExámenes ocupacionales periódicos.",2,3,6,"M",{"$f":"+IF(P168=\"MA\",\"Situación deficiente con exposición continua, o muy deficiente con exposición frecuente. Normalmente la materialización del riesgo ocurre con frecuencia.\",IF(P168=\"A\",\"Situación deficiente con exposición frecuente u ocasional, o bien situación muy deficiente con exposición ocasional o esporádica. La materialización de Riesgo es posible que suceda varias veces en la vida laboral\",IF(P168=\"M\",\"Situación deficiente con exposición esporádica, o bien situación mejorable con exposición continuada o frecuente. Es posible que suceda el daño alguna vez.\",IF(P168=\"B\",\"Situación mejorable con exposición ocasional o esporádica, o situación sin anomalía destacable con cualquier nivel de exposición. No es esperable que se materialice el riesgo, aunque puede ser concebible.\",\"\"))))","v":"Situación deficiente con exposición esporádica, o bien situación mejorable con exposición continuada o frecuente. Es posible que suceda el daño alguna vez."},25,{"$f":"O168*R168","v":150},"II",{"$f":"+IF(T168=\"I\",\"Situación crìtica. Suspender actividades hasta que el riesgo esté bajo control. Intervención urgente.\",IF(T168=\"II\",\"Corregir y adoptar medidas de control de inmediato.\",IF(T168=\"III\",\"Mejorar si es posible. Sería conveniente justificar la intervención y su rentabilidad.\",IF(T168=\"IV\",\"Mantener las medidas de control existentes, pero se deberían considerar soluciones o mejoras y se deben hacer comprobaciones periódicas para asegurar que el riesgo aún es aceptable.\",\"\"))))","v":"Corregir y adoptar medidas de control de inmediato."},{"$f":"+IF(T168=\"I\",\"No Aceptable\",IF(T168=\"II\",\"No Aceptable o Aceptable con control específico\",IF(T168=\"III\",\"Mejorable\",IF(T168=\"IV\",\"Aceptable\",\"\"))))","v":"No Aceptable o Aceptable con control específico"},"N/A","N/A"," Análisis de puestos de trabajo con énfasis en el cargo","\nDesarrollar un programa de riesgo biomecánico que contemple la implementación de pausas activas y gimnasia laboral.  Articulado con un programa de estilos de vida y trabajo saludables.\nCapacitar en riesgo biomecánico y prevención de lesiones osteomusculares.\nRealizar exámenes ocupacionales periódicos con valoraciones osteomusculares.","N/A","Directora de Talento Humano"]
[{"$nulls":3},"FÍSICO","RADIACIONES NO IONIZANTES","Exposición a radiaciones no ionizantes por el uso frecuente del computador para el desarrollo de las actividades laborales","Migraña\nFatiga visual",null,"Fatiga visual","NO","NO","Tiempos de descanso",2,2,4,"B","Situación mejorable con exposición ocasional o esporádica, o situación sin anomalía destacable con cualquier nivel de exposición. No es esperable que se materialice el riesgo, aunque puede ser concebible.",25,100,"III","Mejorar si es posible. Sería conveniente justificar la intervención y su rentabilidad.",{"$f":"+IF(T169=\"I\",\"No Aceptable\",IF(T169=\"II\",\"No Aceptable o Aceptable con control específico\",IF(T169=\"III\",\"Mejorable\",IF(T169=\"IV\",\"Aceptable\",\"\"))))","v":"Mejorable"},"N/A","N/A","N/A","Capacitación en riesgo físico.\nCapacitación en cuidado visual y estilos de vida saludables\nImplementar programa de pausas activas\nExámenes médicos ocupacionales periódicos","N/A","Directora de Talento Humano"]
[{"$nulls":4},"RUIDO","Ruido intermitente ocasionado por el transito constante de vehículos en el patio.","Trauma Auditivo\nOtitis no infecciosa\nReducción temporal del  umbral auditivo",null,"Otitis no infecciosa","NO","NO","Exámenes Ocupacionales Periódicos.",2,4,8,"M","Situación deficiente con exposición esporádica, o bien situación mejorable con exposición continuada o frecuente. Es posible que suceda el daño alguna vez.",25,200,"II","Corregir y adoptar medidas de control de inmediato.",{"$f":"+IF(T170=\"I\",\"No Aceptable\",IF(T170=\"II\",\"No Aceptable o Aceptable con control específico\",IF(T170=\"III\",\"Mejorable\",IF(T170=\"IV\",\"Aceptable\",\"\"))))","v":"No Aceptable o Aceptable con control específico"},"N/A","N/A","N/A","Realizar estudios de Sonometría y Dosimetría en las instalaciones administrativas y operativas\nCapacitación en riesgo físico por ruido.\nCapacitación en cuidado auditivo.\nRealizar exámenes ocupacionales (ingreso, periódicos y de retiro)  con pruebas de audiometría.\nImplementar programa de pausas activas.","Proteción Auditiva","Directora de Talento Humano"]
[{"$nulls":4},"TEMPERATURAS","Percepción de calor  o frio de acuerdo al clima y horas del día  dentro y fuera de la oficina ","Rinitis\nDisconfort térmico\nBaja concentración y atención",null,"Disconfort térmico.","NO","NO","NO",2,2,4,"B","Situación mejorable con exposición ocasional o esporádica, o situación sin anomalía destacable con cualquier nivel de exposición. No es esperable que se materialice el riesgo, aunque puede ser concebible.",25,100,"III","Mejorar si es posible. Sería conveniente justificar la intervención y su rentabilidad.","Mejorable","N/A","N/A","N/A","Hacer mediciones Higiénicas de Confort Térmico","N/A","Directora de Talento Humano"]
[{"$nulls":4},"ILUMINACIÓN","Exceso  o falta de iluminación artificial y luz natural  dentro de la oficina destinada para el cargo ","Fatiga visual\nDeslumbramiento\nDistracción",null,"Fatiga visual","NO","NO","Descansos  y pausas en la actividad laboral.\nExámenes médicos ocupacionales periódicos.",2,3,6,"M","Situación deficiente con exposición esporádica, o bien situación mejorable con exposición continuada o frecuente. Es posible que suceda el daño alguna vez.",25,150,"II","Corregir y adoptar medidas de control de inmediato.","No Aceptable o Aceptable con control específico","N/A","N/A","Mantenimiento preventivo de las luminarias.","Hacer mediciones de Luxometria en cada puesto de trabajo\nRealizar exámenes médicos ocupacionales con valoraciones visuales.\nImplementar programa de pausas activas.\nCapacitar en cuidado visual.","N/A","Directora de Talento Humano"]
[{"$nulls":3},"CONDICIONES DE SEGURIDAD","ACCIDENTES DE TRÁNSITO","Desplazamientos dentro de la serviteca, donde también hay transito frecuente de vehículos.","Muerte.\nGolpes, contusiones, \npolitraumatismos.\nFracturas de huesos largos y cortos.\nTrauma cráneo cefálico de moderado a severo.",null,"Muerte","NO","NO","Capacitación en seguridad vial.\nLicencia de conducción vigente.",6,3,{"$f":"M173*N173","v":18},{"$f":"+IF(AND(M173*N173>=24,M173*N173<=40),\"MA\",IF(AND(M173*N173>=10,M173*N173<=20),\"A\",IF(AND(M173*N173>=6,M173*N173<=8),\"M\",IF(AND(M173*N173>=0,M173*N173<=4),\"B\",\"\"))))","v":"A"},"Situación deficiente con exposición frecuente u ocasional, o bien situación muy deficiente con exposición ocasional o esporádica. La materialización de Riesgo es posible que suceda varias veces en la vida laboral",100,1800,{"$f":"+IF(AND(M173*N173*R173>=600,M173*N173*R173<=4000),\"I\",IF(AND(M173*N173*R173>=150,M173*N173*R173<=500),\"II\",IF(AND(M173*N173*R173>=40,M173*N173*R173<=120),\"III\",IF(AND(M173*N173*R173>=0,M173*N173*R173<=20),\"IV\",\"\"))))","v":"I"},"Situación crìtica. Suspender actividades hasta que el riesgo esté bajo control. Intervención urgente.","No Aceptable","N/A","N/A","Mantenimiento preventivo del vehículo","Capacitar en seguridad vial y manejo defensivo.\nImplementar programa de seguridad vial.\nDesarrollar actividades lúdicas de seguridad vial dentro de las instalaciones.\nCapacitar en primeros auxilios.","N/A","Directora de Talento Humano"]
[{"$nulls":4},"MECÁNICO","Manejo de herramientas de oficina como grapadoras, perforadoras, ganchos legajadores y hojas.\nContacto con partes fijas o móviles de los muebles de oficina (Cajones).","Cortes, laceraciones.\nGolpes, contusiones.\nAtrapamientos leves.",null,"Cortes y laceraciones en manos y dedos.","NO","NO","NO",2,3,6,"M","Situación deficiente con exposición esporádica, o bien situación mejorable con exposición continuada o frecuente. Es posible que suceda el daño alguna vez.",25,150,"II","Corregir y adoptar medidas de control de inmediato.","No Aceptable o Aceptable con control específico","N/A","N/A","N/A","Capacitar en riesgo mecánico y sensibilizar en Autocuidado,\nCapacitación en prevención de accidentes y trabajo seguro.\nCapacitar en reporte de actos y condiciones inseguras.","Guantes de protección","Directora de Talento Humano"]
[{"$nulls":4},"LOCATIVO","Presencia de cables sueltos bajo el puesto\nPresencia de superficies irregulares en el transporte de su lugar de trabajo y la serviteca.","Caídas desde el mismo nivel. \nContusiones.  Laceraciones.  Esguinces.\nFracturas.",null,"Fracturas","NO","NO","NO",2,3,6,"M","Situación deficiente con exposición esporádica, o bien situación mejorable con exposición continuada o frecuente. Es posible que suceda el daño alguna vez.",25,150,"II","Corregir y adoptar medidas de control de inmediato.","No Aceptable o Aceptable con control específico","N/A","N/A","Entorchado de cables.\nMantenimiento preventivo de las instalaciones.","Capacitar al trabajador en prevención de accidentes y autocuidado\nRealizar inspecciones de seguridad.\nImplementar programas de riesgo locativo (Orden y Aseo).\nCapacitar en prevención de caídas del mismo nivel.","N/A","Directora de Talento Humano"]
[{"$nulls":3},"PSICOSOCIAL","CONDICIONES DE LA TAREA","Demandas emocionales producidas por las labores de manejo de personal. ","Ansiedad\nEstrés laboral\nDesconcentración\nTrastornos de sueño\n",null,"Estrés laboral\nSíndrome de burnout","NO","NO","No se ha realizado medición riesgo psicosocial , no se ha realizado intervención.",2,3,6,"M","Situación deficiente con exposición esporádica, o bien situación mejorable con exposición continuada o frecuente. Es posible que suceda el daño alguna vez.",25,150,"II","Corregir y adoptar medidas de control de inmediato.","No Aceptable o Aceptable con control específico","N/A","N/A","N/A","Desarrollar proceso de aplicación de la batería de riesgo psicosocial y el proceso de intervención.\nDesarrollar programas de gimnasia laboral, que permitan romper la monotonía de las actividades.\nRealizar capacitaciones en manejo del estrés.\nCapacitar en liderazgo, comunicación asertiva y servicio al cliente.\nDesarrollar programa de estilos de vida y trabajo saludables, que estén vinculados con actividades de las cajas de compensación en prevención y promoción.\nRealizar capacitaciones en prevención del consumo de sustancias psicoactivas (bebidas con cafeína y consumo de tabaco).","N/A","Directora de Talento Humano"]
["ALMACENISTA","Recepción de Pedidos                                                                                                                                                                                                                                                                                                             Manejo Programa (Siigo)                                                                                                                                                                                                                                                                                                                         Manejo de Inventario, atención al público.","SI","BIOMECÁNICO","POSTURAS","Postura en bipedestación y posturas forzadas durante la revisión de insumos del almacén, al igual que en la entrega y dispensación de los mismos. \nPostura sedente prolongada en el desarrollo de labores administrativas del cargo.","Dolor dorsal y lumbar\nDolor en cuello y hombros\nAlteraciones osteomusculares\nTensión en discos intervertebrales\nInflamación de miembros inferiores\nAlteraciones vasculares en miembros inferiores",1,"Alteraciones osteomusculares\nAlteraciones vasculares en miembros inferiores (Venas varices)","NO","NO","Descansos y pausas en la jornada laboral.\nExámenes médicos ocupacionales periódicos.",2,3,{"$f":"M177*N177","v":6},{"$f":"+IF(AND(M177*N177>=24,M177*N177<=40),\"MA\",IF(AND(M177*N177>=10,M177*N177<=20),\"A\",IF(AND(M177*N177>=6,M177*N177<=8),\"M\",IF(AND(M177*N177>=0,M177*N177<=4),\"B\",\"\"))))","v":"M"},"Situación deficiente con exposición esporádica, o bien situación mejorable con exposición continuada o frecuente. Es posible que suceda el daño alguna vez.",25,150,{"$f":"+IF(AND(M177*N177*R177>=600,M177*N177*R177<=4000),\"I\",IF(AND(M177*N177*R177>=150,M177*N177*R177<=500),\"II\",IF(AND(M177*N177*R177>=40,M177*N177*R177<=120),\"III\",IF(AND(M177*N177*R177>=0,M177*N177*R177<=20),\"IV\",\"\"))))","v":"II"},"Corregir y adoptar medidas de control de inmediato.","No Aceptable o Aceptable con control específico","N/A","N/A","N/A","Realizar exámenes ocupacionales periódicos con valoraciones osteomusculares.\nImplementar programa de vigilancia epidemiológica para lesiones osteomusculares.\nDesarrollar un programa de riesgo biomecánico que contemple la implementación de pausas activas y gimnasia laboral.\nCapacitar en estilos de vida y trabajo saludables.\nCapacitar en higiene postural y prevención de lesiones osteomusculares.\nGarantizar espacios de descanso al finalizar los recorridos.","N/A","Directora de Talento Humano"]
[{"$nulls":4},"MANIPULACION MANUAL DE CARGAS","Levantamiento y manipulación de elementos del almacén para almacenarlos y entregarlos cuando son solicitados.","Dolor dorsal y lumbar\nDolor en cuello y hombros\nAlteraciones osteomusculares\nTensión en discos intervertebrales\nInflamación de miembros inferiores\nAlteraciones vasculares en miembros inferiores",null,"Alteraciones osteomusculares\nAlteraciones vasculares en miembros inferiores (Venas varices)","NO","NO","Descansos y pausas en la jornada laboral.\nExámenes médicos ocupacionales periódicos.",2,3,6,"M","Situación deficiente con exposición esporádica, o bien situación mejorable con exposición continuada o frecuente. Es posible que suceda el daño alguna vez.",25,150,"II","Corregir y adoptar medidas de control de inmediato.","No Aceptable o Aceptable con control específico","N/A","N/A","N/A","Realizar exámenes ocupacionales periódicos con valoraciones osteomusculares.\nImplementar programa de vigilancia epidemiológica para lesiones osteomusculares.\nDesarrollar un programa de riesgo biomecánico que contemple la implementación de pausas activas y gimnasia laboral.\nCapacitar en estilos de vida y trabajo saludables.\nCapacitar en higiene postural y prevención de lesiones osteomusculares.\nGarantizar espacios de descanso al finalizar los recorridos.","Guantes y Botas de Seguridad","Directora de Talento Humano"]
[{"$nulls":4},"MOVIMIENTOS REPETITIVOS","Uso de equipo de computo para alimentación del inventario dando salida a los repuestos y elementos entregados según las ordenes de pedido","Síndrome de túnel del carpo\nFatiga muscular\nTensión lumbar y cervical\nEspasmo muscular\nEpicondilitis",null,"Síndrome del túnel del carpo","NO","NO","Descansos y pausas en la jornada laboral.\nExámenes ocupacionales periódicos.",2,3,6,"M","Situación deficiente con exposición esporádica, o bien situación mejorable con exposición continuada o frecuente. Es posible que suceda el daño alguna vez.",25,150,"II","Corregir y adoptar medidas de control de inmediato.","No Aceptable o Aceptable con control específico","N/A","N/A","N/A","Realizar exámenes ocupacionales periódicos con valoraciones osteomusculares.\nImplementar programa de vigilancia epidemiológica para lesiones osteomusculares.\nDesarrollar un programa de riesgo biomecánico que contemple la implementación de pausas activas y gimnasia laboral .\nCapacitar en estilos de vida y trabajo saludables.\nCapacitar en riesgo biomecánico y prevención de lesiones osteomusculares.\nGarantizar espacios de descanso al finalizar los recorridos.","N/A","Directora de Talento Humano"]
[{"$nulls":3},"FÍSICO","RADIACIONES NO IONIZANTES","Asociadas al uso del computador.","Migraña\nFatiga visual\nFatiga física.\nDisconfort Térmico.",null,"Fatiga física o visual.\nEritemas.","NO","NO","Paradas de descanso en el trayecto\nExámenes médicos ocupacionales periódicos.",2,2,4,"B","Situación mejorable con exposición ocasional o esporádica, o situación sin anomalía destacable con cualquier nivel de exposición. No es esperable que se materialice el riesgo, aunque puede ser concebible.",25,100,"III","Mejorar si es posible. Sería conveniente justificar la intervención y su rentabilidad.","Mejorable","N/A","N/A","N/A","Capacitación en riesgo físico.\nCapacitación en cuidado visual y estilos de vida saludables\nExámenes médicos ocupacionales periódicos.\nGarantizar espacios de descanso al terminar los recorridos.\nCapacitar en autocuidado (Uso de Bloqueador).","N/A","Directora de Talento Humano"]
[{"$nulls":4},"TEMPERATURAS","Percepción de frio dentro de las instalaciones","Disconfort térmico.\nAfecciones respiratorias.\nAfecciones musculo esqueléticas.\nBaja concentración y atención.\nSomnolencia asociada al calor.",null,"Afecciones respiratorias.\nAfecciones musculo esqueléticas.","NO","NO","NO",2,2,4,"B","Situación mejorable con exposición ocasional o esporádica, o situación sin anomalía destacable con cualquier nivel de exposición. No es esperable que se materialice el riesgo, aunque puede ser concebible.",25,100,"III","Mejorar si es posible. Sería conveniente justificar la intervención y su rentabilidad.","Mejorable","N/A","N/A","Mantenimiento preventivo del sistema de aire acondicionado de los vehículos.","Capacitar en autocuidado.\nCapacitar en prevención de enfermedades respiratorias.\nCapacitar en prevención de lesiones musculo esqueléticas.\nGarantizar la estadía en hoteles con ventilación adecuada.","N/A","Directora de Talento Humano"]
[{"$nulls":4},"ILUMINACIÓN","Ausencia de iluminación natural.  Uso de iluminación artificial constante.","Fatiga visual\nSobre esfuerzo visual\nAccidentes de Tránsito",null,"Fatiga visual.\nAccidentes de tránsito.","NO","NO","Descansos  y pausas en el trayecto\nExámenes médicos ocupacionales periódicos..",2,3,6,"M","Situación deficiente con exposición esporádica, o bien situación mejorable con exposición continuada o frecuente. Es posible que suceda el daño alguna vez.",25,150,"II","Corregir y adoptar medidas de control de inmediato.","No Aceptable o Aceptable con control específico","N/A","N/A","Mantenimiento preventivo de los vehículos.","Hacer sensibilización en autocuidado y prevención de accidentes.\nRealizar exámenes médicos ocupacionales con valoraciones visuales.\nCapacitar en cuidado visual.\nCapacitar en seguridad vial y manejo defensivo.","N/A","Directora de Talento Humano"]
[{"$nulls":4},"RUIDO","Ruido intermitente producido por los vehículos que se llegan a la zona de ejecución de tareas (serviteca).","Otalgia\nTrauma Auditivo\nOtitis no infecciosa\nCefaleas magañosas\nDistracción.\nReducción temporal del  umbral auditivo",null,"Otitis no infecciosa.\nAlteraciones temporales del umbral auditivo.","NO","NO","Pausas en la actividad laboral.",2,3,6,"M","Situación deficiente con exposición esporádica, o bien situación mejorable con exposición continuada o frecuente. Es posible que suceda el daño alguna vez.",25,150,"II","Corregir y adoptar medidas de control de inmediato.","No Aceptable o Aceptable con control específico","N/A","N/A","N/A","Capacitación en riesgo físico por ruido.\nCapacitación en cuidado auditivo.\nRealizar exámenes ocupacionales (ingreso, periódicos y de retiro)  con pruebas de audiometría.","N/A","Directora de Talento Humano"]
[{"$nulls":3},"CONDICIONES DE SEGURIDAD","ACCIDENTES DE TRÁNSITO","Desplazamientos dentro de la serviteca, donde también hay transito frecuente de vehículos.","Muerte.\nGolpes, contusiones, \npolitraumatismos.\nFracturas de huesos largos y cortos.\nTrauma cráneo cefálico de moderado a severo.",null,"Muerte","NO","NO","Capacitación en seguridad vial.\nLicencia de conducción vigente.",6,3,18,"A","Situación deficiente con exposición frecuente u ocasional, o bien situación muy deficiente con exposición ocasional o esporádica. La materialización de Riesgo es posible que suceda varias veces en la vida laboral",100,1800,"I","Situación crìtica. Suspender actividades hasta que el riesgo esté bajo control. Intervención urgente.","No Aceptable","N/A","N/A","Mantenimiento preventivo del vehículo","Capacitar en seguridad vial y manejo defensivo.\nImplementar programa de seguridad vial.\nDesarrollar actividades lúdicas de seguridad vial dentro de las instalaciones.\nCapacitar en primeros auxilios.","N/A","Directora de Talento Humano"]
[{"$nulls":4},"MECÁNICO","Para desarrollar las actividades del almacén el trabajador entra en contacto con productos de repuestos durante la organización de los productos que llegan o al momento de entregarlos al cliente.","Cortes, laceraciones.\nGolpes, contusiones.\nAtrapamientos, aplastamientos.",null,"Atrapamientos y/o aplastamiento de miembros inferiores o superiores.","NO","NO","NO",2,2,4,"B","Situación mejorable con exposición ocasional o esporádica, o situación sin anomalía destacable con cualquier nivel de exposición. No es esperable que se materialice el riesgo, aunque puede ser concebible.",60,{"$f":"O185*R185","v":240},"II","Corregir y adoptar medidas de control de inmediato.","No Aceptable o Aceptable con control específico","N/A","N/A","N/A","Capacitar en riesgo mecánico y sensibilizar en Autocuidado,\nCapacitación en prevención de accidentes y trabajo seguro.\nCapacitación en reporte de  actos y condiciones inseguras.\nCapacitar en uso y manejo de herramientas.","N/A","Directora de Talento Humano"]
[{"$nulls":4},"LOCATIVO","Caída de objetos del almacenamiento.","Caídas desde el mismo nivel.  Caídas desde diferente nivel. Contusiones.  Laceraciones.  Esguinces. Fracturas.",null,"Fracturas","NO","NO","NO",2,3,6,"M","Situación deficiente con exposición esporádica, o bien situación mejorable con exposición continuada o frecuente. Es posible que suceda el daño alguna vez.",25,{"$f":"O186*R186","v":150},"II","Corregir y adoptar medidas de control de inmediato.","No Aceptable o Aceptable con control específico","N/A","N/A","Mantenimiento preventivo de las instalaciones de las sedes de la compañía.","Capacitar al trabajador en prevención de accidentes y autocuidado\nRealizar inspecciones de seguridad a los vehículos.\nCapacitar en prevención de caídas del mismo nivel.\nCapacitar en reporte de actos y condiciones inseguras.\nCapacitar en orden y aseo.","Guantes y Botas de Seguridad","Directora de Talento Humano"]
[{"$nulls":3},"QUIMICO","POLVO","Presencia de partículas de polvo en los elementos que están en almacenamiento.","Afecciones del sistema respiratorio leves.\nTos, congestión nasal.\nIrritación y congestión de mucosas.\nCuadro gripal común.",null,"Afecciones respiratorias.","NO","NO","NO",2,1,2,"B","Situación mejorable con exposición ocasional o esporádica, o situación sin anomalía destacable con cualquier nivel de exposición. No es esperable que se materialice el riesgo, aunque puede ser concebible.",10,{"$f":"O187*R187","v":20},"IV","Mantener las medidas de control existentes, pero se deberían considerar soluciones o mejoras y se deben hacer comprobaciones periódicas para asegurar que el riesgo aún es aceptable.","Aceptable","N/A","N/A","N/A","Capacitar en autocuidado, prevención de enfermedades respiratorias e higiene personal.\nRealizar exámenes médicos ocupacionales.\nCapacitar en uso de elementos de protección personal.\nCapacitar en prevención de lesiones respiratorias.","N/A","Directora de Talento Humano"]
[{"$nulls":3},"PSICOSOCIAL","CONDICIONES DE LA TAREA","Las actividades dentro del almacén generan carga mental por la responsabilidad del manejo del inventario, ya que se dispone de piezas de alta calidad lo cual representa un alto costo.  Monotonía en el desarrollo de las actividades.","Cefalea. Ansiedad. Estrés laboral. Desconcentración. Trastornos de sueño. Síndrome de Burnout. Alteraciones sistémicas. Fatiga mental, desgaste cognitivo. Afectación a las relaciones laborales. Accidentes de Tránsito.  Afecciones personales.",null,"Estrés laboral.\nSíndrome de burnout.\nAfecciones personales.\nAccidentes de Tránsito.","NO","NO","No se ha realizado medición riesgo psicosocial , no se ha realizado intervención.",2,3,6,"M",{"$f":"+IF(P188=\"MA\",\"Situación deficiente con exposición continua, o muy deficiente con exposición frecuente. Normalmente la materialización del riesgo ocurre con frecuencia.\",IF(P188=\"A\",\"Situación deficiente con exposición frecuente u ocasional, o bien situación muy deficiente con exposición ocasional o esporádica. La materialización de Riesgo es posible que suceda varias veces en la vida laboral\",IF(P188=\"M\",\"Situación deficiente con exposición esporádica, o bien situación mejorable con exposición continuada o frecuente. Es posible que suceda el daño alguna vez.\",IF(P188=\"B\",\"Situación mejorable con exposición ocasional o esporádica, o situación sin anomalía destacable con cualquier nivel de exposición. No es esperable que se materialice el riesgo, aunque puede ser concebible.\",\"\"))))","v":"Situación deficiente con exposición esporádica, o bien situación mejorable con exposición continuada o frecuente. Es posible que suceda el daño alguna vez."},60,{"$f":"O188*R188","v":360},"II","Corregir y adoptar medidas de control de inmediato.","No Aceptable o Aceptable con control específico","N/A","N/A","N/A","Desarrollar el proceso de aplicación  de la batería de riesgo psicosocial y de intervención.\nDesarrollar programas de gimnasia laboral, que permitan romper la monotonía de las actividades.\nRealizar capacitaciones en manejo del estrés.\nCapacitar en comunicación asertiva.\nDesarrollar programa de estilos de vida y trabajo saludables, que estén vinculados con actividades de las cajas de compensación en prevención y promoción.\nRealizar capacitaciones en prevención del consumo de sustancias psicoactivas (bebidas con cafeína y consumo de tabaco).\nAbrir espacio de comunicación para recepción de sugerencias.\n","N/A","Directora de Talento Humano"]
["MENSAJERO","Realizar labres de entrega y recepción de Mensajeria.","SI","BIOMECÁNICO","POSTURAS","Postura sedente prolongada durante el desarrollo actividades.","Dolor dorsal y lumbar\nDolor en cuello y hombros\nAlteraciones osteomusculares\n",1,"Alteraciones osteomusculares\nAlteraciones vasculares en miembros inferiores","NO","NO","Exámenes ocupacionales periódicos , se asignan descansa pies de acuerdo a necesidad encontrada en análisis de puestos de la ARL.",2,3,{"$f":"M189*N189","v":6},{"$f":"+IF(AND(M189*N189>=24,M189*N189<=40),\"MA\",IF(AND(M189*N189>=10,M189*N189<=20),\"A\",IF(AND(M189*N189>=6,M189*N189<=8),\"M\",IF(AND(M189*N189>=0,M189*N189<=4),\"B\",\"\"))))","v":"M"},{"$f":"+IF(P189=\"MA\",\"Situación deficiente con exposición continua, o muy deficiente con exposición frecuente. Normalmente la materialización del riesgo ocurre con frecuencia.\",IF(P189=\"A\",\"Situación deficiente con exposición frecuente u ocasional, o bien situación muy deficiente con exposición ocasional o esporádica. La materialización de Riesgo es posible que suceda varias veces en la vida laboral\",IF(P189=\"M\",\"Situación deficiente con exposición esporádica, o bien situación mejorable con exposición continuada o frecuente. Es posible que suceda el daño alguna vez.\",IF(P189=\"B\",\"Situación mejorable con exposición ocasional o esporádica, o situación sin anomalía destacable con cualquier nivel de exposición. No es esperable que se materialice el riesgo, aunque puede ser concebible.\",\"\"))))","v":"Situación deficiente con exposición esporádica, o bien situación mejorable con exposición continuada o frecuente. Es posible que suceda el daño alguna vez."},25,{"$f":"O189*R189","v":150},{"$f":"+IF(AND(M189*N189*R189>=600,M189*N189*R189<=4000),\"I\",IF(AND(M189*N189*R189>=150,M189*N189*R189<=500),\"II\",IF(AND(M189*N189*R189>=40,M189*N189*R189<=120),\"III\",IF(AND(M189*N189*R189>=0,M189*N189*R189<=20),\"IV\",\"\"))))","v":"II"},{"$f":"+IF(T189=\"I\",\"Situación crìtica. Suspender actividades hasta que el riesgo esté bajo control. Intervención urgente.\",IF(T189=\"II\",\"Corregir y adoptar medidas de control de inmediato.\",IF(T189=\"III\",\"Mejorar si es posible. Sería conveniente justificar la intervención y su rentabilidad.\",IF(T189=\"IV\",\"Mantener las medidas de control existentes, pero se deberían considerar soluciones o mejoras y se deben hacer comprobaciones periódicas para asegurar que el riesgo aún es aceptable.\",\"\"))))","v":"Corregir y adoptar medidas de control de inmediato."},{"$f":"+IF(T189=\"I\",\"No Aceptable\",IF(T189=\"II\",\"No Aceptable o Aceptable con control específico\",IF(T189=\"III\",\"Mejorable\",IF(T189=\"IV\",\"Aceptable\",\"\"))))","v":"No Aceptable o Aceptable con control específico"},"N/A","N/A","Mantenimiento de sillas, Análisis de puestos de trabajo","Realizar exámenes ocupacionales periódicos con valoraciones osteomusculares.\n\nCapacitar en higiene postural y prevención de lesiones osteomusculares.\nRealizar análisis de puesto de trabajo para adecuarlo a las condiciones antropométricas del trabajador.","N/A","Directora de Talento Humano"]
[{"$nulls":4},"MOVIMIENTOS REPETITIVOS","Movimientos asociados al desplazamiento constante para el desarrollo de las labores.","Síndrome de túnel del carpo\nFatiga muscular\nTensión lumbar y cervical\nEpicondilitis",null,"Síndrome del túnel del carpo","NO","NO","\nExámenes ocupacionales periódicos.",2,3,6,"M",{"$f":"+IF(P190=\"MA\",\"Situación deficiente con exposición continua, o muy deficiente con exposición frecuente. Normalmente la materialización del riesgo ocurre con frecuencia.\",IF(P190=\"A\",\"Situación deficiente con exposición frecuente u ocasional, o bien situación muy deficiente con exposición ocasional o esporádica. La materialización de Riesgo es posible que suceda varias veces en la vida laboral\",IF(P190=\"M\",\"Situación deficiente con exposición esporádica, o bien situación mejorable con exposición continuada o frecuente. Es posible que suceda el daño alguna vez.\",IF(P190=\"B\",\"Situación mejorable con exposición ocasional o esporádica, o situación sin anomalía destacable con cualquier nivel de exposición. No es esperable que se materialice el riesgo, aunque puede ser concebible.\",\"\"))))","v":"Situación deficiente con exposición esporádica, o bien situación mejorable con exposición continuada o frecuente. Es posible que suceda el daño alguna vez."},25,{"$f":"O190*R190","v":150},"II",{"$f":"+IF(T190=\"I\",\"Situación crìtica. Suspender actividades hasta que el riesgo esté bajo control. Intervención urgente.\",IF(T190=\"II\",\"Corregir y adoptar medidas de control de inmediato.\",IF(T190=\"III\",\"Mejorar si es posible. Sería conveniente justificar la intervención y su rentabilidad.\",IF(T190=\"IV\",\"Mantener las medidas de control existentes, pero se deberían considerar soluciones o mejoras y se deben hacer comprobaciones periódicas para asegurar que el riesgo aún es aceptable.\",\"\"))))","v":"Corregir y adoptar medidas de control de inmediato."},{"$f":"+IF(T190=\"I\",\"No Aceptable\",IF(T190=\"II\",\"No Aceptable o Aceptable con control específico\",IF(T190=\"III\",\"Mejorable\",IF(T190=\"IV\",\"Aceptable\",\"\"))))","v":"No Aceptable o Aceptable con control específico"},"N/A","N/A"," Análisis de puestos de trabajo con énfasis en el cargo","\nDesarrollar un programa de riesgo biomecánico que contemple la implementación de pausas activas y gimnasia laboral.  Articulado con un programa de estilos de vida y trabajo saludables.\nCapacitar en riesgo biomecánico y prevención de lesiones osteomusculares.\nRealizar exámenes ocupacionales periódicos con valoraciones osteomusculares.","N/A","Directora de Talento Humano"]
[{"$nulls":3},"FÍSICO","RADIACIONES NO IONIZANTES","Exposición a radiaciones no ionizantes en las oficinas por Computadoras","Migraña\nFatiga visual",null,"Fatiga visual","NO","NO","Tiempos de descanso",2,2,4,"B","Situación mejorable con exposición ocasional o esporádica, o situación sin anomalía destacable con cualquier nivel de exposición. No es esperable que se materialice el riesgo, aunque puede ser concebible.",25,100,"III","Mejorar si es posible. Sería conveniente justificar la intervención y su rentabilidad.",{"$f":"+IF(T191=\"I\",\"No Aceptable\",IF(T191=\"II\",\"No Aceptable o Aceptable con control específico\",IF(T191=\"III\",\"Mejorable\",IF(T191=\"IV\",\"Aceptable\",\"\"))))","v":"Mejorable"},"N/A","N/A","N/A","Capacitación en riesgo físico.\nCapacitación en cuidado visual y estilos de vida saludables\nImplementar programa de pausas activas\nExámenes médicos ocupacionales periódicos","N/A","Directora de Talento Humano"]
[{"$nulls":4},"RUIDO","Ruido leve  ocasionado por exceso de personas en una misma área , transito constante de personal , espacios de trabajo reducidos","Trauma Auditivo\nOtitis no infecciosa\nReducción temporal del  umbral auditivo",null,"Otitis no infecciosa","NO","NO","Exámenes Ocupacionales Periódicos.",2,4,8,"M","Situación deficiente con exposición esporádica, o bien situación mejorable con exposición continuada o frecuente. Es posible que suceda el daño alguna vez.",25,200,"II","Corregir y adoptar medidas de control de inmediato.",{"$f":"+IF(T192=\"I\",\"No Aceptable\",IF(T192=\"II\",\"No Aceptable o Aceptable con control específico\",IF(T192=\"III\",\"Mejorable\",IF(T192=\"IV\",\"Aceptable\",\"\"))))","v":"No Aceptable o Aceptable con control específico"},"N/A","N/A","N/A","Realizar estudios de Sonometría y Dosimetría en las instalaciones administrativas y operativas\nCapacitación en riesgo físico por ruido.\nCapacitación en cuidado auditivo.\nRealizar exámenes ocupacionales (ingreso, periódicos y de retiro)  con pruebas de audiometría.\nImplementar programa de pausas activas.","Protección Auditiva","Directora de Talento Humano"]
[{"$nulls":4},"TEMPERATURAS","Percepción de calor  o frio de acuerdo al clima y horas del día  dentro de la oficina ","Rinitis\nDisconfort térmico\nBaja concentración y atención",null,"Disconfort térmico.","NO","NO","NO",2,2,4,"B","Situación mejorable con exposición ocasional o esporádica, o situación sin anomalía destacable con cualquier nivel de exposición. No es esperable que se materialice el riesgo, aunque puede ser concebible.",25,100,"III","Mejorar si es posible. Sería conveniente justificar la intervención y su rentabilidad.","Mejorable","N/A","N/A","N/A","Hacer mediciones Higiénicas de Confort Térmico","N/A","Directora de Talento Humano"]
[{"$nulls":4},"ILUMINACIÓN","Exceso o falta de  iluminación artificial y luz natural dentro de la oficina destinada para el cargo","Fatiga visual\nDeslumbramiento\nDistracción",null,"Fatiga visual","NO","NO","Descansos  y pausas en la actividad laboral.\nExámenes médicos ocupacionales periódicos.",2,3,6,"M","Situación deficiente con exposición esporádica, o bien situación mejorable con exposición continuada o frecuente. Es posible que suceda el daño alguna vez.",25,150,"II","Corregir y adoptar medidas de control de inmediato.","No Aceptable o Aceptable con control específico","N/A","N/A","Mantenimiento preventivo de las luminarias.","Hacer mediciones de Luxometria en cada puesto de trabajo\nRealizar exámenes médicos ocupacionales con valoraciones visuales.\nImplementar programa de pausas activas.\nCapacitar en cuidado visual.","N/A","Directora de Talento Humano"]
[{"$nulls":3},"CONDICIONES DE SEGURIDAD","MECÁNICO","Manejo de herramientas de oficina como grapadoras, perforadoras, ganchos legajadores y hojas.\nContacto con partes fijas o móviles de los muebles de oficina (Cajones).","Cortes, laceraciones.\nGolpes, contusiones.\nAtrapamientos leves.",null,"Cortes y laceraciones en manos y dedos.","NO","NO","NO",2,3,6,"M","Situación deficiente con exposición esporádica, o bien situación mejorable con exposición continuada o frecuente. Es posible que suceda el daño alguna vez.",25,150,"II","Corregir y adoptar medidas de control de inmediato.","No Aceptable o Aceptable con control específico","N/A","N/A","N/A","Capacitar en riesgo mecánico y sensibilizar en Autocuidado,\nCapacitación en prevención de accidentes y trabajo seguro.\nCapacitar en reporte de actos y condiciones inseguras.","N/A","Directora de Talento Humano"]
[{"$nulls":4},"LOCATIVO","Presencia de cables sueltos bajo el puesto\nPresencia de superficies irregulares en el transito de las instalaciones de la compañía.","Caídas desde el mismo nivel. \nContusiones.  Laceraciones.  Esguinces.\nFracturas.",null,"Fracturas","NO","NO","NO",2,3,6,"M","Situación deficiente con exposición esporádica, o bien situación mejorable con exposición continuada o frecuente. Es posible que suceda el daño alguna vez.",25,150,"II","Corregir y adoptar medidas de control de inmediato.","No Aceptable o Aceptable con control específico","N/A","N/A","Entorchado de cables.\nMantenimiento preventivo de las instalaciones.","Capacitar al trabajador en prevención de accidentes y autocuidado\nRealizar inspecciones de seguridad.\nImplementar programas de riesgo locativo (Orden y Aseo).\nCapacitar en prevención de caídas del mismo nivel.","N/A","Directora de Talento Humano"]
[{"$nulls":3},"PSICOSOCIAL","CONDICIONES DE LA TAREA","Monotonía en el desarrollo de las actividades.  Carga mental producida por el ejercicio de las actividades y elaboración de informes a la dirección Operativa.","Ansiedad\nEstrés laboral\nDesconcentración\nTrastornos de sueño\n",null,"Estrés laboral\nSíndrome de burnout","NO","NO","No se ha realizado medición riesgo psicosocial , no se ha realizado intervención.",2,3,6,"M","Situación deficiente con exposición esporádica, o bien situación mejorable con exposición continuada o frecuente. Es posible que suceda el daño alguna vez.",25,150,"II","Corregir y adoptar medidas de control de inmediato.","No Aceptable o Aceptable con control específico","N/A","N/A","N/A","Desarrollar proceso de aplicación de la batería de riesgo psicosocial.\nDesarrollar programas de gimnasia laboral, que permitan romper la monotonía de las actividades.\nRealizar capacitaciones en manejo del estrés.\nCapacitar en liderazgo, comunicación asertiva y servicio al cliente.\nDesarrollar programa de estilos de vida y trabajo saludables, que estén vinculados con actividades de las cajas de compensación en prevención y promoción.\nRealizar capacitaciones en prevención del consumo de sustancias psicoactivas (bebidas con cafeína y consumo de tabaco).","N/A","Directora de Talento Humano"]

{"sheet":" PRIORIZACION AQUI SU EMPRESA","index":2,"n_rows":32,"n_cols":8,"rows_kept":32,"merged":[[1,1,3,3],[1,4,1,7],[4,1,31,1],[4,2,7,2],[4,3,7,3],[8,2,23,2],[8,3,23,3],[24,2,28,2],[24,3,28,3],[29,2,31,2],[29,3,31,3]]}
[]
[null,"VALOR DEL NR",null,null,"NIVEL DE CONSECUENCIA (NC)"]
[{"$nulls":4},"LEVE ","GRAVE","MUY GRAVE","MORTAL O CATASTRÓFICO"]
[{"$nulls":4},10,25,60,100]
[null,"ESTIMACIÓN DEL NIVEL DE RIESGO (NR)","I","4000 - 600",{"$nulls":3},"CONDICIONES DE SEGURIDAD"]
[{"$nulls":7},"1. Accidentes de transito"]
[{"$nulls":7},"2. Público"]
[]
[null,null,"II","500 - 150",null,"PSICOSOCIAL"]
[{"$nulls":5},"1.Condiciones de la tarea"]
[{"$nulls":5},"QUÍMICO"]
[{"$nulls":5},"1.Líquidos"]
[{"$nulls":5},"CONDICIONES DE SEGURIDAD"]
[{"$nulls":5},"1. Locativo"]
[{"$nulls":5},"2. Mecánico"]
[]
[{"$nulls":5},"BIOMECÁNICO"]
[{"$nulls":5},"1.Movimientos Repetitivos"]
[{"$nulls":5},"2.Posturas"]
[{"$nulls":5},"3. Levantamiento de Cargas"]
[{"$nulls":5},"FÍSICO"]
[{"$nulls":5},"1.Ruido"]
[{"$nulls":5},"2. Iluminación"]
[{"$nulls":5},"3.Vibraciones"]
[null,null,"III","120 - 40"]
[{"$nulls":4},"BIOLOGICO","FÍSICO"]
[{"$nulls":4},"1. Virus y Bacterias","1.Temperatura"]
[{"$nulls":4},"2. Electrico","2. Radiaciones no ionizantes"]
[]
[null,null,"IV",20,"QUÍMICO"]
[{"$nulls":4},"1.Gases y Vapores"]
[{"$nulls":4},"2.Polvos"]